{"text_format":"3","workbook":"xlsx","n_sheets":2,"sheets":["报废-资产","报废-材料"],"not_rendered":{"images":3,"defined_names":14,"comments":2},"read":"whole","date_system":"1900"}

{"sheet":"报废-资产","index":0,"n_rows":329,"n_cols":15,"rows_kept":329,"merged":[[0,0,0,14]]}
["零配件盘点表盘点表（报废资产）"]
["序号","名称","型号","出厂编号","编号","单位","归属设备名称","地面储存数量\n能够继续使用部分","地面储存数量\n不能够继续使用部分","备注1","备注2","原值单价","原值金额","资产卡片号","净值"]
[1,"高压洗车机",{"$nulls":3},"个",null,null,1,null,"材料棚，已损坏不具备维修价值。报废",{"v":3275.86,"d":"3,275.86"},{"v":3275.86,"d":"3,275.86"},"02031",98.28]
[2,"微机分段保护测控装置",{"$nulls":3},"个",null,null,7,null,"主排水泵房淘汰下来，报废",{"v":7000,"d":"7,000.00"},{"v":49000,"d":"49,000.00"},"01421",{"v":210,"d":"210.00"}]
[3,"热风机",{"$nulls":3},"台","建矿时井口加热",null,1,null,"材料棚，旧,无铭牌，淘汰",{"v":139000,"d":"139,000.00"},{"v":139000,"d":"139,000.00"},"01337",{"v":3561.53777777778,"d":"3,561.54"}]
[4,"变频控制箱",{"$nulls":3},"台","配套建矿时热风机使用",null,1,"随热风机主机报废-29","材料棚，旧,无铭牌，淘汰",{"v":7487,"d":"7,487.00"},{"v":7487,"d":"7,487.00"},"01338",224.61]
[5,"瓦斯检测仪充电柜",{"$nulls":3},"台",null,null,1,null,"材料棚，报废，淘汰",{"v":418,"d":"418.00"},{"v":418,"d":"418.00"},"00168",{"v":2384.07,"d":"2,384.07"}]
[6,"和面机",{"$nulls":3},"台",null,1,null,null,"四号库，旧，报废",{"v":2600,"d":"2,600.00"},{"v":2600,"d":"2,600.00"},"00016",{"v":78,"d":"78.00"}]
[7,"隔爆兼本质安全型直流稳压电源","KDW0.6/127-C",null,null,"台",null,null,1,"资产账","四号库，新，2012年生产，现无使用位置，报废",{"v":29923.08,"d":"29,923.08"},{"v":29923.08,"d":"29,923.08"},"01962",897.69]
[8,"甲烷传感器","GJC4(B)型",null,null,"台",null,null,1,null,"4号库外，空地，2010年12月产品，报废",{"v":5897.44,"d":"5,897.44"},{"v":5897.44,"d":"5,897.44"},"01486",176.92]
[9,"矿井压风自救装置","ZYJ-M6",null,null,"套",null,null,1,null,"三号库，报废",{"v":1709.43,"d":"1,709.43"},{"v":1709.43,"d":"1,709.43"},"01319",51.28]
[10,"扩音电话",{"$nulls":3},"台",null,null,1,null,"三号库，报废",{"v":16063.04,"d":"16,063.04"},{"v":16063.04,"d":"16,063.04"},"01212",481.89]
[11,"服务器","IBMX3650M4",null,null,"台",null,null,6,"调度设备，系统总价，随系统报废","三号库，报废",{"v":0,"d":"0.00"},{"v":1490402.9,"d":"1,490,402.90"},"00092",{"v":44712.09,"d":"44,712.09"}]
[12,"服务器","IS-VSE2326B-BBC",null,null,"台",null,null,2,"调度设备","三号库，报废",{"v":0,"d":"0.00"},{"v":0,"d":"0.00"}]
[13,"服务器","delle17s",null,null,"台",null,null,1,"调度设备","三号库，报废",{"v":0,"d":"0.00"},{"v":0,"d":"0.00"}]
[14,"服务器","ACP-2010MB",null,null,"台",null,null,2,"调度设备","三号库，报废",{"v":0,"d":"0.00"},{"v":0,"d":"0.00"}]
[15,"云调度客户端",{"$nulls":3},"套",null,null,1,"调度设备","三号库，报废，3台",{"v":15384.62,"d":"15,384.62"},{"v":15384.62,"d":"15,384.62"},"01351",461.54]
[16,"无线录音机",{"$nulls":3},"台",null,null,2,null,"三号库，报废",{"v":2871.79,"d":"2,871.79"},{"v":5743.58,"d":"5,743.58"},"01957",86.15]
[17,"交换机",{"$nulls":3},"台",null,null,2,"调度设备","三号库，报废",{"v":300,"d":"300.00"},{"v":0,"d":"0.00"}]
[18,"交换机","华为SZ700",null,null,"台",null,null,1,"调度设备","三号库，报废",{"v":300,"d":"300.00"},{"v":0,"d":"0.00"}]
[19,"路由器","百兆",null,null,"台",null,null,5,"调度设备","三号库，报废",{"v":200,"d":"200.00"},{"v":0,"d":"0.00"}]
[20,"针式打印机","EPSONLQ-630K",null,null,"台",null,null,1,null,"三号库，报废",{"v":1850,"d":"1,850.00"},{"v":1850,"d":"1,850.00"},"00095",{"v":55.5,"d":"55.50"}]
[21,"交换机",{"$nulls":3},"台",null,null,4,"调度设备","三号库，报废",{"v":300,"d":"300.00"},{"v":0,"d":"0.00"}]
[22,"变频器",{"$nulls":3},"个",null,null,1,null,"三号库，报废，原消防泵房使用",{"v":7718.45,"d":"7,718.45"},{"v":7718.45,"d":"7,718.45"},"00250",231.55]
[23,"矿用隔爆兼本安型计算机","KJD127",null,null,"台",null,null,1,null,"设备库，报废，带键盘，2013.11",{"v":33185.84,"d":"33,185.84"},{"v":33185.84,"d":"33,185.84"},"01777",997.47]
[24,"高压清洗机","QL-200",null,null,"台",null,null,1,null,"设备库，报废",{"v":3275.86,"d":"3,275.86"},{"v":3275.86,"d":"3,275.86"},"02031",98.28]
[25,"矿用本安型操作台","TH-24",null,null,"台",null,null,1,null,"设备库，报废",{"v":29059.83,"d":"29,059.83"},{"v":29059.83,"d":"29,059.83"},"01943",871.79]
[26,"矿用各班兼本安型远程控制箱","AC127V KDG-127/3-4",null,null,"台",null,null,1,null,"设备库，报废",{"v":4867.256637,"d":"4,867.26"},{"v":4867.256637,"d":"4,867.26"},"01215",140.41]
[27,"数码高清电视","CHISE17SEWZ",null,null,"台",null,null,2,null,"设备库，报废",{"v":2400,"d":"2,400.00"},{"v":4800,"d":"4,800.00"},"00033",{"v":144,"d":"144.00"}]
[28,"键盘",{"$nulls":3},"个",null,null,12,"随主机报废","设备库，报废",{"v":0,"d":"0.00"},{"v":0,"d":"0.00"}]
[29,"联想显示器","L197WA",null,null,"台",null,null,1,"同主机报废","设备库，报废，2008产品",{"v":0,"d":"0.00"},{"v":0,"d":"0.00"}]
[30,"联想主机","开天 M6900",null,null,"台",null,null,1,null,"设备库，报废,2008",{"v":5892,"d":"5,892.00"},{"v":5892,"d":"5,892.00"},"00051",176.76]
[31,"联想显示器","LCM-L17AB",null,null,"台",null,null,1,"同主机报废","设备库，报废，2005.8.2",{"v":0,"d":"0.00"},{"v":0,"d":"0.00"}]
[32,"联想主机","扬天 M200CSY2",null,null,"台",null,null,1,null,"设备库，报废,2005",{"v":3950,"d":"3,950.00"},{"v":3950,"d":"3,950.00"},"01526",{"v":118.5,"d":"118.50"}]
[33,"显示器","联想20寸",null,null,"台",null,null,3,"同主机报废","三号库，报废",{"v":0,"d":"0.00"},{"v":0,"d":"0.00"}]
[34,"主机","扬天 M3310d-10",null,null,"台",null,null,2,null,"设备库，报废",{"v":6262.13666666667,"d":"6,262.14"},{"v":12524.27333,"d":"12,524.27"},"01860",{"v":375.726666666667,"d":"375.73"}]
[35,"主机","扬天T5900V",null,null,"台",null,null,1,null,"设备库，报废,2007",{"v":6262.13666666667,"d":"6,262.14"},{"v":6262.136667,"d":"6,262.14"},"01860",{"v":187.863333333333,"d":"187.86"}]
[36,"联想显示器","20寸",null,null,"台",null,null,1,"同主机报废","设备库，报废",{"v":0,"d":"0.00"},{"v":0,"d":"0.00"}]
[37,"微型计算机（主机）","扬天 M2613D",null,null,"台",null,null,1,null,"设备库，报废,2013",{"v":6262.13666666667,"d":"6,262.14"},{"v":6262.136667,"d":"6,262.14"},"01860",{"v":187.863333333333,"d":"187.86"}]
[38,"ACER显示器","V193",null,null,"台",null,null,1,"同主机报废","设备库，报废，2011",{"v":0,"d":"0.00"},{"v":0,"d":"0.00"}]
[39,"主机","多彩科技  Delux",null,null,"台",null,null,1,null,"设备库，报废",{"v":6262.13666666667,"d":"6,262.14"},{"v":6262.136667,"d":"6,262.14"},"01860",{"v":187.863333333333,"d":"187.86"}]
[40,"DELL显示器","E2215HVF",null,null,"台",null,null,1,"同主机报废","设备库，报废",{"v":0,"d":"0.00"},{"v":0,"d":"0.00"}]
[41,"微型计算机（主机）","启天  B4360-N001",null,null,"台",null,null,1,null,"设备库，报废",{"v":3333.33,"d":"3,333.33"},{"v":3333.33,"d":"3,333.33"},"01501",{"v":100,"d":"100.00"}]
[42,"显示器","联想17寸",null,null,"台",null,null,1,"同主机报废","三号库，报废",{"v":0,"d":"0.00"},{"v":0,"d":"0.00"}]
[43,"联想显示器","LS2013WA",null,null,"台",null,null,3,"同主机报废","设备库，报废",{"v":0,"d":"0.00"},{"v":0,"d":"0.00"}]
[44,"显示器","惠科21寸",null,null,"台",null,null,1,"同主机报废","三号库，报废",{"v":0,"d":"0.00"},{"v":0,"d":"0.00"}]
[45,"显示器","imagic22寸",null,null,"台",null,null,1,"同主机报废","三号库，报废",{"v":0,"d":"0.00"},{"v":0,"d":"0.00"}]
[46,"显示器","三星22寸",null,null,"台",null,null,1,"同主机报废","三号库，报废",{"v":0,"d":"0.00"},{"v":0,"d":"0.00"}]
[47,"显示器","三星19寸",null,null,"台",null,null,1,"同主机报废","三号库，报废",{"v":0,"d":"0.00"},{"v":0,"d":"0.00"}]
[48,"联想主机箱",{"$nulls":3},"台",null,null,1,null,"三号库，报废",{"v":3300,"d":"3,300.00"},{"v":3300,"d":"3,300.00"},"00040",{"v":99,"d":"99.00"}]
[49,"联想主机箱",{"$nulls":3},"台",null,null,1,null,null,{"v":4200,"d":"4,200.00"},{"v":4200,"d":"4,200.00"},"00043",{"v":126,"d":"126.00"}]
[50,"联想主机箱",{"$nulls":3},"台",null,null,1,null,null,{"v":5111.11,"d":"5,111.11"},{"v":5111.11,"d":"5,111.11"},"00047",153.33]
[51,"联想主机箱",{"$nulls":3},"台",null,null,5,null,null,{"v":5892,"d":"5,892.00"},{"v":29460,"d":"29,460.00"},"00051",{"v":883.8,"d":"883.80"}]
[52,"显示器","acer22寸",null,null,"台",null,null,1,"同主机报废","三号库，报废",{"v":0,"d":"0.00"},{"v":0,"d":"0.00"}]
[53,"联想电脑","包括键盘鼠标",null,null,"套",null,null,1,null,"1号库14号货架，报废，主机2010年产品，显示器2012年产品",{"v":4102.56,"d":"4,102.56"},{"v":4102.56,"d":"4,102.56"},"01504",123.08]
[54,"SMSuNG显示器","E2220W",null,null,"台",null,null,1,"同主机报废","设备库，报废,2010",{"v":0,"d":"0.00"},{"v":0,"d":"0.00"}]
[55,"二维码扫描器","TX200V",null,null,"台",null,null,1,"同主机报废","设备库，报废",{"v":0,"d":"0.00"},{"v":0,"d":"0.00"}]
[56,"微型计算机（主机）","启天B4360-B015",null,null,"台",null,null,1,null,"设备库，报废,2013",{"v":3200,"d":"3,200.00"},{"v":3200,"d":"3,200.00"},"01960",{"v":96,"d":"96.00"}]
[57,"联想显示端","V21-10  A17210FV0",null,null,"台",null,null,1,"同主机报废","设备库，报废,2018.5",{"v":0,"d":"0.00"},{"v":0,"d":"0.00"}]
[58,"联想主机","家悦H24.1",null,null,"台",null,null,1,null,"设备库，报废，2008",{"v":6262.13666666667,"d":"6,262.14"},{"v":6262.136667,"d":"6,262.14"},"01860",{"v":187.863333333333,"d":"187.86"}]
[59,"显示器","三星124寸",null,null,"台",null,null,1,"调度设备","三号库，报废",{"v":0,"d":"0.00"},{"v":0,"d":"0.00"}]
[60,"方式科技显示器","FH980-WY",null,null,"台",null,null,1,"调度设备","设备库，报废,2008",{"v":0,"d":"0.00"},{"v":0,"d":"0.00"}]
[61,"八亿B控显示器",{"$nulls":3},"台",null,null,1,"调度设备","设备库，报废，2006",{"v":0,"d":"0.00"},{"v":0,"d":"0.00"}]
[62,"HKC液晶显示器","S9819",null,null,"台",null,null,1,"调度设备","设备库，报废",{"v":0,"d":"0.00"},{"v":0,"d":"0.00"}]
[63,"显示器","20寸",null,null,"台",null,null,1,null,"1号库13号货架，旧，无维修价值，报废",{"v":1460,"d":"1,460.00"},{"v":1460,"d":"1,460.00"},"00042",{"v":43.8,"d":"43.80"}]
[64,"三星多功能一体机","SCX-4200",null,null,"台",null,null,1,"调度设备","设备库，报废，2012",{"v":1400,"d":"1,400.00"},{"v":0,"d":"0.00"}]
[65,"三星多功能一体机","SF-560R",null,null,"台",null,null,1,"调度设备","设备库，报废",{"v":2000,"d":"2,000.00"},{"v":0,"d":"0.00"}]
[66,"三星多功能一体机","SCX-3401",null,null,"台",null,null,1,"调度设备","设备库，报废,2013",{"v":900,"d":"900.00"},{"v":0,"d":"0.00"}]
[67,"日松彩色电视",{"$nulls":3},"台",null,null,1,null,"设备库，报废",{"v":2400,"d":"2,400.00"},{"v":2400,"d":"2,400.00"},"00033",{"v":72,"d":"72.00"}]
[68,"扫描仪","T510 影源科技  C350",null,null,"台",null,null,1,"调度设备","设备库，报废,2013",{"v":2000,"d":"2,000.00"},{"v":0,"d":"0.00"}]
[69,"爱普升打印机",1390,null,null,"台",null,null,1,null,"设备库，报废，2013",{"v":2900,"d":"2,900.00"},{"v":2900,"d":"2,900.00"},"00056",{"v":87,"d":"87.00"}]
[70,"TCL电视",{"$nulls":3},"台",null,null,1,null,"设备库，报废",{"v":2400,"d":"2,400.00"},{"v":2400,"d":"2,400.00"},"00033",{"v":72,"d":"72.00"}]
[71,"惠普扫描仪","BOiS-0405-06",null,null,"台",null,null,1,null,"设备库，报废",{"v":4614.53,"d":"4,614.53"},{"v":4614.53,"d":"4,614.53"},"00164",138.44]
[72,"甲烷传感器","GJC4（A）",null,null,"个",null,null,2,null,"设备库，报废",{"v":4957.26,"d":"4,957.26"},{"v":9914.52,"d":"9,914.52"},"01364",297.44]
[73,"激光打印机","LT6150",null,null,"台",null,null,1,"同338","设备库，报废",null,{"v":0,"d":"0.00"}]
[74,"煤矿用负压传感器",{"$nulls":3},"台",null,null,1,null,null,{"v":8923.12,"d":"8,923.12"},{"v":8923.12,"d":"8,923.12"},"01368",267.69]
[75,"功放",{"$nulls":3},"台",null,null,1,null,null,{"v":6300,"d":"6,300.00"},{"v":6300,"d":"6,300.00"},"01235",{"v":189,"d":"189.00"}]
[76,"针式打印机","LQ-690K",null,null,"台",null,null,1,null,"设备库，报废",{"v":3500,"d":"3,500.00"},{"v":3500,"d":"3,500.00"},"00096",{"v":105,"d":"105.00"}]
[77,"针式打印机",{"$nulls":3},"台",null,null,1,null,null,{"v":2893.21,"d":"2,893.21"},{"v":2893.21,"d":"2,893.21"},"01654",{"v":86.8,"d":"86.80"}]
[78,"针式打印机",{"$nulls":3},"台",null,null,2,null,null,{"v":2550,"d":"2,550.00"},{"v":5100,"d":"5,100.00"},"01791",{"v":153,"d":"153.00"}]
[79,"针式打印机","LQ-680K2",null,null,"台",null,null,1,null,"设备库，报废",{"v":2800,"d":"2,800.00"},{"v":2800,"d":"2,800.00"},"00093",{"v":84,"d":"84.00"}]
[80,"针式打印机",{"$nulls":3},"台",null,null,1,null,"设备库，报废",{"v":3200,"d":"3,200.00"},{"v":3200,"d":"3,200.00"},"00177",{"v":96,"d":"96.00"}]
[81,"针式打印机",{"$nulls":3},"台",null,null,1,null,"设备库，报废",null,{"v":0,"d":"0.00"},"01505",26.92]
[82,"得实票据打印机","AR580P",null,null,"台",null,null,2,null,"设备库，报废",{"v":2400,"d":"2,400.00"},{"v":4800,"d":"4,800.00"},"00057",{"v":72,"d":"72.00"}]
[83,"得实打印机","AR-580P",null,null,"台",null,null,1,null,"设备库，报废",{"v":1280,"d":"1,280.00"},{"v":1280,"d":"1,280.00"},"00158",{"v":38.4,"d":"38.40"}]
[84,"针式打印机","NX530",null,null,"台",null,null,1,null,"设备库，报废",{"v":2000,"d":"2,000.00"},{"v":2000,"d":"2,000.00"},"01429",{"v":60,"d":"60.00"}]
[85,"针式打印机",{"$nulls":3},"台",null,null,1,null,null,{"v":2000,"d":"2,000.00"},{"v":2000,"d":"2,000.00"},"01431",{"v":60,"d":"60.00"}]
[86,"针式打印机",{"$nulls":3},"台",null,null,1,null,null,{"v":1068.38,"d":"1,068.38"},{"v":1068.38,"d":"1,068.38"},"01938",32.05]
[87,"针式打印机",{"$nulls":3},"台",null,null,1,null,null,{"v":1068.38,"d":"1,068.38"},{"v":1068.38,"d":"1,068.38"},"01939",32.05]
[88,"针式打印机","LQ-515K",null,null,"台",null,null,1,null,"设备库，报废",{"v":2960,"d":"2,960.00"},{"v":2960,"d":"2,960.00"},"00159",{"v":88.8,"d":"88.80"}]
[89,"得实打印机","DS-650Pro",null,null,"台",null,null,1,null,"设备库，报废",{"v":1850,"d":"1,850.00"},{"v":1850,"d":"1,850.00"},"00087",{"v":55.5,"d":"55.50"}]
[90,"矿用直流电焊机","KY-400",null,null,"台",null,null,1,null,"设备库，报废",{"v":4200,"d":"4,200.00"},{"v":4200,"d":"4,200.00"},"01165",{"v":126,"d":"126.00"}]
[91,"矿用电焊机","BX1-315-II",null,null,"台",null,null,1,null,"设备库，报废",{"v":5600,"d":"5,600.00"},{"v":5600,"d":"5,600.00"},"01248",{"v":168,"d":"168.00"}]
[92,"交流弧焊机","BX1-500-II",null,null,"台",null,null,1,null,"设备库，报废",{"v":8200,"d":"8,200.00"},{"v":8200,"d":"8,200.00"},"01246",{"v":246,"d":"246.00"}]
[93,"立式砂轮机",{"$nulls":3},"个",null,null,1,null,null,{"v":3200,"d":"3,200.00"},{"v":3200,"d":"3,200.00"},"01434",{"v":96,"d":"96.00"}]
[94,"焊机","BX1-500",null,null,"个",null,null,1,null,"设备库，报废",{"v":2393.16,"d":"2,393.16"},{"v":2393.16,"d":"2,393.16"},"01529",71.79]
[95,"束管连接箱","JSG9-J",null,null,"个",null,null,1,"系统整体已报废","1号库，旧，已淘汰，报废",{"v":0,"d":"0.00"},{"v":0,"d":"0.00"},"01384"]
[96,"投入式液位传感器",{"$nulls":3},"个",null,null,2,null,null,{"v":9422.1,"d":"9,422.10"},{"v":18844.2,"d":"18,844.20"},"01374",565.33]
[97,"矿用本安型无线定位基站","KJ323-DJ",null,null,"个",null,null,2,null,"1号库，旧，人员定位系统已更换厂家，大连高端产品",{"v":8152.30833333333,"d":"8,152.31"},{"v":16304.61667,"d":"16,304.62"},"01390",{"v":489.138571428571,"d":"489.14"}]
[98,"防爆接线箱","ejx-10/10L2/620",null,null,"个",null,null,1,null,"1号库，旧，无价值，2013.10产品",{"v":1440,"d":"1,440.00"},{"v":1440,"d":"1,440.00"},"00444",28.45]
[99,"高压综合保护测控装置","QLZB-YG",null,null,"个",null,null,1,null,"1号库，坏，无维修价值，报废",{"v":18000.01,"d":"18,000.01"},{"v":18000.01,"d":"18,000.01"},"01422",{"v":540,"d":"540.00"}]
[100,"高压电网综合保护器","GZBY-Ⅱ",null,null,"个","朗威达移变，现井下剩下一台",null,1,null,"1号库，无维修价值，报废",{"v":14529.91,"d":"14,529.91"},{"v":14529.91,"d":"14,529.91"},"01360",{"v":435.9,"d":"435.90"}]
[101,"煤矿用一氧化碳传感器","GTH1000",null,null,"个",null,null,3,null,"1号库，过期，报废，有效期到2014年",{"v":9695.21,"d":"9,695.21"},{"v":29085.63,"d":"29,085.63"},"01377",{"v":872.568,"d":"872.57"}]
[102,"甲烷巡更检测仪","JCB-C4",null,null,"个",null,null,1,null,"1号库，淘汰，报废，江苏三恒产品",867.54,867.54,"01371",{"v":26.026,"d":"26.03"}]
[103,"工控机","TPC-820",null,null,"台",null,null,1,null,"1号库13号货架，无维修价值，报废",{"v":9401.71,"d":"9,401.71"},{"v":9401.71,"d":"9,401.71"},"01628",282.05]
[104,"一体化振动变送器","HZ-892A",null,null,"个",null,null,1,null,"1号库13号货架，旧，无维修价值，报废",{"v":4958.95,"d":"4,958.95"},{"v":4958.95,"d":"4,958.95"},"00643",148.77]
[105,"一体化振动变送器","HZ-892A",null,null,"个",null,null,1,null,null,{"v":4958.95,"d":"4,958.95"},{"v":4958.95,"d":"4,958.95"},"00644",148.77]
[106,"一体化振动变送器","HZ-892A",null,null,"个",null,null,1,null,null,{"v":4958.95,"d":"4,958.95"},{"v":4958.95,"d":"4,958.95"},"00645",148.77]
[107,"一体化振动变送器","HZ-892A",null,null,"个",null,null,1,null,null,{"v":4958.95,"d":"4,958.95"},{"v":4958.95,"d":"4,958.95"},"00646",148.77]
[108,"4h氧气呼吸器","HYZ4",null,null,"个",null,null,16,null,"1号库15号货架后勤库,过期，报废",null,{"v":39316.2,"d":"39,316.20"},"01314",{"v":1179.49,"d":"1,179.49"}]
[109,"4h氧气呼吸器","HYZ4",null,null,"台",{"$nulls":6},{"v":92735.02,"d":"92,735.02"},"01440",{"v":2782.05,"d":"2,782.05"}]
[110,"单体液压支柱","DW35-150/100",null,null,"根",null,null,1,null,"洗煤厂机修库，无维修价值",{"v":2916.95,"d":"2,916.95"},{"v":2916.95,"d":"2,916.95"},"00925",87.51]
[111,"设备列车",{"$nulls":3},"节",null,null,1,null,"供应科厂区，现已变成自移列车，报废",{"v":18033.21,"d":"18,033.21"},{"v":18033.21,"d":"18,033.21"},"01003",{"v":541,"d":"541.00"}]
[112,"设备列车",{"$nulls":3},"节",null,null,1,null,null,{"v":18033.21,"d":"18,033.21"},{"v":18033.21,"d":"18,033.21"},"01004",{"v":541,"d":"541.00"}]
[113,"设备列车",{"$nulls":3},"节",null,null,1,null,null,{"v":18033.21,"d":"18,033.21"},{"v":18033.21,"d":"18,033.21"},"01005",{"v":541,"d":"541.00"}]
[114,"设备列车",{"$nulls":3},"节",null,null,1,null,null,{"v":18033.21,"d":"18,033.21"},{"v":18033.21,"d":"18,033.21"},"01006",{"v":541,"d":"541.00"}]
[115,"设备列车",{"$nulls":3},"节",null,null,1,null,null,{"v":18033.21,"d":"18,033.21"},{"v":18033.21,"d":"18,033.21"},"01069",{"v":541,"d":"541.00"}]
[116,"设备列车",{"$nulls":3},"节",null,null,1,null,"筒仓厂区，淘汰，报废",{"v":18033.21,"d":"18,033.21"},{"v":18033.21,"d":"18,033.21"},"01070",{"v":541,"d":"541.00"}]
[117,"设备列车",{"$nulls":3},"节",null,null,1,null,null,{"v":18033.21,"d":"18,033.21"},{"v":18033.21,"d":"18,033.21"},"01071",{"v":541,"d":"541.00"}]
[118,"设备列车",{"$nulls":3},"节",null,null,1,null,null,{"v":18033.21,"d":"18,033.21"},{"v":18033.21,"d":"18,033.21"},"01072",{"v":541,"d":"541.00"}]
[119,"设备列车",{"$nulls":3},"节",null,null,1,null,null,{"v":18033.21,"d":"18,033.21"},{"v":18033.21,"d":"18,033.21"},"01073",{"v":541,"d":"541.00"}]
[120,"设备列车",{"$nulls":3},"节",null,null,1,null,null,{"v":18033.21,"d":"18,033.21"},{"v":18033.21,"d":"18,033.21"},"00998",{"v":541,"d":"541.00"}]
[121,"设备列车",{"$nulls":3},"节",null,null,1,null,null,{"v":18033.21,"d":"18,033.21"},{"v":18033.21,"d":"18,033.21"},"00999",{"v":541,"d":"541.00"}]
[122,"设备列车",{"$nulls":3},"节",null,null,1,null,null,{"v":18033.21,"d":"18,033.21"},{"v":18033.21,"d":"18,033.21"},"01000",{"v":541,"d":"541.00"}]
[123,"设备列车",{"$nulls":3},"节",null,null,1,null,null,{"v":18033.21,"d":"18,033.21"},{"v":18033.21,"d":"18,033.21"},"01001",{"v":541,"d":"541.00"}]
[124,"设备列车",{"$nulls":3},"节",null,null,1,null,null,{"v":18033.21,"d":"18,033.21"},{"v":18033.21,"d":"18,033.21"},"01002",{"v":541,"d":"541.00"}]
[125,"设备列车调度绞车",{"$nulls":3},"台",null,null,1,null,"筒仓厂区，淘汰，报废",{"v":98290.6,"d":"98,290.60"},{"v":98290.6,"d":"98,290.60"},"01301",{"v":2948.72,"d":"2,948.72"}]
[126,"电源箱","KDW17",null,null,"台",null,null,1,null,"报废。进水(北翼)，通风区库房",{"v":27264,"d":"27,264.00"},{"v":27264,"d":"27,264.00"},"01368",817.92]
[127,"断电仪",{"$nulls":3},"台",null,null,1,null,null,{"v":5200,"d":"5,200.00"},{"v":5200,"d":"5,200.00"},"01485",{"v":156,"d":"156.00"}]
[128,"工控机","610L",null,null,"台",null,null,1,null,"通风区库房，坏，无维修价值，报废",{"v":40187.07,"d":"40,187.07"},{"v":40187.07,"d":"40,187.07"},"01940",{"v":1205.61,"d":"1,205.61"}]
[129,"煤矿用移动金属屏蔽监视型橡套软电缆","MYPTJ-8.7/10 3×35+3×16/3+3×2.5",null,72,"米",null,null,240,null,"水淹报废",136.59,{"v":43000.425,"d":"43,000.43"},"00683",{"v":1290.015,"d":"1,290.02"}]
[130,"煤矿用移动金属屏蔽监视型橡套软电缆","MYPTJ-8.7/10 3×35+3×16/3+3×2.5",null,73,"米",null,null,300,null,"水淹报废",136.59,{"v":75000.82,"d":"75,000.82"},"01453",{"v":2250.025,"d":"2,250.03"}]
[131,"煤矿用交联聚乙烯绝缘聚氯乙烯护套钢带铠装电力电缆","MYJV22-8.7/10 3×240",null,null,"米",null,null,60,null,"水淹报废",{"v":448.9415421436,"d":"448.94"},{"v":26936.492528616,"d":"26,936.49"},"01083",{"v":808.094734651405,"d":"808.09"}]
[132,"煤矿用移动金属屏蔽监视型橡套软电缆","MYPTJ-8.7/10 3×35+3×16/3+3×2.5",null,65,"米",null,null,370,null,"绝缘阻值不符合要求报废",136.59,{"v":75000.82,"d":"75,000.82"},"01453",{"v":1125.0125,"d":"1,125.01"}]
[133,"煤矿用移动金属屏蔽监视型橡套软电缆","MYPTJ-8.7/10 3×50+3×16/3+3×2.5",null,null,"米",null,null,106,null,"绝缘阻值不符合要求报废",158.67,{"v":16819.02,"d":"16,819.02"},"02076",{"v":24305.8828125,"d":"24,305.88"}]
[134,"煤矿用移动屏蔽橡套软电缆","MYP-0.66/1.14 3×35+1×10",null,66,"米",null,null,200,null,"绝缘阻值不符合要求报废",{"v":87.1681666666667,"d":"87.17"},{"v":27657.44,"d":"27,657.44"},"01097",829.72]
[135,"采煤机金属屏蔽橡套软电缆","MCPT-1.9/3.3 3×70+1×50/3×10",null,67,"米",null,null,380,null,"绝缘阻值不符合要求报废",{"v":324.597842857143,"d":"324.60"},{"v":123347.180285714,"d":"123,347.18"},"01096",{"v":3700.41557142857,"d":"3,700.42"}]
[136,"采煤机金属屏蔽橡套软电缆","MCPT-1.9/3.3 3×150+1×70/3×10",null,68,"米",null,null,470,null,"绝缘阻值不符合要求报废",{"v":734.51328,"d":"734.51"},{"v":357057.63,"d":"357,057.63"},"01095",{"v":10711.73,"d":"10,711.73"}]
[137,"电缆","1×300",null,69,"米",null,null,300,null,"绝缘阻值不符合要求报废",{"v":438.053096153846,"d":"438.05"},{"v":131415.928846154,"d":"131,415.93"},"02430",{"v":3942.47788461538,"d":"3,942.48"}]
[138,"煤矿用交联聚乙烯绝缘聚氯乙烯护套钢带铠装电力电缆","MYJV22-8.7/10 3×240",null,70,"米",null,null,380,null,"绝缘阻值不符合要求报废",{"v":448.9415421436,"d":"448.94"},{"v":170597.786014568,"d":"170,597.79"},"01083",{"v":5117.9333194589,"d":"5,117.93"}]
[139,"煤矿用交联聚乙烯绝缘聚氯乙烯护套钢带铠装电力电缆","MYJV22-8.7/10 3×35",null,70,"米",null,null,150,null,"绝缘阻值不符合要求报废",{"v":137.116750223814,"d":"137.12"},{"v":20567.5125335721,"d":"20,567.51"},"00404",{"v":617.025067144136,"d":"617.03"}]
[140,"煤矿用交联聚乙烯绝缘聚氯乙烯护套钢带铠装电力电缆","MYJV22-8.7/10 3×95",null,null,"米",null,null,217,null,"绝缘阻值不符合要求报废",{"v":191.62393,"d":"191.62"},{"v":41582.39281,"d":"41,582.39"},"00679",{"v":1247.47224,"d":"1,247.47"}]
[141,"煤矿用移动金属屏蔽监视型橡套软电缆","MYPTJ-8.7/10 3×50+3×16/3+3×2.5",null,null,"米",null,null,150,null,"绝缘阻值不符合要求报废",158.67,{"v":23800.5,"d":"23,800.50"},"02076",{"v":24305.8828125,"d":"24,305.88"}]
[142,"风机用隔爆型双电源真空磁动器","QJZ-2*80","0203N02",null,"台",null,null,1,null,"豪鑫维修过",{"v":8820.3,"d":"8,820.30"},{"v":8820.3,"d":"8,820.30"},"01613",264.61]
[143,"矿用隔爆兼本质安全型真空电磁起动器","QJZ2-400-1440/660V",1204067,null,"台",null,null,1,null,"2012年出厂，通电后不能启动，浙江嵘荣欣防爆电器生产，不是我矿主要使用厂家，建议无维修价值",{"v":10256.41,"d":"10,256.41"},{"v":10256.41,"d":"10,256.41"},"01889",307.69]
[144,"矿用隔爆兼本质安全型馈电开关","KBZ-200-1440/660V",null,null,"台",null,null,1,null,"2009年出厂，长治贝克，无维修价值",{"v":7964.6,"d":"7,964.60"},{"v":7964.6,"d":"7,964.60"},"01284",{"v":271.105,"d":"271.11"}]
[145,"矿用隔爆兼本质安全型真空电磁起动器","QJZ2-60-1440/660V",13103838,null,"台",null,null,1,null,"2013年出厂，带水位、带通信，无维修价值，淮南万泰。可作为配件开关。",{"v":3606.64,"d":"3,606.64"},{"v":3606.64,"d":"3,606.64"},"00765",{"v":108.2,"d":"108.20"}]
[146,"矿用隔爆兼本质安全型真空电磁起动器","QJZ2-60-1440/660V",13103863,null,"台",null,null,1,null,"2013年出厂，无维修价值，淮南万泰。可作为配件开关。",{"v":3606.64,"d":"3,606.64"},{"v":3606.64,"d":"3,606.64"},"00766",{"v":108.2,"d":"108.20"}]
[147,"矿用隔爆兼本质安全型馈电开关","KBZ-400-1440/660V",13107750,null,"台",null,null,1,null,"2013年出厂，无通信，无维修价值",{"v":6068.38,"d":"6,068.38"},{"v":6068.38,"d":"6,068.38"},"00688",182.05]
[148,"矿用隔爆兼本质安全型真空电磁起动器","QJZ2-400-1440/660V",17110540,null,"台",null,null,1,null,"2017年出厂，电光，无通信，淘汰，",{"v":6946.31,"d":"6,946.31"},{"v":6946.31,"d":"6,946.31"},"01607",208.39]
[149,"矿用隔爆兼本质安全型真空电磁起动器","KBZ-200-1440/660V",20120931,null,"台",null,null,1,null,"2012年出厂，无维修价值，浙江荣欣。",{"v":7964.6,"d":"7,964.60"},{"v":7964.6,"d":"7,964.60"},"01284",{"v":271.105,"d":"271.11"}]
[150,"矿用隔爆兼本质安全型馈电开关","KBZ-630-1440/660V",139098031,null,"台",null,null,1,null,"2013年出厂，淮南万泰，报废。作为拆配件开关。",{"v":11721.59,"d":"11,721.59"},{"v":11721.59,"d":"11,721.59"},"01189",351.65]
[151,"矿用隔爆兼本质安全型馈电开关","KBZ-200-1440/660V",12063485,null,"台",null,null,1,null,"电光，无维修价值。",{"v":7964.6,"d":"7,964.60"},{"v":7964.6,"d":"7,964.60"},"01284",{"v":271.105,"d":"271.11"}]
[152,"矿用隔爆兼本质安全型真空电磁起动器","QJZ-60-1440/660V",13103810,null,"台",null,null,1,null,"淮南万泰，2013年出厂，报废。作为拆配件开关。",{"v":3418.81,"d":"3,418.81"},{"v":3418.81,"d":"3,418.81"},"01138",102.56]
[153,"矿用隔爆兼本质安全型真空电磁起动器","QJZ2-60-1440/660V",13103837,null,"台",null,null,1,null,"淮南万泰，2013年出厂，报废。作为拆配件开关。",{"v":3418.81,"d":"3,418.81"},{"v":3418.81,"d":"3,418.81"},"01139",102.56]
[154,"风机用隔爆型双电源真空磁动器","QBZ-2*80-1440/660V",1311759,null,"台",null,null,1,null,"浙江浦东，2013年出厂，豪鑫维修过，不能启动，报废。",{"v":15384.6,"d":"15,384.60"},{"v":15384.6,"d":"15,384.60"},"01663",461.54]
[155,"矿用隔爆兼本质安全型馈电开关",{"$nulls":3},"台",null,null,1,null,"无铭牌，送电后分闸，在送电就漏电，本体内部有锈蚀，豪鑫维修过，建议报废。",{"v":6666.67,"d":"6,666.67"},{"v":6666.67,"d":"6,666.67"},"01477",{"v":200,"d":"200.00"}]
[156,"矿用隔爆兼本质安全型真空电磁起动器","QJZ2-60-1440/660V","看不清",null,"台",null,null,1,null,"2014年出厂，无通讯，报废。",{"v":3418.81,"d":"3,418.81"},{"v":3418.81,"d":"3,418.81"},"01141",102.56]
[157,"矿用隔爆型照明信号综合保护装置  ","ZBZ-4.0/1140(660)M",null,null,"台",null,null,1,null,"设备库，淘汰设备",{"$f":"M159/I159","v":{"v":2795.14,"d":"2,795.14"}},{"v":2795.14,"d":"2,795.14"},"00773",83.85]
[158,"矿用隔爆型照明信号综合保护装置  ","ZBZ-4.0/1140(660)M",null,null,"台",null,null,1,null,null,{"v":2795.14,"d":"2,795.14"},{"v":2795.14,"d":"2,795.14"},"00774",83.85]
[159,"矿用隔爆型照明信号综合保护装置  ","ZBZ-4.0/1140(660)M",null,null,"台",null,null,1,null,null,{"v":2795.14,"d":"2,795.14"},{"v":2795.14,"d":"2,795.14"},"00775",83.85]
[160,"矿用隔爆型照明信号综合保护装置  ","ZBZ-4.0/1140(660)M",null,null,"台",null,null,1,null,null,{"v":2795.15,"d":"2,795.15"},{"v":2795.15,"d":"2,795.15"},"00783",83.85]
[161,"矿用隔爆型照明信号综合保护装置  ","ZBZ-4.0/1140(660)M",null,null,"台",null,null,1,null,null,{"v":3020.56,"d":"3,020.56"},{"v":3020.56,"d":"3,020.56"},"00977",90.62]
[162,"矿用隔爆型照明信号综合保护装置  ","ZBZ-4.0/1140(660)M",null,null,"台",null,null,1,null,null,{"v":3020.56,"d":"3,020.56"},{"v":3020.56,"d":"3,020.56"},"00978",90.62]
[163,"矿用隔爆型照明信号综合保护装置  ","ZBZ-4.0/1140(660)M",null,null,"台",null,null,4,null,null,{"v":2649.57,"d":"2,649.57"},{"v":10598.28,"d":"10,598.28"},"01378",317.95]
[164,"矿用隔爆型照明信号综合保护装置  ","ZBZ-4.0/1140(660)M",null,null,"台",null,null,1,null,null,{"v":2649.57,"d":"2,649.57"},{"v":2649.57,"d":"2,649.57"},"01379",79.49]
[165,"矿用隔爆型照明信号综合保护装置  ","ZBZ-4.0/1140(660)M",null,null,"台",null,null,2,null,null,{"v":2756.43,"d":"2,756.43"},{"v":5512.86,"d":"5,512.86"},"01435",165.39]
[166,"矿用隔爆型照明信号综合保护装置  ","ZBZ-4.0/1140(660)M",null,null,"台",null,null,1,null,null,{"v":2604.87,"d":"2,604.87"},{"v":2604.87,"d":"2,604.87"},"01611",78.15]
[167,"矿用隔爆型照明信号综合保护装置  ","ZBZ-4.0/1140(660)M",null,null,"台",null,null,10,null,null,{"v":2863.25,"d":"2,863.25"},{"v":28632.5,"d":"28,632.50"},"01758",858.98]
[168,"矿用隔爆型照明信号综合保护装置  ","ZBZ-4.0/1140(660)M",null,null,"台",null,null,2,null,null,{"v":2863.235,"d":"2,863.24"},{"v":5726.47,"d":"5,726.47"},"01926",171.79]
[169,"矿用隔爆型照明信号综合保护装置  ","ZBZ-4.0/1140(660)M",null,null,"台",null,null,1,null,null,{"v":2038,"d":"2,038.00"},{"v":2038,"d":"2,038.00"},"01927",61.14]
[170,"矿用隔爆型照明信号综合保护装置  ","ZBZ-4.0/1140(660)M",null,null,"台",null,null,1,null,null,{"v":2863.24,"d":"2,863.24"},{"v":2863.24,"d":"2,863.24"},"01932",85.9]
[171,"矿用隔爆型煤电钻综合保护装置","ZBZ-4.0/1140(660)-Z",null,null,"台",null,null,1,null,"设备库，淘汰设备",{"v":3750,"d":"3,750.00"},{"$f":"I173*L173","v":{"v":3750,"d":"3,750.00"}},"01473",112.5]
[172,"矿用隔爆型煤电钻综合保护装置","ZBZ-4.0/1140(660)-Z",null,null,"台",null,null,1,null,null,{"v":2604.87,"d":"2,604.87"},{"$f":"I174*L174","v":{"v":2604.87,"d":"2,604.87"}},"01567",78.15]
[173,"矿用隔爆型煤电钻综合保护装置","ZBZ-4.0/1140(660)-Z",null,null,"台",null,null,1,null,null,{"v":2604.87,"d":"2,604.87"},{"$f":"I175*L175","v":{"v":2604.87,"d":"2,604.87"}},"01568",78.15]
[174,"矿用隔爆型煤电钻综合保护装置","ZBZ-4.0/1140(660)-Z",null,null,"台",null,null,2,null,null,{"$f":"M176/I176","v":{"v":2478.63,"d":"2,478.63"}},{"v":4957.26,"d":"4,957.26"},"01812",148.72]
[175,"隔爆型真空电磁起动器","QBZ-2×120",null,null,"台",null,null,1,null,null,{"v":16666.67,"d":"16,666.67"},{"v":16666.67,"d":"16,666.67"},"01711",{"v":500,"d":"500.00"}]
[176,"矿用隔爆兼本质安全型馈电开关","KBZ9-400",null,null,"台",null,null,1,null,null,{"v":7606.84,"d":"7,606.84"},{"v":7606.84,"d":"7,606.84"},"01221",228.21]
[177,"隔爆型真空电磁起动器","QBZ-80",null,null,"台",null,null,1,null,null,{"v":4669.4,"d":"4,669.40"},{"v":4669.4,"d":"4,669.40"},"02060",140.08]
[178,"隔爆型真空电磁起动器","QBZ-80N",null,null,"台",null,null,1,null,null,{"v":2820.52,"d":"2,820.52"},{"v":2820.52,"d":"2,820.52"},"01755",84.62]
[179,"隔爆型真空电磁起动器","QBZ-80",null,null,"台",null,null,1,null,null,{"v":3284.955,"d":"3,284.96"},{"v":3284.955,"d":"3,284.96"},"02154",98.55]
[180,"隔爆型真空电磁起动器","QBZ-80N",null,null,"台",null,null,1,null,null,{"v":3620.69,"d":"3,620.69"},{"v":3620.69,"d":"3,620.69"},"02108",108.62]
[181,"隔爆型真空电磁起动器","QBZ-80",null,null,"台",null,null,1,null,null,{"v":3284.955,"d":"3,284.96"},{"v":3284.955,"d":"3,284.96"},"02154",98.55]
[182,"隔爆型真空电磁起动器","QBZ-80N",null,null,"台",null,null,1,null,null,{"v":3620.69,"d":"3,620.69"},{"v":3620.69,"d":"3,620.69"},"02156",108.62]
[183,"隔爆型真空电磁起动器","QBZ-80N",null,null,"台",null,null,1,null,null,{"v":3743.36,"d":"3,743.36"},{"v":3743.36,"d":"3,743.36"},"02153",{"v":1246.97,"d":"1,246.97"}]
[184,"隔爆型真空电磁起动器","QBZ-80",null,null,"台",null,null,1,null,null,{"v":3284.96,"d":"3,284.96"},{"v":3284.96,"d":"3,284.96"},"02159",98.55]
[185,"隔爆型真空电磁起动器","QJZ-200",null,null,"台",null,null,1,null,null,{"v":7008.54,"d":"7,008.54"},{"v":7008.54,"d":"7,008.54"},"01362",210.26]
[186,"矿用隔爆兼本质安全型馈电开关","KBZ-630",null,null,"台",null,null,1,null,null,{"v":14358.98,"d":"14,358.98"},{"v":14358.98,"d":"14,358.98"},"01237",430.77]
[187,"矿用隔爆兼本质安全型馈电开关","KBZ-400",null,null,"台",null,null,1,null,null,{"v":6068.38,"d":"6,068.38"},{"v":6068.38,"d":"6,068.38"},"00232",182.05]
[188,"矿用隔爆兼本质安全型馈电开关","KBZ-400",null,null,"台",null,null,1,null,null,{"v":6068.38,"d":"6,068.38"},{"v":6068.38,"d":"6,068.38"},"00687",182.05]
[189,"强排泵控制开关","500KW/1140",null,null,"台",null,null,1,null,null,{"v":58500,"d":"58,500.00"},{"v":58500,"d":"58,500.00"},"01289",{"v":1755,"d":"1,755.00"}]
[190,"隔爆型真空电磁起动器","QJZ-120",null,null,"台",null,null,1,null,null,{"v":4017.1,"d":"4,017.10"},{"v":4017.1,"d":"4,017.10"},"01157",120.51]
[191,"矿用隔爆兼本质安全型馈电开关","KBZ-400",null,null,"台",null,null,1,null,null,{"v":6068.38,"d":"6,068.38"},{"v":6068.38,"d":"6,068.38"},"01117",182.05]
[192,"矿用隔爆兼本质安全型馈电开关","KBZ-200",null,null,"台",null,null,1,null,null,{"v":13524.91,"d":"13,524.91"},{"v":13524.91,"d":"13,524.91"},"00979",405.75]
[193,"隔爆型真空电磁起动器","QJZ2-120",null,null,"台",null,null,1,null,null,{"v":4017.1,"d":"4,017.10"},{"v":4017.1,"d":"4,017.10"},"01158",120.51]
[194,"隔爆型真空电磁起动器","QJZ2-30",null,null,"台",null,null,1,null,null,{"v":4017.09,"d":"4,017.09"},{"v":4017.09,"d":"4,017.09"},"01761",{"v":120.513333333333,"d":"120.51"}]
[195,"隔爆型真空电磁起动器","QJZ2-60",null,null,"台",null,null,1,null,null,{"v":3606.64,"d":"3,606.64"},{"v":3606.64,"d":"3,606.64"},"00764",{"v":242.5,"d":"242.50"}]
[196,"矿用隔爆兼本质安全型真空电磁软起动器","QJR-630",null,null,"台",null,null,1,null,null,{"v":182051.28,"d":"182,051.28"},{"v":182051.28,"d":"182,051.28"},"01465",{"v":5461.54,"d":"5,461.54"}]
[197,"矿用隔爆型真空电磁软起动器","QBR-400",null,null,"台",null,null,1,null,null,{"v":23894.01,"d":"23,894.01"},{"v":23894.01,"d":"23,894.01"},"00780",{"v":1606.64,"d":"1,606.64"}]
[198,"矿用隔爆兼本质安全型馈电开关","KBZ-400",null,null,"台",null,null,1,null,null,{"v":7606.84,"d":"7,606.84"},{"v":7606.84,"d":"7,606.84"},"01253",228.21]
[199,"隔爆型真空电磁起动器","QJZ2-200",null,null,"台",null,null,1,null,null,{"v":7241.38,"d":"7,241.38"},{"v":7241.38,"d":"7,241.38"},"02009",{"v":1153.475,"d":"1,153.48"}]
[200,"隔爆型真空电磁起动器","QJZ2-200",null,null,"台",null,null,1,null,null,{"v":7241.38,"d":"7,241.38"},{"v":7241.38,"d":"7,241.38"},"02009",{"v":1153.475,"d":"1,153.48"}]
[201,"矿用隔爆兼本质安全型馈电开关","KBZ-400",null,null,"台",null,null,1,null,null,{"v":6068.38,"d":"6,068.38"},{"v":6068.38,"d":"6,068.38"},"01254",182.05]
[202,"矿用隔爆兼本质安全型馈电开关","KBZ-200",null,null,"台",null,null,1,null,null,{"v":9036.86,"d":"9,036.86"},{"v":9036.86,"d":"9,036.86"},"01284",{"v":271.105,"d":"271.11"}]
[203,"隔爆型真空电磁起动器","QJZ16-200",null,null,"台",null,null,1,null,null,{"v":14273.5,"d":"14,273.50"},{"v":14273.5,"d":"14,273.50"},"01760",428.21]
[204,"高压配电装置","PBG50-630",null,null,"台",null,null,1,null,null,{"v":45192.31,"d":"45,192.31"},{"v":45192.31,"d":"45,192.31"},"00689",{"v":1355.77,"d":"1,355.77"}]
[205,"高压配电装置","PBG50-630",null,null,"台",null,null,1,null,null,{"v":45192.31,"d":"45,192.31"},{"v":45192.31,"d":"45,192.31"},"00690",{"v":1355.77,"d":"1,355.77"}]
[206,"高压配电装置","PBG50-630",null,null,"台",null,null,1,null,null,{"v":45192.31,"d":"45,192.31"},{"v":45192.31,"d":"45,192.31"},"00691",{"v":1355.77,"d":"1,355.77"}]
[207,"高压配电装置","PBG50-630",null,null,"台",null,null,1,null,null,{"v":45192.31,"d":"45,192.31"},{"v":45192.31,"d":"45,192.31"},"00692",{"v":1355.77,"d":"1,355.77"}]
[208,"高压配电装置","PBG50-630",null,null,"台",null,null,1,null,null,{"v":45192.31,"d":"45,192.31"},{"v":45192.31,"d":"45,192.31"},"00693",{"v":1355.77,"d":"1,355.77"}]
[209,"高压配电装置","PBG50-630",null,null,"台",null,null,1,null,null,{"v":45192.31,"d":"45,192.31"},{"v":45192.31,"d":"45,192.31"},"00694",{"v":1355.77,"d":"1,355.77"}]
[210,"高压配电装置","PBG50-630",null,null,"台",null,null,1,null,null,{"v":45192.31,"d":"45,192.31"},{"v":45192.31,"d":"45,192.31"},"00695",{"v":1355.77,"d":"1,355.77"}]
[211,"高压配电装置","PBG50-630",null,null,"台",null,null,1,null,null,{"v":45192.31,"d":"45,192.31"},{"v":45192.31,"d":"45,192.31"},"00696",{"v":1355.77,"d":"1,355.77"}]
[212,"高压配电装置","PBG50-630",null,null,"台",null,null,1,null,null,{"v":45192.31,"d":"45,192.31"},{"v":45192.31,"d":"45,192.31"},"00697",{"v":1355.77,"d":"1,355.77"}]
[213,"高压配电装置","PBG50-630",null,null,"台",null,null,1,null,null,{"v":45192.31,"d":"45,192.31"},{"v":45192.31,"d":"45,192.31"},"00698",{"v":1355.77,"d":"1,355.77"}]
[214,"高压配电装置","PBG50-630",null,null,"台",null,null,1,null,null,{"v":45192.31,"d":"45,192.31"},{"v":45192.31,"d":"45,192.31"},"00699",{"v":1355.77,"d":"1,355.77"}]
[215,"高压配电装置","PBG50-630",null,null,"台",null,null,1,null,null,{"v":45192.31,"d":"45,192.31"},{"v":45192.31,"d":"45,192.31"},"00700",{"v":1355.77,"d":"1,355.77"}]
[216,"高压配电装置","PBG50-630",null,null,"台",null,null,12,null,null,{"v":44871.795,"d":"44,871.80"},{"v":538461.54,"d":"538,461.54"},"02471",{"v":0,"d":"0.00"}]
[217,"高压配电装置","PBG-200",null,null,"台",null,null,1,null,null,{"v":44871.8,"d":"44,871.80"},{"v":44871.8,"d":"44,871.80"},"01658",{"v":14911.68,"d":"14,911.68"}]
[218,"高压配电装置","PBG-200",null,null,"台",null,null,1,null,null,{"v":44871.79,"d":"44,871.79"},{"v":44871.79,"d":"44,871.79"},"01659",{"v":14999.74,"d":"14,999.74"}]
[219,"高压配电装置","PBG-200",null,null,"台",null,null,1,null,null,{"v":45192.31,"d":"45,192.31"},{"v":45192.31,"d":"45,192.31"},"00701",{"v":1355.77,"d":"1,355.77"}]
[220,"高压配电装置","QBGPT",null,null,"台",null,null,1,null,null,{"v":45192.31,"d":"45,192.31"},{"v":45192.31,"d":"45,192.31"},"00702",{"v":1355.77,"d":"1,355.77"}]
[221,"高压配电装置","QBGPT",null,null,"台",null,null,1,null,null,{"v":45192.31,"d":"45,192.31"},{"v":45192.31,"d":"45,192.31"},"00703",{"v":1355.77,"d":"1,355.77"}]
[222,"高压配电装置","PBC-200",null,null,"台",null,null,1,null,null,{"v":45192.31,"d":"45,192.31"},{"v":45192.31,"d":"45,192.31"},"00704",{"v":1355.77,"d":"1,355.77"}]
[223,"矿用隔爆兼本质安全型真空电磁起动器","QJZ2-60",null,null,"台",null,null,1,null,null,{"v":3418.8,"d":"3,418.80"},{"v":3418.8,"d":"3,418.80"},"01118",102.56]
[224,"矿用隔爆兼本质安全型馈电开关","KBZ2-200",null,null,"台",null,null,1,null,null,{"v":9036.86,"d":"9,036.86"},{"v":9036.86,"d":"9,036.86"},"01284",{"v":271.105,"d":"271.11"}]
[225,"矿用隔爆兼本质安全型真空电磁起动器","QJZ2-80",null,null,"台",null,null,1,null,null,{"v":3706.9,"d":"3,706.90"},{"v":3706.9,"d":"3,706.90"},"01998",{"v":271.105,"d":"271.11"}]
[226,"矿用隔爆兼本质安全型真空电磁起动器","QJZ2-120",null,null,"台",null,null,1,null,null,{"v":4017.09,"d":"4,017.09"},{"v":4017.09,"d":"4,017.09"},"01494",120.51]
[227,"矿用隔爆型照明信号综合保护装置","ZBZ-6.0",null,null,"台",null,null,1,null,null,{"v":11111.11,"d":"11,111.11"},{"v":11111.11,"d":"11,111.11"},"01224",{"v":271.105,"d":"271.11"}]
[228,"隔爆型真空电磁起动器","QJZ2-60",null,null,"台",null,null,1,null,null,{"v":3418.8,"d":"3,418.80"},{"v":3418.8,"d":"3,418.80"},"01119",102.56]
[229,"隔爆型真空电磁起动器","QJZ2-60",null,null,"台",null,null,1,null,null,{"v":3418.8,"d":"3,418.80"},{"v":3418.8,"d":"3,418.80"},"01120",{"v":271.105,"d":"271.11"}]
[230,"隔爆型真空电磁起动器","QJZ2-200",null,null,"台",null,null,1,null,null,{"v":7586.21,"d":"7,586.21"},{"v":7586.21,"d":"7,586.21"},"02017",{"v":271.105,"d":"271.11"}]
[231,"隔爆型真空电磁起动器","QJZ2-80",null,null,"台",null,null,2,null,null,{"v":6569.91,"d":"6,569.91"},{"v":13139.82,"d":"13,139.82"},"02152",{"v":271.105,"d":"271.11"}]
[232,"隔爆型真空电磁起动器","QJZ2-60",null,null,"台",null,null,1,null,null,{"v":3418.8,"d":"3,418.80"},{"v":3418.8,"d":"3,418.80"},"01121",102.56]
[233,"隔爆型真空电磁起动器","QJZ2-60",null,null,"台",null,null,1,null,null,{"v":3418.81,"d":"3,418.81"},{"v":3418.81,"d":"3,418.81"},"01140",{"v":271.105,"d":"271.11"}]
[234,"隔爆型真空电磁起动器","QJZ2-80",null,null,"台",null,null,1,null,null,{"v":3284.956,"d":"3,284.96"},{"v":3284.956,"d":"3,284.96"},"02157",{"v":98.548,"d":"98.55"}]
[235,"矿用隔爆型照明信号综合保护装置","ZBZ2-6.0",null,null,"台",null,null,1,null,null,{"v":11111.11,"d":"11,111.11"},{"v":11111.11,"d":"11,111.11"},"01665",{"v":271.105,"d":"271.11"}]
[236,"矿用隔爆型照明信号综合保护装置","ZBZ2-6.0",null,null,"台",null,null,1,null,null,{"v":11111.11,"d":"11,111.11"},{"v":11111.11,"d":"11,111.11"},"01666",{"v":271.105,"d":"271.11"}]
[237,"矿用隔爆兼本质安全型馈电开关","KBZ-630",null,null,"台",null,null,1,null,null,{"v":14358.97,"d":"14,358.97"},{"v":14358.97,"d":"14,358.97"},"01257",{"v":271.105,"d":"271.11"}]
[238,"隔爆型真空电磁起动器","QJZ2-200",null,null,"台",null,null,1,null,null,{"v":7672.41,"d":"7,672.41"},{"v":7672.41,"d":"7,672.41"},"02037",{"v":271.105,"d":"271.11"}]
[239,"矿用隔爆兼本质安全型馈电开关","KBZ12-200",null,null,"台",null,null,1,null,null,{"v":9036.86,"d":"9,036.86"},{"v":9036.86,"d":"9,036.86"},"01284",{"v":271.105,"d":"271.11"}]
[240,"隔爆型真空电磁起动器","QBZ-2×80",null,null,"台",null,null,1,null,null,{"v":14957.26,"d":"14,957.26"},{"v":14957.26,"d":"14,957.26"},"01255",{"v":271.105,"d":"271.11"}]
[241,"隔爆型真空电磁起动器","QBZ-2×80",null,null,"台",null,null,1,null,null,{"v":8820.3,"d":"8,820.30"},{"v":8820.3,"d":"8,820.30"},"01612",{"v":271.105,"d":"271.11"}]
[242,"矿用隔爆兼本质安全型馈电开关","KBZ2-630",null,null,"台",null,null,1,null,null,{"v":14358.97,"d":"14,358.97"},{"v":14358.97,"d":"14,358.97"},"01257",{"v":271.105,"d":"271.11"}]
[243,"矿用隔爆型真空电磁软起动器","QBR-400",null,null,"台",null,null,1,null,null,{"v":26495.72,"d":"26,495.72"},{"v":26495.72,"d":"26,495.72"},"01236",794.87]
[244,"矿用隔爆兼本质安全型馈电开关","KBZ2-400",null,null,"台",null,null,1,null,null,{"v":6250,"d":"6,250.00"},{"v":6250,"d":"6,250.00"},"01920",{"v":187.5,"d":"187.50"}]
[245,"矿用隔爆兼本质安全型馈电开关","KBZ2-630",null,null,"台",null,null,1,null,null,{"v":14358.97,"d":"14,358.97"},{"v":14358.97,"d":"14,358.97"},"02094",{"v":271.105,"d":"271.11"}]
[246,"隔爆型真空电磁起动器","QJZ1-80",null,null,"台",null,null,1,null,null,{"v":3284.956,"d":"3,284.96"},{"v":3284.956,"d":"3,284.96"},"02157",{"v":98.548,"d":"98.55"}]
[247,"隔爆型真空电磁起动器","QJZ2-200",null,null,"台",null,null,1,null,null,{"v":7672.41,"d":"7,672.41"},{"v":7672.41,"d":"7,672.41"},"02084",{"v":271.105,"d":"271.11"}]
[248,"矿用隔爆型照明信号综合保护装置","ZBZ-6.0",null,null,"台",null,null,1,null,null,{"v":11111.11,"d":"11,111.11"},{"v":11111.11,"d":"11,111.11"},"01224",{"v":271.105,"d":"271.11"}]
[249,"矿用隔爆兼本质安全型馈电开关","KBZ2-400",null,null,"台",null,null,1,null,null,{"v":6068.35,"d":"6,068.35"},{"v":6068.35,"d":"6,068.35"},"01757",182.05]
[250,"矿用隔爆兼本质安全型馈电开关","KBZ2-400",null,null,"台",null,null,1,null,null,{"v":6417.78,"d":"6,417.78"},{"v":6417.78,"d":"6,417.78"},"01583",192.53]
[251,"隔爆型真空电磁起动器","QJZ2-80",null,null,"台",null,null,1,null,null,{"v":2344.31,"d":"2,344.31"},{"v":2344.31,"d":"2,344.31"},"00767",{"v":271.105,"d":"271.11"}]
[252,"矿用隔爆兼本质安全型馈电开关","KBZ-400",null,null,"台",null,null,1,null,null,{"v":6068.38,"d":"6,068.38"},{"v":6068.38,"d":"6,068.38"},"01254",{"v":271.105,"d":"271.11"}]
[253,"隔爆型真空电磁起动器","QJZ2-60",null,null,"台",null,null,1,null,null,{"v":3418.81,"d":"3,418.81"},{"v":3418.81,"d":"3,418.81"},"01146",102.56]
[254,"隔爆型真空电磁起动器","QJZ2-120",null,null,"台",null,null,1,null,null,{"v":4786.32,"d":"4,786.32"},{"v":4786.32,"d":"4,786.32"},"01885",143.59]
[255,"隔爆型真空电磁起动器","QJZ2-60",null,null,"台",null,null,1,null,null,{"v":3418.81,"d":"3,418.81"},{"v":3418.81,"d":"3,418.81"},"01142",102.56]
[256,"矿用隔爆兼本质安全型馈电开关","KBZ-200",null,null,"台",null,null,1,null,null,{"v":11000,"d":"11,000.00"},{"v":11000,"d":"11,000.00"},"01447",{"v":271.105,"d":"271.11"}]
[257,"矿用隔爆兼本质安全型馈电开关","KBZ-400",null,null,"台",null,null,1,null,null,{"v":6417.78,"d":"6,417.78"},{"v":6417.78,"d":"6,417.78"},"01582",192.53]
[258,"矿用隔爆兼本质安全型馈电开关","KBZ-200",null,null,"台",null,null,1,null,null,{"v":11000,"d":"11,000.00"},{"v":11000,"d":"11,000.00"},"01447",{"v":271.105,"d":"271.11"}]
[259,"隔爆型真空电磁起动器","QJZ2-80",null,null,"台",null,null,3,null,null,{"v":3284.956,"d":"3,284.96"},{"v":9854.868,"d":"9,854.87"},"02157",{"v":295.644,"d":"295.64"}]
[260,"隔爆型真空电磁起动器","QJZ2-60",null,null,"台",null,null,1,null,null,{"v":3418.81,"d":"3,418.81"},{"v":3418.81,"d":"3,418.81"},"01143",102.56]
[261,"隔爆型真空电磁起动器","QJZ2-60",null,null,"台",null,null,1,null,null,{"v":3418.81,"d":"3,418.81"},{"v":3418.81,"d":"3,418.81"},"01145",{"v":271.105,"d":"271.11"}]
[262,"矿用隔爆型照明信号综合保护装置","ZBZ-6.0",null,null,"台",null,null,1,null,null,{"v":11111.11,"d":"11,111.11"},{"v":11111.11,"d":"11,111.11"},"01224",{"v":271.105,"d":"271.11"}]
[263,"隔爆型真空电磁起动器","QJZ16-315",null,null,"台",null,null,1,null,null,{"v":14945,"d":"14,945.00"},{"v":14945,"d":"14,945.00"},"02089",448.35]
[264,"矿用隔爆兼本质安全型馈电开关","KBZ-400",null,null,"台",null,null,1,null,null,{"v":6417.78,"d":"6,417.78"},{"v":6417.78,"d":"6,417.78"},"01581",192.53]
[265,"隔爆型真空电磁起动器","QJZ2-200",null,null,"台",null,null,1,null,null,{"v":7008.55,"d":"7,008.55"},{"v":7008.55,"d":"7,008.55"},"01361",{"v":271.105,"d":"271.11"}]
[266,"矿用隔爆型照明信号综合保护装置","ZBZ-4.0",null,null,"台",null,null,1,null,null,{"v":2885.31,"d":"2,885.31"},{"v":2885.31,"d":"2,885.31"},"00772",{"v":271.105,"d":"271.11"}]
[267,"矿用隔爆型照明信号综合保护装置","ZBZ-4.0",null,null,"台",null,null,1,null,null,{"v":2863.25,"d":"2,863.25"},{"v":2863.25,"d":"2,863.25"},"01258",{"v":271.105,"d":"271.11"}]
[268,"矿用隔爆型照明信号综合保护装置","ZBZ-4.0",null,null,"台",null,null,1,null,null,{"v":2649.57,"d":"2,649.57"},{"v":2649.57,"d":"2,649.57"},"00233",{"v":271.105,"d":"271.11"}]
[269,"矿用隔爆型照明信号综合保护装置","ZBZ-4.0",null,null,"台",null,null,1,null,null,{"v":2649.57,"d":"2,649.57"},{"v":2649.57,"d":"2,649.57"},"00234",{"v":271.105,"d":"271.11"}]
[270,"矿用隔爆型照明信号综合保护装置","ZBZ-4.0",null,null,"台",null,null,1,null,null,{"v":2649.57,"d":"2,649.57"},{"v":2649.57,"d":"2,649.57"},"00235",{"v":271.105,"d":"271.11"}]
[271,"矿用隔爆型照明信号综合保护装置","ZBZ-4.0",null,null,"台",null,null,1,null,null,{"v":2649.57,"d":"2,649.57"},{"v":2649.57,"d":"2,649.57"},"00236",{"v":271.105,"d":"271.11"}]
[272,"隔爆型真空电磁起动器","QJZ16-120",null,null,"台",null,null,1,null,null,{"v":4870.69,"d":"4,870.69"},{"v":4870.69,"d":"4,870.69"},"02097",{"v":271.105,"d":"271.11"}]
[273,"隔爆型真空电磁起动器","QJZ16-120",null,null,"台",null,null,1,null,null,{"v":3343.37,"d":"3,343.37"},{"v":3343.37,"d":"3,343.37"},"02203",{"v":100.3,"d":"100.30"}]
[274,"矿用隔爆兼本质安全型馈电开关","KBZ-200",null,null,"台",null,null,1,null,null,{"v":6417.78,"d":"6,417.78"},{"v":6417.78,"d":"6,417.78"},"01584",{"v":271.105,"d":"271.11"}]
[275,"隔爆型真空电磁起动器","QJZ2-60",null,null,"台",null,null,1,null,null,{"v":3418.81,"d":"3,418.81"},{"v":3418.81,"d":"3,418.81"},"01147",102.56]
[276,"矿用隔爆兼本质安全型馈电开关","KBZ2-200",null,null,"台",null,null,1,null,null,{"v":15213.68,"d":"15,213.68"},{"v":15213.68,"d":"15,213.68"},"01476",{"v":271.105,"d":"271.11"}]
[277,"矿用隔爆型照明信号综合保护装置","ZBZ-6.0",null,null,"台",null,null,1,null,null,{"v":2038,"d":"2,038.00"},{"v":2038,"d":"2,038.00"},"01953",{"v":271.105,"d":"271.11"}]
[278,"矿用隔爆兼本质安全型馈电开关","KBZ-400",null,null,"台",null,null,1,null,null,{"v":23000,"d":"23,000.00"},{"v":23000,"d":"23,000.00"},"01446",{"v":690,"d":"690.00"}]
[279,"隔爆型真空电磁起动器","QJZ2-60",null,null,"台",null,null,1,null,null,{"v":4017.1,"d":"4,017.10"},{"v":4017.1,"d":"4,017.10"},"01230",120.51]
[280,"隔爆型真空电磁起动器","QJZ2-60",null,null,"台",null,null,1,null,null,{"v":7500,"d":"7,500.00"},{"v":7500,"d":"7,500.00"},"01250",{"v":225,"d":"225.00"}]
[281,"隔爆型真空电磁起动器","QJZ2-60",null,null,"台",null,null,1,null,null,{"v":10256.4,"d":"10,256.40"},{"v":10256.4,"d":"10,256.40"},"01300",307.69]
[282,"矿用隔爆兼本质安全型馈电开关","KBZ2-200",null,null,"台",null,null,1,null,null,{"v":6417.78,"d":"6,417.78"},{"v":6417.78,"d":"6,417.78"},"01585",{"v":271.105,"d":"271.11"}]
[283,"隔爆型真空电磁起动器","QJZ2-80",null,null,"台",null,null,1,null,null,{"v":2344.31,"d":"2,344.31"},{"v":2344.31,"d":"2,344.31"},"00768",{"v":271.105,"d":"271.11"}]
[284,"隔爆型真空电磁起动器","QJZ2-200",null,null,"台",null,null,1,null,null,{"v":7008.55,"d":"7,008.55"},{"v":7008.55,"d":"7,008.55"},"01361",{"v":271.105,"d":"271.11"}]
[285,"隔爆型真空电磁起动器","QJZ2-30",null,null,"台",null,null,1,null,null,{"v":3448.28,"d":"3,448.28"},{"v":3448.28,"d":"3,448.28"},"02099",{"v":271.105,"d":"271.11"}]
[286,"隔爆型真空电磁起动器","QJZ2-60",null,null,"台",null,null,1,null,null,{"v":8034.18,"d":"8,034.18"},{"v":8034.18,"d":"8,034.18"},"01437",241.03]
[287,"矿用隔爆兼本质安全型馈电开关","KBZ12-200",null,null,"台",null,null,1,null,null,{"v":9036.86,"d":"9,036.86"},{"v":9036.86,"d":"9,036.86"},"01284",{"v":271.105,"d":"271.11"}]
[288,"矿用隔爆兼本质安全型馈电开关","KBZ2-400",null,null,"台",null,null,1,null,null,{"v":7606.83,"d":"7,606.83"},{"v":7606.83,"d":"7,606.83"},"01256",{"v":228.2,"d":"228.20"}]
[289,"矿用隔爆兼本质安全型真空电磁起动器","QJZ2-60/1140(660)","13103839",null,"台",null,null,1,null,"2013.10，综采区库房，无维修价值报废",{"v":3418.81,"d":"3,418.81"},{"v":3418.81,"d":"3,418.81"},"01144",102.56]
[290,"矿用隔爆型潜水电泵","约22KW",null,"K-42","台",null,null,1,null,"设备库，无维修价值报废。",{"v":23076.93,"d":"23,076.93"},{"v":23076.93,"d":"23,076.93"},"01764",692.31]
[291,"矿用隔爆型潜水电泵","7.5KW",null,null,"台",null,null,1,null,"设备库，多次维修已无维修价值报废。",{"v":2393.16,"d":"2,393.16"},{"$f":"I293*L293","v":{"v":2393.16,"d":"2,393.16"}},"01436",71.79]
[292,"矿用隔爆型潜水电泵","7.5KW",null,null,"台",null,null,1,null,null,{"v":2265.11,"d":"2,265.11"},{"v":2265.11,"d":"2,265.11"},"01573",67.95]
[293,"矿用隔爆型潜水电泵","7.5KW",null,null,"台",null,null,1,null,null,{"v":2581.45,"d":"2,581.45"},{"v":2581.45,"d":"2,581.45"},"01685",77.44]
[294,"矿用隔爆型潜水电泵","7.5KW",null,null,"台",null,null,1,null,null,{"v":2581.45,"d":"2,581.45"},{"v":2581.45,"d":"2,581.45"},"01693",77.44]
[295,"矿用隔爆型潜水电泵","7.5KW",null,null,"台",null,null,1,null,null,{"v":2581.45,"d":"2,581.45"},{"v":2581.45,"d":"2,581.45"},"01694",77.44]
[296,"矿用隔爆型潜水电泵","4KW",null,null,"台",null,null,2,null,"设备库，多次维修已无维修价值报废。",{"v":3017.24,"d":"3,017.24"},{"v":6034.48,"d":"6,034.48"},"02023",181.03]
[297,"矿用隔爆型潜水电泵","4KW",null,null,"台",null,null,1,null,"设备库，2013年产品，外壳损坏，已无维修价值报废。",{"v":1650,"d":"1,650.00"},{"v":1650,"d":"1,650.00"},"01709",{"v":49.5,"d":"49.50"}]
[298,"矿用隔爆型潜水电泵","7.5KW",null,null,"台",null,null,1,null,"设备库，2014年产品，本体损坏，已无维修价值报废。",{"v":2393.17,"d":"2,393.17"},{"v":2393.17,"d":"2,393.17"},"01492",{"v":71.8,"d":"71.80"}]
[299,"矿用隔爆型潜水电泵","7.5KW",null,null,"台",null,null,1,null,"设备库，本体损坏严重，已无维修价值报废。",{"v":2522.123333,"d":"2,522.12"},{"v":2522.123333,"d":"2,522.12"},"00142",79.49]
[300,"矿用隔爆型潜水电泵","7.5KW",null,null,"台",null,null,1,null,"设备库，本体损坏严重，已无维修价值报废。",{"v":2581.45,"d":"2,581.45"},{"v":2581.45,"d":"2,581.45"},"01700",77.44]
[301,"矿用隔爆型潜水电泵","无铭牌，约7.5KW",null,null,"台",null,null,1,null,"设备库，本体损坏严重，已无维修价值报废。",{"v":2265.11,"d":"2,265.11"},{"v":2265.11,"d":"2,265.11"},"01572",67.95]
[302,"深井泵","18.5KW",null,null,"台",null,null,1,null,"设备库，旧，已无电机且泵体破损，无维修价值，报废",{"v":31282.05,"d":"31,282.05"},{"v":31282.05,"d":"31,282.05"},"01487",938.46]
[303,"深井泵","18.5KW",null,null,"台",null,null,1,null,null,{"v":5213.68,"d":"5,213.68"},{"v":5213.68,"d":"5,213.68"},"02013",156.41]
[304,"污水潜水电泵","WQ400-15-45",null,null,"台",null,null,1,null,"设备库，供应设备管理说，维修厂已不能维修，报废",{"v":12758.62,"d":"12,758.62"},{"v":12758.62,"d":"12,758.62"},"01976",382.76]
[305,"单相三爷叶轮潜水泵","1.5KW",null,null,"台",null,null,1,null,"设备库，旧，无维修价值，报废",{"v":1589.74,"d":"1,589.74"},{"v":1589.74,"d":"1,589.74"},"01966",47.69]
[306,"单相清水泵","0.75KW",null,null,"台",null,null,1,null,"设备库，旧，无维修价值，报废",{"v":1396,"d":"1,396.00"},{"v":1396,"d":"1,396.00"},"01341",41.88]
[307,"单相清水泵","0.75KW",null,null,"台",null,null,1,null,null,{"v":1323,"d":"1,323.00"},{"v":1323,"d":"1,323.00"},"01342",39.69]
[308,"深井泵","库管说是5.5KW，无铭牌",null,null,"台",null,null,1,null,"设备库，旧，现无使用地点，报废",{"v":2200,"d":"2,200.00"},{"v":2200,"d":"2,200.00"},"01278",{"v":66,"d":"66.00"}]
[309,"铰刀污泥泵","3KW",null,null,"台",null,null,1,null,"设备库，旧，无维修价值，报废",{"v":2700,"d":"2,700.00"},{"v":2700,"d":"2,700.00"},"01496",{"v":81,"d":"81.00"}]
[310,"铰刀污泥泵","3KW",null,null,"台",null,null,1,null,null,{"v":2300,"d":"2,300.00"},{"v":2300,"d":"2,300.00"},"01651",{"v":69,"d":"69.00"}]
[311,"铰刀污泥泵","4KW",null,null,"台",null,null,1,null,"设备库，旧，无维修价值，报废",{"v":3362.07,"d":"3,362.07"},{"v":3362.07,"d":"3,362.07"},"02096",100.86]
[312,"矿用一般型高压真空配电装置","KYGC-Z",null,null,"台",null,null,1,null,"主排水泵房改造替换下来，本矿淘汰，无价值报废",{"v":68482.2,"d":"68,482.20"},{"v":68482.2,"d":"68,482.20"},"00660",{"v":2007.87,"d":"2,007.87"}]
[313,"矿用一般型高压真空配电装置","KYGC-Z",null,null,"台",null,null,1,null,null,{"v":68482.21,"d":"68,482.21"},{"v":68482.21,"d":"68,482.21"},"00661",{"v":2007.87,"d":"2,007.87"}]
[314,"矿用一般型高压真空配电装置","KYGC-Z",null,null,"台",null,null,1,null,null,{"v":68482.22,"d":"68,482.22"},{"v":68482.22,"d":"68,482.22"},"00664",{"v":2007.87,"d":"2,007.87"}]
[315,"矿用一般型高压真空配电装置","KYGC-Z",null,null,"台",null,null,1,null,null,{"v":68482.23,"d":"68,482.23"},{"v":68482.23,"d":"68,482.23"},"00665",{"v":2007.87,"d":"2,007.87"}]
[316,"矿用一般型高压真空配电装置","KYGC-Z",null,null,"台",null,null,1,null,null,{"v":68482.24,"d":"68,482.24"},{"v":68482.24,"d":"68,482.24"},"00666",{"v":2007.87,"d":"2,007.87"}]
[317,"矿用一般型高压真空配电装置","KYGC-Z",null,null,"台",null,null,1,null,null,{"v":68482.25,"d":"68,482.25"},{"v":68482.25,"d":"68,482.25"},"00667",{"v":2007.87,"d":"2,007.87"}]
[318,"矿用一般型高压真空配电装置","KYGC-Z",null,null,"台",null,null,1,null,null,{"v":68482.26,"d":"68,482.26"},{"v":68482.26,"d":"68,482.26"},"00668",{"v":2007.87,"d":"2,007.87"}]
[319,"矿用一般型高压真空配电装置","KYGC-Z",null,null,"台",null,null,1,null,null,{"v":68482.27,"d":"68,482.27"},{"v":68482.27,"d":"68,482.27"},"00669",{"v":2007.87,"d":"2,007.87"}]
[320,"矿用一般型高压真空配电装置","KYGC-Z",null,null,"台",null,null,1,null,null,{"v":67917.39,"d":"67,917.39"},{"v":67917.39,"d":"67,917.39"},"00659",{"v":2037.52,"d":"2,037.52"}]
[321,"矿用一般型低压柜","KYDZ-1",null,null,"台",null,null,1,null,null,{"v":24145.28,"d":"24,145.28"},{"v":24145.28,"d":"24,145.28"},"00672",724.36]
[322,"矿用一般型低压柜","KYDZ-1",null,null,"台",null,null,1,null,null,{"v":127645.18,"d":"127,645.18"},{"v":127645.18,"d":"127,645.18"},"00673",{"v":3829.36,"d":"3,829.36"}]
[323,"矿用一般型低压柜","KYDZ-1",null,null,"台",null,null,1,null,null,{"v":127645.18,"d":"127,645.18"},{"v":127645.18,"d":"127,645.18"},"00674",{"v":3829.36,"d":"3,829.36"}]
[324,"高压柜",{"$nulls":3},"台",null,null,1,null,"原上山彩钢房内安装，基坑降水使用，无维修价值报废",{"v":8200,"d":"8,200.00"},{"v":8200,"d":"8,200.00"},"01280",{"v":246,"d":"246.00"}]
[325,"变压器","200KVA",null,null,"台",null,null,1,null,"筛分车间380V电源变压器，烧毁替换下来，现在改为315KVA，无维修价值报废",{"v":106365.07,"d":"106,365.07"},{"v":106365.07,"d":"106,365.07"},"00323",{"v":3190.95,"d":"3,190.95"}]
[326,"变压器",{"$nulls":3},"台",null,null,1,null,null,{"v":106365.07,"d":"106,365.07"},{"v":106365.07,"d":"106,365.07"},"00322",{"v":3190.95,"d":"3,190.95"}]
["合计",{"$nulls":11},{"$f":"SUM(M3:M328)","v":{"v":7579446.90465662,"d":"7,579,446.90"}},null,{"$f":"SUM(O3:O328)","v":{"v":290640.770624838,"d":"290,640.77"}}]

{"sheet":"报废-材料","index":1,"n_rows":744,"n_cols":13,"rows_kept":744,"merged":[[0,0,0,12],[218,10,219,10],[378,10,379,10],[614,10,629,10],[740,10,742,10]]}
["零配件盘点表盘点表（报废材料）"]
["序号","名称","型号","出厂编号","编号","单位","归属设备名称","地面储存数量\n能够继续使用部分","地面储存数量\n不能够继续使用部分","备注1","备注2","原值单价","原值金额"]
[1,"法兰盘","DN100",null,null,"片",null,null,53,null,"因锈蚀严重不能使用",{"v":40.707969,"d":"40.71"},{"v":2157.522357,"d":"2,157.52"}]
[2,"高分断能力高压熔断器",{"$nulls":3},"个",null,null,8,null,"301胶带机和401刮板配电柜使用，坏",{"v":106.195,"d":"106.20"},849.56]
[3,"断路器","YDDMB-12/1250-3.15",null,null,"个",null,null,3,null,"材料棚，35KV变电站改造替换下来，无用途，外观有破损。",{"v":59884.955752,"d":"59,884.96"},{"v":179654.867256,"d":"179,654.87"}]
[4,"上隔离",{"$nulls":3},"套",null,null,3,null,"材料棚，35KV变电站改造替换下来。",{"v":2088.5,"d":"2,088.50"},{"v":6265.5,"d":"6,265.50"}]
[5,"下隔离",{"$nulls":3},"套",null,null,1,null,"材料棚，35KV变电站改造替换下来，无用途。",{"v":2088.495575,"d":"2,088.50"},{"v":2088.495575,"d":"2,088.50"}]
[6,"滤棉",{"$nulls":3},"袋","高压反冲洗过滤站",null,2,null,"从袋子散落出来，报废",{"v":2500,"d":"2,500.00"},{"v":5000,"d":"5,000.00"}]
[7,"矿用隔爆型电缆连接器","LBG3-500/3300",null,null,"个",null,null,1,null,"材料棚，已是淘汰设备且不完好，报废",{"v":15384.62,"d":"15,384.62"},{"v":15384.62,"d":"15,384.62"}]
[8,"人字梯",{"$nulls":3},"个",null,null,4,null,"材料棚，已损坏，报废",424.78,{"v":1699.12,"d":"1,699.12"}]
[9,"耐高温布袋","φ130×3000",null,null,"条",null,100,null,null,"材料棚，新，因锅炉房改造不能使用，现报废，以存放多年。",{"v":412.3894,"d":"412.39"},{"v":41238.94,"d":"41,238.94"}]
[10,"隔绝式压缩自救器","ZYX45",null,null,"个",null,null,20,null,"材料棚，新，超过使用期限，报废",{"v":176.99115,"d":"176.99"},{"v":3539.823,"d":"3,539.82"}]
[11,"煤矿用隔爆型控制按钮","BZA-10-5/36-1(2)3",null,null,"个",null,null,2,null,"材料棚，无使用价值，报废",{"v":318.585,"d":"318.59"},637.17]
[12,"闸阀","DN50",null,null,"个",null,null,1,null,"材料棚，已损坏，拧不动，报废",{"v":309.734,"d":"309.73"},{"v":309.734,"d":"309.73"}]
[13,"闸阀","DN40",null,null,"个",null,null,2,null,"材料棚，新，拧不动，报废",{"v":61.946903,"d":"61.95"},{"v":123.893806,"d":"123.89"}]
[14,"给煤机皮带","带宽1000mm",null,null,"卷",null,null,1,null,"材料棚，新，因存放时间长老化，有裂纹，报废",{"v":3451.327692,"d":"3,451.33"},{"v":3451.327692,"d":"3,451.33"}]
[15,"刮板","L=800mm",null,null,"根",null,null,23,null,"材料棚，报废，原601/602刮板机使用",{"v":35.398167,"d":"35.40"},{"v":814.157841,"d":"814.16"}]
[16,"逆止阀","DN80",null,null,"个",null,null,1,null,"材料棚，旧件，锈蚀严重报废",{"v":96,"d":"96.00"},{"v":96,"d":"96.00"}]
[17,"矿用本安接线盒",{"$nulls":3},"个",null,null,1,null,"材料棚，无铭牌，旧件报废",{"v":30.97345,"d":"30.97"},{"v":30.97345,"d":"30.97"}]
[18,"矿用隔爆兼本安型水位报警装置主机","ZSB127-Z",null,null,"个",null,null,1,null,"材料棚，淘汰设备，报废",{"v":6292.92,"d":"6,292.92"},{"v":6292.92,"d":"6,292.92"}]
[19,"暖风机","13KW",null,null,"个",null,null,1,null,"材料棚，旧，无维修价值，报废",{"v":2212.39,"d":"2,212.39"},{"v":2212.39,"d":"2,212.39"}]
[20,"电压互感器","JSZWZ2-10",null,null,"个",null,null,1,null,"材料棚，旧，不知使用地点，报废",{"v":6637.17,"d":"6,637.17"},{"v":6637.17,"d":"6,637.17"}]
[21,"给煤机皮带","带宽1400mm",null,null,"卷",null,null,1,null,"材料棚，新，老化严重，报废",{"v":3451.327692,"d":"3,451.33"},{"v":3451.327692,"d":"3,451.33"}]
[22,"手动葫芦","5t",null,null,"个",null,null,4,null,"材料棚，旧，目测无法使用。报废",{"v":1752.211667,"d":"1,752.21"},{"v":7008.846668,"d":"7,008.85"}]
[23,"手动葫芦","3t",null,null,"个",null,null,1,null,"材料棚，旧，目测无法使用。报废",{"v":1017.7,"d":"1,017.70"},{"v":1017.7,"d":"1,017.70"}]
[24,"多功能交流稳压器",{"$nulls":3},"个",null,null,1,null,"材料棚，旧，淘汰设备，报废",{"v":400,"d":"400.00"},{"v":400,"d":"400.00"}]
[25,"绞盘抱箍",{"$nulls":3},"个","搬到到面挂网使用",null,135,"搬家倒面材料费用","材料棚，新，强度不够无法使用",{"v":39.823009,"d":"39.82"},{"v":5376.106215,"d":"5,376.11"}]
[26,"油水分离器","SYS-60",null,null,"个",null,null,1,null,"材料棚，2012年生产，无使用地点，且超过使用年限，报废",{"v":20,"d":"20.00"},{"v":20,"d":"20.00"}]
[27,"散热风扇","QF-ZY630-413 860W",null,null,"台","锅炉房空压机配套",null,1,null,"材料棚，新，采购型号不对无法使用",{"v":2610.62,"d":"2,610.62"},{"v":2610.62,"d":"2,610.62"}]
[28,"小单体","液压式",null,null,"个",null,null,8,null,"材料棚，旧，区队说无法使用，报废",796.46,{"v":6371.68,"d":"6,371.68"}]
[29,"油缸",{"$nulls":3},"根","旧风门配套使用",null,2,null,"材料棚，已经变形报废",{"v":1061.946667,"d":"1,061.95"},{"v":2123.893334,"d":"2,123.89"}]
[30,"油缸",{"$nulls":3},"根","旧风门配套使用",null,3,null,"材料棚，新，长时间雨淋，现无使用地点。报废",{"v":1061.946667,"d":"1,061.95"},{"v":3185.840001,"d":"3,185.84"}]
[31,"电镐",{"$nulls":3},"个",null,null,1,null,"材料棚，报废，无铭牌",{"v":1061.95,"d":"1,061.95"},{"v":1061.95,"d":"1,061.95"}]
[32,"逆止阀","DN400",null,null,"个","主排水泵房使用",null,4,null,"材料棚，淘汰，报废",{"v":4102.56,"d":"4,102.56"},{"v":16410.24,"d":"16,410.24"}]
[33,"逆止阀","DN350",null,null,"个","水泵房使用",null,3,null,"材料棚，淘汰，报废",{"v":7051.28,"d":"7,051.28"},{"v":21153.84,"d":"21,153.84"}]
[34,"防火涂料","NCB 20Kg  白色",null,null,"桶",null,null,15,null,"材料棚，新，超过使用期限，报废",{"v":60,"d":"60.00"},{"v":900,"d":"900.00"}]
[35,"洗料",{"$nulls":3},"桶",null,null,6,null,"材料棚，新，超过使用期限，报废",{"v":106.195,"d":"106.20"},637.17]
[36,"黄醇酸调和漆","黄色",null,null,"桶",null,null,30,null,"材料棚，新，超过使用期限，报废",207.08,{"v":6212.4,"d":"6,212.40"}]
[37,"特亮反光漆",{"$nulls":3},"桶",null,null,3,null,"材料棚，新，超过使用期限，报废",{"v":619.469,"d":"619.47"},{"v":1858.407,"d":"1,858.41"}]
[38,"高级沥青漆",{"$nulls":3},"桶",null,null,10,null,"材料棚，新，超过使用期限，报废",{"v":142.241142,"d":"142.24"},{"v":1422.41142,"d":"1,422.41"}]
[39,"黄醇酸调和漆","黑色",null,null,"桶",null,null,4,null,"材料棚，新，超过使用期限，报废",207.08,828.32]
[40,"黄醇酸调和漆","桔红",null,null,"桶",null,null,11,null,"材料棚，新，超过使用期限，报废",207.08,{"v":2277.88,"d":"2,277.88"}]
[41,"黄醇酸调和漆","孔雀蓝",null,null,"桶",null,null,2,null,"材料棚，新，超过使用期限，报废",207.08,414.16]
[42,"低压柜子","无铭牌",null,null,"个",null,null,2,null,"材料棚，橘红色，已掉漆，未使用过，内无配电装置，空壳",{"v":163.812857,"d":"163.81"},{"v":327.625714,"d":"327.63"}]
[43,"高级合成刹车油",{"$nulls":3},"瓶",null,null,13,null,"四号库，2012年的，瓶体锈烂，报废。",{"v":150,"d":"150.00"},{"v":1950,"d":"1,950.00"}]
[44,"螺栓松动剂",{"$nulls":3},"瓶",null,19,null,null,"四号库，新，过期",{"v":14.7491666666667,"d":"14.75"},{"v":280.234166666667,"d":"280.23"}]
[45,"黄油枪","手动式",null,null,"个",null,null,1,null,"四号库，报废",{"v":130,"d":"130.00"},{"v":130,"d":"130.00"}]
[46,"油缸活塞",{"$nulls":3},"个",null,null,2,null,"四号库，锈蚀报废",{"v":8160,"d":"8,160.00"},{"v":16320,"d":"16,320.00"}]
[47,"高压胶管","8×3m",null,null,"根",null,null,3,null,"四号库，存放7-8年，已不能使用",{"v":60,"d":"60.00"},{"v":180,"d":"180.00"}]
[48,"高压胶管","10×0.5m",null,null,"根",null,null,11,null,"四号库，存放7-8年，已不能使用",{"v":14.725,"d":"14.73"},{"v":161.975,"d":"161.98"}]
[49,"高压胶管","10×0.6m",null,null,"根",null,null,4,null,"四号库，存放7-8年，已不能使用",{"v":21.145,"d":"21.15"},84.58]
[50,"高压胶管","10×0.9m",null,null,"根",null,null,17,null,"四号库，存放7-8年，已不能使用",22.75,386.75]
[51,"高压胶管","10×1m",null,null,"根",null,null,8,null,"四号库，存放7-8年，已不能使用",{"v":24.355,"d":"24.36"},194.84]
[52,"高压胶管","10×1.1m",null,null,"根",null,null,10,null,"四号库，存放7-8年，已不能使用",{"v":24.355,"d":"24.36"},243.55]
[53,"高压胶管","13×0.5m",null,null,"根",null,null,10,null,"四号库，存放7-8年，已不能使用",{"v":112.115,"d":"112.12"},{"v":1121.15,"d":"1,121.15"}]
[54,"高压胶管","13×0.6m",null,null,"根",null,null,8,null,"四号库，存放7-8年，已不能使用",{"v":17.8256003,"d":"17.83"},{"v":142.6048024,"d":"142.60"}]
[55,"高压胶管","13×0.3m",null,null,"根",null,null,1,null,"四号库，存放7-8年，已不能使用",{"v":11.4894669833333,"d":"11.49"},{"v":11.4894669833333,"d":"11.49"}]
[56,"高压胶管","13×0.8m",null,null,"根",null,null,1,null,"四号库，存放7-8年，已不能使用",{"v":22.0496891777778,"d":"22.05"},{"v":22.0496891777778,"d":"22.05"}]
[57,"高压胶管","13×1m",null,null,"根",null,null,10,null,"四号库，存放7-8年，已不能使用",{"v":27.132667,"d":"27.13"},{"v":271.32667,"d":"271.33"}]
[58,"高压胶管","13×2m",null,null,"根",null,null,3,null,"四号库，存放7-8年，已不能使用",{"v":47.3942224444444,"d":"47.39"},{"v":142.182667333333,"d":"142.18"}]
[59,"高压胶管","13×2.5m",null,null,"根",null,null,7,null,"四号库，存放7-8年，已不能使用",{"v":57.9544446388889,"d":"57.95"},{"v":405.681112472222,"d":"405.68"}]
[60,"高压胶管","13×3m",null,null,"根",null,null,2,null,"四号库，存放7-8年，已不能使用",{"v":68.5146668333333,"d":"68.51"},{"v":137.029333666667,"d":"137.03"}]
[61,"高压油管","19×1.5m",null,null,"根",null,null,4,null,"四号库，存放7-8年，已不能使用",{"v":70,"d":"70.00"},{"v":280,"d":"280.00"}]
[62,"高压油管","19×1.6m",null,null,"根",null,null,5,null,"四号库，存放7-8年，已不能使用",{"v":70,"d":"70.00"},{"v":350,"d":"350.00"}]
[63,"高压油管","19×2m",null,null,"根",null,null,14,null,"四号库，存放7-8年，已不能使用",{"v":74,"d":"74.00"},{"v":1036,"d":"1,036.00"}]
[64,"高压油管","19×2.5m",null,null,"根",null,null,5,null,"四号库，存放7-8年，已不能使用",{"v":87.230167,"d":"87.23"},{"v":436.150835,"d":"436.15"}]
[65,"高压油管","19×3m",null,null,"根",null,null,8,null,"四号库，存放7-8年，已不能使用",{"v":100.407,"d":"100.41"},{"v":803.256,"d":"803.26"}]
[66,"高压油管","25×0.9m",null,null,"根",null,null,10,null,"四号库，存放7-8年，已不能使用",{"v":85,"d":"85.00"},{"v":850,"d":"850.00"}]
[67,"高压油管","25×1.2m",null,null,"根",null,null,6,null,"四号库，存放7-8年，已不能使用",{"v":95,"d":"95.00"},{"v":570,"d":"570.00"}]
[68,"高压油管","25×1.4m",null,null,"根",null,null,9,null,"四号库，存放7-8年，已不能使用",{"v":80,"d":"80.00"},{"v":720,"d":"720.00"}]
[69,"高压油管","25×1.8m",null,null,"根",null,null,4,null,"四号库，存放7-8年，已不能使用",{"v":80,"d":"80.00"},{"v":320,"d":"320.00"}]
[70,"高压油管","25×1.5m",null,null,"根",null,null,1,null,"四号库，存放7-8年，已不能使用",{"v":80,"d":"80.00"},{"v":80,"d":"80.00"}]
[71,"水管","DN25×8m",null,null,"根",null,null,1,null,"四号库，存放7-8年，已不能使用",{"v":273.4515,"d":"273.45"},{"v":273.4515,"d":"273.45"}]
[72,"水管","DN19×8m",null,null,"根",null,null,1,null,"四号库，存放7-8年，已不能使用",{"v":246.077744533333,"d":"246.08"},{"v":246.077744533333,"d":"246.08"}]
[73,"水管","DN19×10m",null,null,"根",null,null,2,null,"四号库，存放7-8年，已不能使用",{"v":303.841,"d":"303.84"},{"v":607.682,"d":"607.68"}]
[74,"探水钻杆","1.5m",null,null,"根",null,null,1,null,"四号库，细钻杆现不使用",{"v":78,"d":"78.00"},{"v":78,"d":"78.00"}]
[75,"隔绝式压缩自救器","ZYX45",null,null,"个",null,null,4,null,"四号库，已超过使用期限",{"v":176.99115,"d":"176.99"},{"v":707.9646,"d":"707.96"}]
[76,"密封胶",{"$nulls":3},"个",null,null,26,null,"四号库，新，过期",{"v":12,"d":"12.00"},{"v":312,"d":"312.00"}]
[77,"王中王油器清洗剂",{"$nulls":3},"个",null,null,8,null,"四号库，过期",{"v":14.7491666666667,"d":"14.75"},{"v":117.993333333334,"d":"117.99"}]
[78,"金属卤素灯","400W",null,null,"个",null,4,null,null,"四号库，淘汰产品耗电量大。",{"v":1020,"d":"1,020.00"},{"v":4080,"d":"4,080.00"}]
[79,"卤素灯泡","400W",null,null,"个",null,2,null,null,"四号库，淘汰产品耗电量大。",{"v":52,"d":"52.00"},{"v":104,"d":"104.00"}]
[80,"碘钨灯","1000W",null,null,"个",null,2,null,null,"四号库，淘汰产品耗电量大。",{"v":10.345,"d":"10.35"},20.69]
[81,"隔离换向开关","DH2-7-125A 660V",null,null,"个",null,null,1,null,"四号库，报废",{"v":275,"d":"275.00"},{"v":275,"d":"275.00"}]
[82,"垂虹泵","15WG16-10-0.09",null,null,"个",null,null,1,null,"四号库，报废",{"v":350,"d":"350.00"},{"v":350,"d":"350.00"}]
[83,"垂虹泵","15WG1.2-15",null,null,"个",null,null,1,null,"四号库，报废",{"v":350,"d":"350.00"},{"v":350,"d":"350.00"}]
[84,"煤电钻",{"$nulls":3},"个",null,4,null,null,"四号库，旧，报废",{"v":800,"d":"800.00"},{"v":3200,"d":"3,200.00"}]
[85,"风动锚头",{"$nulls":3},"个",null,4,null,null,"四号库，旧，报废",{"v":2123.895,"d":"2,123.90"},{"v":8495.58,"d":"8,495.58"}]
[86,"风动钻机","无铭牌",null,null,"个",null,3,null,null,"四号库，旧，报废",{"v":2123.895,"d":"2,123.90"},{"v":6371.685,"d":"6,371.69"}]
[87,"火炉子","只有炉体，还使用过",null,null,"个",null,2,null,null,"四号库，旧，报废",33.66,67.32]
[88,"手持风钻",{"$nulls":3},"个",null,null,1,null,"四号库，旧，报废",{"v":2123.895,"d":"2,123.90"},{"v":2123.895,"d":"2,123.90"}]
[89,"防爆插销",{"$nulls":3},"个",null,null,3,null,"四号库，报废",{"v":315,"d":"315.00"},{"v":945,"d":"945.00"}]
[90,"电铃",{"$nulls":3},"个",null,null,3,null,"四号库，新，本矿报废",{"v":180,"d":"180.00"},{"v":540,"d":"540.00"}]
[91,"免垫片硅酮密封胶","箱/100支",null,null,"箱",null,null,1,null,"四号库，过期",{"v":1200,"d":"1,200.00"},{"v":1200,"d":"1,200.00"}]
[92,"非防爆装载机马达",{"$nulls":3},"个",null,null,4,null,"四号库，报废",{"v":2000,"d":"2,000.00"},{"v":8000,"d":"8,000.00"}]
[93,"截齿",{"$nulls":3},"个","掘进机截齿",52,null,null,"四号库，旧，已磨损",{"v":94,"d":"94.00"},{"v":4888,"d":"4,888.00"}]
[94,"锚杆钻机","油压式",null,null,"台",null,null,2,null,"四号库，报废",{"v":5668.714286,"d":"5,668.71"},{"v":11337.428572,"d":"11,337.43"}]
[95,"手持风钻",{"$nulls":3},"台",null,null,1,null,"四号库，报废",{"v":2123.895,"d":"2,123.90"},{"v":2123.895,"d":"2,123.90"}]
[96,"塑料布",{"$nulls":3},"卷",null,null,2,null,"四号库，已风化",{"v":1200,"d":"1,200.00"},{"v":2400,"d":"2,400.00"}]
[97,"冷补胶",{"$nulls":3},"箱",null,null,1,null,"四号库，已过期",{"v":513.274336,"d":"513.27"},{"v":513.274336,"d":"513.27"}]
[98,"松动剂",{"$nulls":3},"瓶",null,null,19,null,"四号库，已过期",{"v":14.7491666666667,"d":"14.75"},{"v":280.234166666667,"d":"280.23"}]
[99,"雨帽",{"$nulls":3},"个",null,null,3,null,"四号库，报废",{"v":252,"d":"252.00"},{"v":756,"d":"756.00"}]
[100,"煤矿用电容式发爆器",{"$nulls":3},"个",null,null,1,null,"四号库，报废",{"v":300,"d":"300.00"},{"v":300,"d":"300.00"}]
[101,"发爆器",{"$nulls":3},"个",null,null,1,null,"四号库，报废",{"v":300,"d":"300.00"},{"v":300,"d":"300.00"}]
[102,"冷缩电缆附件",{"$nulls":3},"套",null,null,1,null,"四号库，已过期",{"v":371.681416,"d":"371.68"},{"v":371.681416,"d":"371.68"}]
[103,"铁皮炉筒子","φ100×880",null,null,"节",null,18,null,null,"四号库，无用途，报废",{"v":5.4,"d":"5.40"},{"v":97.2,"d":"97.20"}]
[104,"空滤","150×260",null,null,"个","车辆现不使用",null,12,null,"四号库，新，经询问修理后，现已不使用，淘汰报废",{"v":30,"d":"30.00"},{"v":360,"d":"360.00"}]
[105,"空滤","K2332",null,null,"个","车辆现不使用",null,11,null,"四号库，新，经询问修理后，现已不使用，淘汰报废",{"v":65,"d":"65.00"},{"v":715,"d":"715.00"}]
[106,"空滤","180×330",null,null,"个","车辆现不使用",null,7,null,"四号库，新，经询问修理后，现已不使用，淘汰报废",{"v":70,"d":"70.00"},{"v":490,"d":"490.00"}]
[107,"空滤","260×430",null,null,"个","车辆现不使用",null,3,null,"四号库，新，经询问修理后，现已不使用，淘汰报废",{"v":155,"d":"155.00"},{"v":465,"d":"465.00"}]
[108,"空滤","180×400",null,null,"个","车辆现不使用",null,1,null,"四号库，新，经询问修理后，现已不使用，淘汰报废",{"v":75,"d":"75.00"},{"v":75,"d":"75.00"}]
[109,"空滤","150×380",null,null,"个","车辆现不使用",null,3,null,"四号库，新，经询问修理后，现已不使用，淘汰报废",{"v":97,"d":"97.00"},{"v":291,"d":"291.00"}]
[110,"空滤","200×250",null,null,"个","车辆现不使用",null,3,null,"四号库，新，经询问修理后，现已不使用，淘汰报废",{"v":40,"d":"40.00"},{"v":120,"d":"120.00"}]
[111,"空滤","300×440",null,null,"个","车辆现不使用",null,1,null,"四号库，新，经询问修理后，现已不使用，淘汰报废",{"v":136,"d":"136.00"},{"v":136,"d":"136.00"}]
[112,"空滤","K2036",null,null,"个","车辆现不使用",null,1,null,"四号库，新，经询问修理后，现已不使用，淘汰报废",{"v":86,"d":"86.00"},{"v":86,"d":"86.00"}]
[113,"空滤","K1833",null,null,"个","车辆现不使用",null,8,null,"四号库，新，经询问修理后，现已不使用，淘汰报废",{"v":160,"d":"160.00"},{"v":1280,"d":"1,280.00"}]
[114,"空滤","K2642",null,null,"个","车辆现不使用",null,1,null,"四号库，新，经询问修理后，现已不使用，淘汰报废",{"v":145,"d":"145.00"},{"v":145,"d":"145.00"}]
[115,"空滤",2032,null,null,"个","车辆现不使用",null,1,null,"四号库，新，经询问修理后，现已不使用，淘汰报废",{"v":65,"d":"65.00"},{"v":65,"d":"65.00"}]
[116,"机油滤芯","JX0818A",null,null,"个","车辆现不使用",null,1,null,"四号库，新，经询问修理后，现已不使用，淘汰报废",{"v":90,"d":"90.00"},{"v":90,"d":"90.00"}]
[117,"机油滤芯","JX0811A",null,null,"个",null,null,2,null,"四号库，新，经询问修理后，现已不使用，淘汰报废",{"v":68,"d":"68.00"},{"v":136,"d":"136.00"}]
[118,"柴油滤清器","CX0710",null,null,"个",null,null,1,null,"四号库，新，经询问修理后，现已不使用，淘汰报废",{"v":68,"d":"68.00"},{"v":68,"d":"68.00"}]
[119,"机滤","WD13145",null,null,"个",null,null,1,null,"四号库，新，经询问修理后，现已不使用，淘汰报废",{"v":230,"d":"230.00"},{"v":230,"d":"230.00"}]
[120,"三角带","A1400",null,null,"根",null,null,4,null,"四号库，新，无使用地点，存放时间长的橡胶制品，不能使用，报废。",{"v":20,"d":"20.00"},{"v":80,"d":"80.00"}]
[121,"三角带","A1500",null,null,"根",null,null,4,null,"四号库，新，无使用地点，存放时间长的橡胶制品，不能使用，报废。",{"v":20,"d":"20.00"},{"v":80,"d":"80.00"}]
[122,"三角带","B1372",null,null,"根",null,null,1,null,"四号库，新，无使用地点，存放时间长的橡胶制品，不能使用，报废。",{"v":20,"d":"20.00"},{"v":20,"d":"20.00"}]
[123,"三角带","B1245",null,null,"根",null,null,5,null,"四号库，新，无使用地点，存放时间长的橡胶制品，不能使用，报废。",{"v":20,"d":"20.00"},{"v":100,"d":"100.00"}]
[124,"三角带","A850",null,null,"根",null,null,2,null,"四号库，新，无使用地点，存放时间长的橡胶制品，不能使用，报废。",{"v":20,"d":"20.00"},{"v":40,"d":"40.00"}]
[125,"三角带","A950",null,null,"根",null,null,1,null,"四号库，新，无使用地点，存放时间长的橡胶制品，不能使用，报废。",{"v":20,"d":"20.00"},{"v":20,"d":"20.00"}]
[126,"三角带","A1000",null,null,"根",null,null,2,null,"四号库，新，无使用地点，存放时间长的橡胶制品，不能使用，报废。",{"v":20,"d":"20.00"},{"v":40,"d":"40.00"}]
[127,"链轮皮带","AVBXB60L",null,null,"根",null,null,4,null,"四号库，新，无使用地点，存放时间长的橡胶制品，不能使用，报废。",{"v":20,"d":"20.00"},{"v":80,"d":"80.00"}]
[128,"三角带","B-1270",null,null,"根",null,null,11,null,"四号库，新，无使用地点，存放时间长的橡胶制品，不能使用，报废。",{"v":20,"d":"20.00"},{"v":220,"d":"220.00"}]
[129,"三角带","B-2540",null,null,"根",null,null,6,null,"四号库，新，无使用地点，存放时间长的橡胶制品，不能使用，报废。",{"v":20,"d":"20.00"},{"v":120,"d":"120.00"}]
[130,"三角带","A1600",null,null,"根",null,null,5,null,"四号库，新，无使用地点，存放时间长的橡胶制品，不能使用，报废。",{"v":20,"d":"20.00"},{"v":100,"d":"100.00"}]
[131,"白炽灯","100W",null,null,"个",null,null,24,null,"四号库，新，已是淘汰产品，报废",{"v":3.5,"d":"3.50"},{"v":84,"d":"84.00"}]
[132,"白炽灯","100W",null,null,"个",null,null,43,null,"四号库，新，已是淘汰产品，报废",{"v":3.5,"d":"3.50"},{"v":150.5,"d":"150.50"}]
[133,"白炽灯","200W",null,null,"个",null,null,40,null,"四号库，新，已是淘汰产品，报废",{"v":3.5,"d":"3.50"},{"v":140,"d":"140.00"}]
[134,"电流互感器","LZZBJ9-10  1200/5",null,null,"个",null,null,9,null,"四号库，2011年生产，不知使用地点，报废",{"v":1327.433628,"d":"1,327.43"},{"v":11946.902652,"d":"11,946.90"}]
[135,"电流互感器","LZZBJ9-10  300/5",null,null,"个",null,null,3,null,"四号库，2011年生产，不知使用地点，报废",{"v":1327.433628,"d":"1,327.43"},{"v":3982.300884,"d":"3,982.30"}]
[136,"电流互感器","LZZBJ9-10  400/5",null,null,"个",null,null,3,null,"四号库，2011年生产，不知使用地点，报废",{"v":1327.433628,"d":"1,327.43"},{"v":3982.300884,"d":"3,982.30"}]
[137,"柴油发动机专用油",{"$nulls":3},"桶",null,null,2,null,"四号库，超过使用期限，报废",{"v":192,"d":"192.00"},{"v":384,"d":"384.00"}]
[138,"液力传动液",{"$nulls":3},"桶",null,null,3,null,"四号库，超过使用期限，报废",{"v":345.132,"d":"345.13"},{"v":1035.396,"d":"1,035.40"}]
[139,"发动机冷却液",{"$nulls":3},"桶",null,null,1,null,"四号库，超过使用期限，报废",{"v":500,"d":"500.00"},{"v":500,"d":"500.00"}]
[140,"汽轮机油",{"$nulls":3},"桶",null,null,3,null,"四号库，超过使用期限，报废",{"v":120,"d":"120.00"},{"v":360,"d":"360.00"}]
[141,"空压机冷却液",{"$nulls":3},"桶",null,null,3,null,"四号库，超过使用期限，报废",{"v":1592.92,"d":"1,592.92"},{"v":4778.76,"d":"4,778.76"}]
[142,"锂基脂","2#",null,null,"桶",null,null,1,null,"四号库，超过使用期限，报废",{"v":378.383571,"d":"378.38"},{"v":378.383571,"d":"378.38"}]
[143,"网片","B=900 L=1700",null,null,"片",null,null,400,null,"篮球场，新，因质量问题不能使用",{"v":124.24778,"d":"124.25"},{"v":49699.112,"d":"49,699.11"}]
[144,"网片","B=900 L=5000",null,null,"片",null,null,100,null,"篮球场，新，因质量问题不能使用",{"v":181.1947,"d":"181.19"},{"v":18119.47,"d":"18,119.47"}]
[145,"托辊","φ108×325",null,null,"个",null,null,103,null,"篮球场，报废",{"v":75.221167,"d":"75.22"},{"v":7747.780201,"d":"7,747.78"}]
[146,"反渗透净水机",{"$nulls":3},"套",null,null,2,null,"4号库，报废",{"v":23800,"d":"23,800.00"},{"v":47600,"d":"47,600.00"}]
[147,"齿座",{"$nulls":3},"个","掘进机",null,2,null,"四号库，新，无用途",{"v":170,"d":"170.00"},{"v":340,"d":"340.00"}]
[148,"联轴器",{"$nulls":3},"个",null,null,1,null,"4号库，已被焊接改造过",{"v":2260,"d":"2,260.00"},{"v":2260,"d":"2,260.00"}]
[149,"减速器传动轴",{"$nulls":3},"个",null,null,1,null,"4号库，旧",{"v":780,"d":"780.00"},{"v":780,"d":"780.00"}]
[150,"高压胶管","DN10×300",null,null,"根",null,null,6,null,"高压胶管库，2013年产品，报废",{"v":11.515,"d":"11.52"},69.09]
[151,"高压胶管","DN10×500",null,null,"根",null,null,6,null,"高压胶管库，2013年产品，报废",{"v":14.725,"d":"14.73"},88.35]
[152,"高压胶管","DN25-550",null,null,"根",null,null,6,null,"高压胶管库，2013年产品，报废",{"v":33.821125,"d":"33.82"},{"v":202.92675,"d":"202.93"}]
[153,"高压胶管","DN19×4×1900 ",null,null,"根",null,null,1,null,"高压胶管库，报废",{"v":69.90134036,"d":"69.90"},{"v":69.90134036,"d":"69.90"}]
[154,"高压胶管","KJ19×4×2000 ",null,null,"根",null,null,1,null,"高压胶管库，报废",{"v":72.7894781333333,"d":"72.79"},{"v":72.7894781333333,"d":"72.79"}]
[155,"高压胶管","KJ19×4×3000",null,null,"根",null,null,1,null,"高压胶管库，报废",{"v":101.670855866667,"d":"101.67"},{"v":101.670855866667,"d":"101.67"}]
[156,"高压胶管","DN10×4×8000",null,null,"根",null,null,1,null,"高压胶管库，报废",{"v":135.1,"d":"135.10"},{"v":135.1,"d":"135.10"}]
[157,"高压胶管","KJ13×4×3000",null,null,"根",null,null,1,null,"高压胶管库，报废",{"v":68.5146668333333,"d":"68.51"},{"v":68.5146668333333,"d":"68.51"}]
[158,"高压胶管","DN25×4×1500",null,null,"根",null,null,1,null,"高压胶管库，报废",{"v":68.0540357142857,"d":"68.05"},{"v":68.0540357142857,"d":"68.05"}]
[159,"高压胶管","DN12×4×5000",null,null,"根",null,null,1,null,"高压胶管库，报废",{"v":110.755555611111,"d":"110.76"},{"v":110.755555611111,"d":"110.76"}]
[160,"高压胶管","A10×4×20000",null,null,"根",null,null,1,null,"高压胶管库，报废",{"v":327.7,"d":"327.70"},{"v":327.7,"d":"327.70"}]
[161,"高压胶管","DN25×4×1200",null,null,"根",null,null,1,null,"高压胶管库，报废",{"v":57.2436428571429,"d":"57.24"},{"v":57.2436428571429,"d":"57.24"}]
[162,"支架打立柱密封","SY174.30",null,null,"套",null,null,4,null,"高压胶管库，报废",{"v":3600,"d":"3,600.00"},{"v":14400,"d":"14,400.00"}]
[163,"隔爆兼本安型直流稳压电源","KDW0.6/127-C",null,null,"个",null,null,1,null,"高压胶管库，报废",{"v":15575.22,"d":"15,575.22"},{"v":15575.22,"d":"15,575.22"}]
[164,"长接头","07021006Z",null,null,"根","液压支架",null,134,"支架随机固定件","高压胶管库，报废",{"v":0,"d":"0.00"},{"v":0,"d":"0.00"}]
[165,"顶板离层仪","机械式",null,null,"个",null,null,24,null,"四号库，新，淘汰，报废",{"v":185,"d":"185.00"},{"v":4440,"d":"4,440.00"}]
[166,"矿山运输声光语音信号器","KXH102",null,null,"台",null,null,2,null,"4号库外，空地，2014年5月产品，报废。",{"v":280,"d":"280.00"},{"v":560,"d":"560.00"}]
[167,"矿用声光语音报警装置","KXB-2A",null,null,"台",null,null,3,null,"4号库外，空地，2014年6月产品，报废。",{"v":280,"d":"280.00"},{"v":840,"d":"840.00"}]
[168,"矿用带式输送机综合保护控制装置","KHP128-K型",null,null,"台",null,null,2,null,"4号库外，空地，2012年7月产品，报废",{"v":1600,"d":"1,600.00"},{"v":3200,"d":"3,200.00"}]
[169,"矿用带式输送机保护装置主机","KHP128-Z型",null,null,"台",null,null,3,null,"4号库外，空地，2014年8月产品，报废",{"v":1600,"d":"1,600.00"},{"v":4800,"d":"4,800.00"}]
[170,"矿用隔爆兼本安型声光信号装置","KXH127",null,null,"台",null,null,2,null,"4号库外，空地，2012年2月产品，报废",{"v":280,"d":"280.00"},{"v":560,"d":"560.00"}]
[171,"矿用隔爆兼本安型声光信号器","KXH127",null,null,"台",null,null,2,null,"4号库外，空地，2012年2月产品，报废",{"v":280,"d":"280.00"},{"v":560,"d":"560.00"}]
[172,"矿用隔爆型接线盒","2通",null,null,"个",null,null,2,null,"4号库外，空地，2010年，报废",{"v":1106.195,"d":"1,106.20"},{"v":2212.39,"d":"2,212.39"}]
[173,"矿用隔爆型接线盒","3通",null,null,"个",null,null,1,null,"4号库外，空地，报废",585.84,585.84]
[174,"启动按钮",{"$nulls":3},"个",null,null,1,null,"4号库外，空地，报废",{"v":20,"d":"20.00"},{"v":20,"d":"20.00"}]
[175,"开关",{"$nulls":3},"个",null,null,1,null,"4号库外，空地，报废",{"v":50,"d":"50.00"},{"v":50,"d":"50.00"}]
[176,"防爆灯管",{"$nulls":3},"个",null,null,2,null,"4号库外，空地，报废",{"v":61,"d":"61.00"},{"v":122,"d":"122.00"}]
[177,"防爆灯",{"$nulls":3},"个",null,null,1,null,"4号库外，空地，报废",{"v":929.204,"d":"929.20"},{"v":929.204,"d":"929.20"}]
[178,"矿用隔爆型接线盒","4通",null,null,"个",null,null,1,null,"4号库外，空地，报废",{"v":111.111153,"d":"111.11"},{"v":111.111153,"d":"111.11"}]
[179,"安全帽",{"$nulls":3},"个",null,null,8,null,"4号库外，空地，报废",{"v":61.946667,"d":"61.95"},{"v":495.573336,"d":"495.57"}]
[180,"保温桶",{"$nulls":3},"个",null,null,1,null,"4号库外，空地，报废",{"v":320,"d":"320.00"},{"v":320,"d":"320.00"}]
[181,"手拉葫芦","1吨",null,null,"个",null,null,5,null,"4号库外，空地，报废",{"v":650,"d":"650.00"},{"v":3250,"d":"3,250.00"}]
[182,"矿用带式输送机保护装置","KHP123-Z(A)",null,null,"个",null,null,1,null,"4号库外，空地，报废，2014年产品",{"v":1600,"d":"1,600.00"},{"v":1600,"d":"1,600.00"}]
[183,"矿用机电设备开停传感器",{"$nulls":3},"个",null,null,3,null,"4号库外，空地，报废，2013年产品",{"v":858,"d":"858.00"},{"v":2574,"d":"2,574.00"}]
[184,"通信信号装置","KXT102",null,null,"个",null,null,33,null,"4号库外，空地，报废，2014年产品",{"v":280,"d":"280.00"},{"v":9240,"d":"9,240.00"}]
[185,"防爆电话",{"$nulls":3},"台",null,null,1,null,"4号库外，空地，报废",{"v":513.274286,"d":"513.27"},{"v":513.274286,"d":"513.27"}]
[186,"矿用安全型电话机","KTH-33",null,null,"个",null,null,1,null,"4号库外，空地，报废，2013年产品",{"v":513.274286,"d":"513.27"},{"v":513.274286,"d":"513.27"}]
[187,"磁力启动器","QC36-10TA",null,null,"个",null,null,5,null,"4号库外，空地，报废",{"v":274.336666,"d":"274.34"},{"v":1371.68333,"d":"1,371.68"}]
[188,"电缆中间连接件","10KV",null,null,"套",null,null,4,null,"4号库外，空地，报废",{"v":371.681416,"d":"371.68"},{"v":1486.725664,"d":"1,486.73"}]
[189,"压缩氧自救器","ZYX45",null,null,"个",null,null,18,null,"4号库外，空地，报废",{"v":176.99115,"d":"176.99"},{"v":3185.8407,"d":"3,185.84"}]
[190,"风镐",{"$nulls":3},"个",null,null,5,null,"4号库外，空地，报废",840.71,{"v":4203.55,"d":"4,203.55"}]
[191,"风筒风量开关","KG5009型",null,null,"个",null,null,2,null,"4号库外，空地，报废,2016年产品",{"v":650,"d":"650.00"},{"v":1300,"d":"1,300.00"}]
[192,"机油滤清器","CLX-197A",null,null,"个",null,null,2,null,"4号库外，空地，报废",{"v":53,"d":"53.00"},{"v":106,"d":"106.00"}]
[193,"机油滤清器",{"$nulls":3},"个",null,null,11,null,"4号库外，空地，报废",{"v":53,"d":"53.00"},{"v":583,"d":"583.00"}]
[194,"机油滤清器","LOVOL",null,null,"个",null,null,1,null,"4号库外，空地，报废",{"v":490,"d":"490.00"},{"v":490,"d":"490.00"}]
[195,"万用表",{"$nulls":3},"个",null,null,1,null,"4号库外，空地，报废",{"v":309.735,"d":"309.74"},{"v":309.735,"d":"309.74"}]
[196,"风钻",{"$nulls":3},"个",null,null,1,null,"4号库外，空地，报废",{"v":1484.666667,"d":"1,484.67"},{"v":1484.666667,"d":"1,484.67"}]
[197,"液压钻机油缸",{"$nulls":3},"个",null,null,2,null,"4号库外，空地，报废",{"v":8400,"d":"8,400.00"},{"v":16800,"d":"16,800.00"}]
[198,"风钻锚头",{"$nulls":3},"个",null,null,1,null,"4号库外，空地，报废",{"v":2123.895,"d":"2,123.90"},{"v":2123.895,"d":"2,123.90"}]
[199,"手拉葫芦","3吨",null,null,"个",null,null,3,null,"4号库外，空地，报废",{"v":1017.7,"d":"1,017.70"},{"v":3053.1,"d":"3,053.10"}]
[200,"手拉葫芦","5吨",null,null,"个",null,null,4,null,"4号库外，空地，报废",{"v":1752.211667,"d":"1,752.21"},{"v":7008.846668,"d":"7,008.85"}]
[201,"多路甲烷断电仪","DJ4D",null,null,"个",null,null,1,null,"4号库外，空地，报废",{"v":148,"d":"148.00"},{"v":148,"d":"148.00"}]
[202,"气动黄油枪",{"$nulls":3},"个",null,null,1,null,"力德移交，机运交回，坏",{"v":420,"d":"420.00"},{"v":420,"d":"420.00"}]
[203,"矿用隔爆兼本质安全型报警器","KXB127",null,null,"个",null,null,4,null,"淮南万泰，淘汰下来，材料棚",{"v":850,"d":"850.00"},{"v":3400,"d":"3,400.00"}]
[204,"矿用隔爆兼本质安全型声光报警器","KXB127",null,null,"个",null,null,1,null,"淮南万泰，淘汰下来，材料棚",{"v":850,"d":"850.00"},{"v":850,"d":"850.00"}]
[205,"矿用隔爆兼本质安全型声光报警器","KXB127",null,null,"个",null,null,1,null,"淮南万泰，淘汰下来，材料棚",{"v":1600,"d":"1,600.00"},{"v":1600,"d":"1,600.00"}]
[206,"矿用隔爆型控制按钮","BZA-10-5/36-2",null,null,"个",null,null,1,null,"三号库，报废",{"v":318.585,"d":"318.59"},{"v":318.585,"d":"318.59"}]
[207,"环氧冷浇剂","G-20  20盒/箱",null,null,"箱",null,null,6,null,"三号库，过期报废，2022年6月产品",{"v":1946.903333,"d":"1,946.90"},{"v":11681.419998,"d":"11,681.42"}]
[208,"千斤顶",{"$nulls":3},"个",null,null,1,null,"三号库，报废",309.73,309.73]
[209,"真空接触器","OKJ5-125A",null,null,"个",null,null,1,null,"三号库，报废",{"v":1358.975,"d":"1,358.98"},{"v":1358.975,"d":"1,358.98"}]
[210,"矿用隔爆型声光组合电铃","BAL-127G",null,null,"个",null,null,1,null,"三号库，报废",{"v":180,"d":"180.00"},{"v":180,"d":"180.00"}]
[211,"显示屏","YHL-3",null,null,"块",null,null,2,null,"三号库，报废",{"v":330,"d":"330.00"},{"v":660,"d":"660.00"}]
[212,"功放","RA-50F",null,null,"个",null,null,2,null,"三号库，报废",{"v":1415.93,"d":"1,415.93"},{"v":2831.86,"d":"2,831.86"}]
[213,"有源音柱","HG-20Y",null,null,"个",null,null,1,null,"三号库，报废",{"v":1592.92,"d":"1,592.92"},{"v":1592.92,"d":"1,592.92"}]
[214,"永磁操动机构控制器",{"$nulls":3},"个",null,null,1,null,"三号库，报废",{"v":6159.29,"d":"6,159.29"},{"v":6159.29,"d":"6,159.29"}]
[215,"手拉葫芦","3.2T",null,null,"个",null,null,4,null,"三号库，报废",{"v":1017.7,"d":"1,017.70"},{"v":4070.8,"d":"4,070.80"}]
[216,"手拉葫芦","2T",null,null,"个",null,null,4,null,"三号库，报废",{"v":867.256,"d":"867.26"},{"v":3469.024,"d":"3,469.02"}]
[217,"消防疏散指示图","195×295mm",null,null,"块",null,null,188,null,"三号库，安质环计划采购一直未安装，今年安监科重复采购并已安装，现在库房滞留且建筑有变化",{"v":20,"d":"20.00"},{"v":3760,"d":"3,760.00"}]
[218,"消防疏散指示图","295×392mm",null,null,"块",null,null,65,null,null,{"v":26,"d":"26.00"},{"v":1690,"d":"1,690.00"}]
[219,"搅拌器",{"$nulls":3},"个",null,null,1,null,"三号库，报废",{"v":33.628,"d":"33.63"},{"v":33.628,"d":"33.63"}]
[220,"煤电钻",{"$nulls":3},"个",null,null,4,null,"三号库，报废",{"v":800,"d":"800.00"},{"v":3200,"d":"3,200.00"}]
[221,"闸阀","DN50  1.6MPa",null,null,"个",null,null,1,null,"三号库，报废",{"v":256.637,"d":"256.64"},{"v":256.637,"d":"256.64"}]
[222,"镰刀",{"$nulls":3},"把",null,null,1,null,"三号库，报废",{"v":20,"d":"20.00"},{"v":20,"d":"20.00"}]
[223,"手提风镐",{"$nulls":3},"个",null,null,1,null,"三号库，报废",840.71,840.71]
[224,"冷缩电缆附件","150-240mm2",null,null,"套",null,null,4,null,"三号库，报废，在靠北墙最里面架子",{"v":1610.619469,"d":"1,610.62"},{"v":6442.477876,"d":"6,442.48"}]
[225,"金属缠绕垫","DN350",null,null,"个",null,null,1,null,"三号库，报废",26.55,26.55]
[226,"金属缠绕垫","DN400",null,null,"个",null,null,1,null,"三号库，报废",{"v":32.4775,"d":"32.48"},{"v":32.4775,"d":"32.48"}]
[227,"金属缠绕垫","φ480",null,null,"个",null,null,3,null,"三号库，报废",{"v":34.483,"d":"34.48"},{"v":103.449,"d":"103.45"}]
[228,"金属缠绕垫","DN100",null,null,"个",null,null,2,null,"三号库，报废",{"v":3.362829,"d":"3.36"},{"v":6.725658,"d":"6.73"}]
[229,"金属缠绕垫","DN150",null,null,"个",null,null,2,null,"三号库，报废",7.08,14.16]
[230,"电压互感器","JSZW3-10  ",null,null,"个",null,null,1,null,"三号库，报废",{"v":3771,"d":"3,771.00"},{"v":3771,"d":"3,771.00"}]
[231,"接线柱","10KV",null,null,"个",null,null,6,null,"三号库，报废",{"v":2222.22,"d":"2,222.22"},{"v":13333.32,"d":"13,333.32"}]
[232,"真空接触器","CKJ5-400A",null,null,"个",null,null,1,null,"三号库，报废",{"v":2928.205,"d":"2,928.21"},{"v":2928.205,"d":"2,928.21"}]
[233,"红外发射器","FYF5",null,null,"个",null,null,8,null,"三号库，已淘汰，无配套设施，淮南万泰",{"v":2270.796667,"d":"2,270.80"},{"v":18166.373336,"d":"18,166.37"}]
[234,"保护器","WTQ-200",null,null,"个",null,null,1,null,"三号库，报废",{"v":4955.7525,"d":"4,955.75"},{"v":4955.7525,"d":"4,955.75"}]
[235,"交流真空接触器","CKJ5-160/1.14  160A",null,null,"个",null,null,2,null,"三号库，报废",{"v":1407.08,"d":"1,407.08"},{"v":2814.16,"d":"2,814.16"}]
[236,"保护器","WTZ-200III",null,null,"个",null,null,1,null,"三号库，报废",{"v":4955.75,"d":"4,955.75"},{"v":4955.75,"d":"4,955.75"}]
[237,"矿用永磁开关控制器","ZC300-2",null,null,"个",null,null,1,null,"三号库，报废",{"v":6159.292035,"d":"6,159.29"},{"v":6159.292035,"d":"6,159.29"}]
[238,"氧气瓶",{"$nulls":3},"个",null,null,2,null,"三号库，报废",{"v":486.725,"d":"486.73"},973.45]
[239,"乙炔瓶",{"$nulls":3},"个",null,null,3,null,"三号库，报废",115.04,345.12]
[240,"氧气乙炔管",{"$nulls":3},"根",null,null,4,null,"三号库，报废",{"v":57.5,"d":"57.50"},{"v":230,"d":"230.00"}]
[241,"自喷涂料","白色",null,null,"个",null,null,29,null,"三号库，报废",{"v":7.22708333333333,"d":"7.23"},{"v":209.585416666667,"d":"209.59"}]
[242,"自喷涂料","大红",null,null,"个",null,null,12,null,"三号库，报废",{"v":7.22708333333333,"d":"7.23"},{"v":86.725,"d":"86.73"}]
[243,"安全帽",{"$nulls":3},"个",null,null,9,null,"三号库，报废",{"v":61.946667,"d":"61.95"},{"v":557.520003,"d":"557.52"}]
[244,"高压绝缘手套",{"$nulls":3},"付",null,null,3,null,"三号库，报废",132.74,398.22]
[245,"风钻麻花钻头",{"$nulls":3},"根",null,null,9,null,"三号库，报废",{"v":33.628333,"d":"33.63"},{"v":302.654997,"d":"302.65"}]
[246,"矿井供水施救装置","ZYJG",null,null,"套",null,null,1,null,"三号库，报废",{"v":884.956667,"d":"884.96"},{"v":884.956667,"d":"884.96"}]
[247,"探水钻杆","1.5米",null,null,"根",null,null,4,null,"三号库，报废",{"v":61.946833,"d":"61.95"},{"v":247.787332,"d":"247.79"}]
[248,"钻杆","1.9米",null,null,"根",null,null,5,null,"三号库，报废",{"v":84.955667,"d":"84.96"},{"v":424.778335,"d":"424.78"}]
[249,"温度巡检仪","DWX 50-200℃ 220V",null,null,"个",null,null,1,null,"三号库，报废",{"v":230.088666,"d":"230.09"},{"v":230.088666,"d":"230.09"}]
[250,"热风机","NF-4013",null,null,"台",null,null,4,null,"三号库，报废",{"v":2212.39,"d":"2,212.39"},{"v":8849.56,"d":"8,849.56"}]
[251,"安全帽",{"$nulls":3},"个",null,null,75,null,"三号库，报废",{"v":48.6725,"d":"48.67"},{"v":3650.4375,"d":"3,650.44"}]
[252,"三角带","1.5米",null,null,"根",null,null,2,null,"三号库，报废",{"v":48.672566,"d":"48.67"},{"v":97.345132,"d":"97.35"}]
[253,"三角带","1397mm",null,null,"根",null,null,2,null,"三号库，报废",{"v":48.672566,"d":"48.67"},{"v":97.345132,"d":"97.35"}]
[254,"三角带","1473mm",null,null,"根",null,null,1,null,"三号库，报废",{"v":48.672566,"d":"48.67"},{"v":48.672566,"d":"48.67"}]
[255,"三角带","1295mm",null,null,"根",null,null,1,null,"三号库，报废",{"v":48.672566,"d":"48.67"},{"v":48.672566,"d":"48.67"}]
[256,"三角带","900mm",null,null,"根",null,null,1,null,"三号库，报废",{"v":48.672566,"d":"48.67"},{"v":48.672566,"d":"48.67"}]
[257,"三角带","800mm",null,null,"根",null,null,1,null,"三号库，报废",{"v":48.672566,"d":"48.67"},{"v":48.672566,"d":"48.67"}]
[258,"三角带","AU17×1100",null,null,"根",null,null,1,null,"三号库，报废",{"v":48.672566,"d":"48.67"},{"v":48.672566,"d":"48.67"}]
[259,"堆煤传感器","GOJ30",null,null,"个",null,null,1,null,"三号库，报废",{"v":432,"d":"432.00"},{"v":432,"d":"432.00"}]
[260,"微机保护测控器","WTB-IV",null,null,"个",null,null,1,null,"三号库，报废",{"v":3420.355,"d":"3,420.36"},{"v":3420.355,"d":"3,420.36"}]
[261,"矿用安全型电话机","KTH-33",null,null,"个",null,null,3,null,"三号库，报废",{"v":505.785714,"d":"505.79"},{"v":1517.357142,"d":"1,517.36"}]
[262,"氧气乙炔切割枪",{"$nulls":3},"个",null,null,3,null,"三号库，报废",44.25,132.75]
[263,"交流真空接触器","CKJ5-160/1140",null,null,"个",null,null,1,null,"三号库，报废",{"v":1601.77,"d":"1,601.77"},{"v":1601.77,"d":"1,601.77"}]
[264,"圆盘式输水阀","BS1H-16 1.6MPa",null,null,"个",null,null,2,null,"三号库，报废",{"v":241.710769,"d":"241.71"},{"v":483.421538,"d":"483.42"}]
[265,"截止阀","DN20 1.6MPa",null,null,"个",null,null,2,null,"三号库，报废",{"v":123.894166,"d":"123.89"},{"v":247.788332,"d":"247.79"}]
[266,"截止阀","DN40 1.6MPa",null,null,"个",null,null,2,null,"三号库，报废",{"v":250,"d":"250.00"},{"v":500,"d":"500.00"}]
[267,"矿灯",{"$nulls":3},"个",null,null,142,null,"三号库，报废",{"v":128,"d":"128.00"},{"v":18176,"d":"18,176.00"}]
[268,"配电箱","一黄色、一个白色",null,null,"个",null,null,2,null,"三号库，报废",{"v":1293.1,"d":"1,293.10"},{"v":2586.2,"d":"2,586.20"}]
[269,"巨洋多平图像处理器",{"$nulls":3},"台",null,null,1,null,"三号库，报废",{"v":6850,"d":"6,850.00"},{"v":6850,"d":"6,850.00"}]
[270,"电话交换机","AG1032",null,null,"台",null,null,4,null,"三号库，报废",{"v":300,"d":"300.00"},{"v":1200,"d":"1,200.00"}]
[271,"解码器","海康威视DS-6408HD-T",null,null,"台",null,null,2,"随主机报废","三号库，报废",{"v":0,"d":"0.00"},{"v":0,"d":"0.00"}]
[272,"机顶盒",{"$nulls":3},"台",null,null,5,null,"三号库，报废",{"v":430,"d":"430.00"},{"v":2150,"d":"2,150.00"}]
[273,"传输接口","KJ236-J",null,null,"台",null,null,1,null,"三号库，报废",{"v":3000,"d":"3,000.00"},{"v":3000,"d":"3,000.00"}]
[274,"传输接口","KJ70N-J",null,null,"台",null,null,1,null,"三号库，报废",{"v":2000,"d":"2,000.00"},{"v":2000,"d":"2,000.00"}]
[275,"监控电源","RGB-105",null,null,"台",null,null,4,null,"三号库，报废",{"v":1500,"d":"1,500.00"},{"v":6000,"d":"6,000.00"}]
[276,"摄像头",{"$nulls":3},"个",null,null,2,null,"三号库，报废，空壳",{"v":707.964602,"d":"707.96"},{"v":1415.929204,"d":"1,415.93"}]
[277,"监控专用摄像机","800TVL",null,null,"个",null,null,19,null,"三号库，报废",{"v":575.2212,"d":"575.22"},{"v":10929.2028,"d":"10,929.20"}]
[278,"隔离",{"$nulls":3},"个",null,null,1,null,"三号库，报废",{"v":1185.84,"d":"1,185.84"},{"v":1185.84,"d":"1,185.84"}]
[279,"液压钻机",{"$nulls":3},"个",null,null,1,null,"三号库，报废",{"v":8400,"d":"8,400.00"},{"v":8400,"d":"8,400.00"}]
[280,"隔离换向开关","GHK400/1440",null,null,"个",null,null,1,null,"设备库，报废",{"v":2256.41,"d":"2,256.41"},{"v":2256.41,"d":"2,256.41"}]
[281,"交流接触器","HVC630-3",null,null,"个",null,null,1,null,"设备库，报废",{"v":85938.735,"d":"85,938.74"},{"v":85938.735,"d":"85,938.74"}]
[282,"矿用本安型水位报警装作显示器","ZSB12-X",null,null,"个",null,null,1,null,"设备库，报废",{"v":6292.92,"d":"6,292.92"},{"v":6292.92,"d":"6,292.92"}]
[283,"接触器","CKJ5-400/1.14",null,null,"个",null,null,1,null,"设备库，报废",{"v":2928.205,"d":"2,928.21"},{"v":2928.205,"d":"2,928.21"}]
[284,"接触器","CKJ5-250/1.14",null,null,"个",null,null,1,null,"设备库，报废",{"v":1551.724,"d":"1,551.72"},{"v":1551.724,"d":"1,551.72"}]
[285,"干式变压器","SBG-100/10/0.4",null,null,"台",null,null,1,null,"设备库，报废",{"v":25000,"d":"25,000.00"},{"v":25000,"d":"25,000.00"}]
[286,"柴油发电机","STX-10",null,null,"台",null,null,1,null,"设备库，报废，2013年产品",{"v":4224.14,"d":"4,224.14"},{"v":4224.14,"d":"4,224.14"}]
[287,"隔爆型电力液压推动器","BED-121/6",null,null,"台",null,null,1,null,"设备库，报废，2008.7",{"v":25000,"d":"25,000.00"},{"v":25000,"d":"25,000.00"}]
[288,"环氧树脂冷浇铸剂","G-20",null,null,"个",null,null,20,null,"设备库，报废，已过期",{"v":97.3,"d":"97.30"},{"v":1946,"d":"1,946.00"}]
[289,"隔爆型接线盒","BHD2-40/380-3T",null,null,"个",null,null,1,null,"设备库，报废",{"v":111.111153,"d":"111.11"},{"v":111.111153,"d":"111.11"}]
[290,"安全阀","FAD200/50 50MPa",null,null,"个",null,null,4,null,"设备库，报废",{"v":623.061379,"d":"623.06"},{"v":2492.245516,"d":"2,492.25"}]
[291,"矿用本安型压力计","YHY60（D）",null,null,"个",null,null,43,null,"设备库，报废",991.38,{"v":42629.34,"d":"42,629.34"}]
[292,"矿用隔爆兼本安型声光报警器","KXB127",null,null,"个",null,null,1,null,"设备库，报废",{"v":11946.905,"d":"11,946.91"},{"v":11946.905,"d":"11,946.91"}]
[293,"液压支架电液控制装置隔离器","MAJ080015",null,null,"个",null,null,1,null,"设备库，报废",{"v":1264.602,"d":"1,264.60"},{"v":1264.602,"d":"1,264.60"}]
[294,"无线箱",{"$nulls":3},"个",null,null,1,null,"设备库，报废，空壳子",183.15,183.15]
[295,"安全阀","FAD1000/50 ",null,null,"个",null,null,2,null,"设备库，报废",{"v":1061.947,"d":"1,061.95"},{"v":2123.894,"d":"2,123.89"}]
[296,"离心热水泵","ISR80-50-200",null,null,"个",null,null,2,null,"设备库，无维修价值，报废",{"v":1858.405,"d":"1,858.41"},{"v":3716.81,"d":"3,716.81"}]
[297,"离心式清水泵","IS80-50-200",null,null,"台",null,null,2,null,"设备库，旧，无维修价值2020.3，报废",{"v":1858.405,"d":"1,858.41"},{"v":3716.81,"d":"3,716.81"}]
[298,"液压泵","YS8034 无铭牌",null,null,"个",null,null,1,null,"设备库，报废",{"v":5800,"d":"5,800.00"},{"v":5800,"d":"5,800.00"}]
[299,"液压泵","MM2H157G3TC40800",null,null,"个",null,null,1,null,"设备库，报废",{"v":5800,"d":"5,800.00"},{"v":5800,"d":"5,800.00"}]
[300,"手拉葫芦","HSZ 10T",null,null,"个",null,null,2,null,"设备库，报废",{"v":2000,"d":"2,000.00"},{"v":4000,"d":"4,000.00"}]
[301,"手拉葫芦","HSZ-C 5T",null,null,"个",null,null,2,null,"设备库，报废",{"v":1752.211667,"d":"1,752.21"},{"v":3504.423334,"d":"3,504.42"}]
[302,"手拉葫芦","3.2T",null,null,"个",null,null,2,null,"设备库，报废",{"v":1017.7,"d":"1,017.70"},{"v":2035.4,"d":"2,035.40"}]
[303,"手拉葫芦","2T",null,null,"个",null,null,2,null,"设备库，报废",{"v":867.256,"d":"867.26"},{"v":1734.512,"d":"1,734.51"}]
[304,"隔爆型阀门电动装置","ZB90-24/400",null,null,"个",null,null,1,null,"设备库，报废，2013年5月",{"v":13274.34,"d":"13,274.34"},{"v":13274.34,"d":"13,274.34"}]
[305,"小单体","液压式",null,null,"个",null,null,3,null,"设备库，报废",796.46,{"v":2389.38,"d":"2,389.38"}]
[306,"防爆电话",{"$nulls":3},"个",null,null,1,null,"设备库，报废",{"v":189,"d":"189.00"},{"v":189,"d":"189.00"}]
[307,"起底油缸",{"$nulls":3},"根",null,null,1,null,"设备库，报废",{"v":6800,"d":"6,800.00"},{"v":6800,"d":"6,800.00"}]
[308,"推拉油缸","无铭牌",null,null,"根",null,null,1,null,"设备库，报废",{"v":15000,"d":"15,000.00"},{"v":15000,"d":"15,000.00"}]
[309,"强力煤电钻","ZMISQ",null,null,"台",null,null,1,null,"设备库，报废",{"v":800,"d":"800.00"},{"v":800,"d":"800.00"}]
[310,"挡风装置",{"$nulls":3},"个",null,null,1,"液压支架附件","设备库，报废",{"v":0,"d":"0.00"},{"v":0,"d":"0.00"}]
[311,"闸板油缸",{"$nulls":3},"个",null,null,1,null,"设备库，报废",{"v":1000,"d":"1,000.00"},{"v":1000,"d":"1,000.00"}]
[312,"给煤机油缸",{"$nulls":3},"根",null,null,2,null,"设备库，报废",{"v":2000,"d":"2,000.00"},{"v":4000,"d":"4,000.00"}]
[313,"闸阀","DN350",null,null,"个",null,null,1,null,"设备库，报废",{"v":4955.752,"d":"4,955.75"},{"v":4955.752,"d":"4,955.75"}]
[314,"矿用隔爆兼本安型液量传感器","GLC10G",null,null,"台",null,null,2,null,"设备库，报废",{"v":1100,"d":"1,100.00"},{"v":2200,"d":"2,200.00"}]
[315,"隔爆型断火限位器","BL101-10",null,null,"台",null,null,2,null,"设备库，报废",{"v":350,"d":"350.00"},{"v":700,"d":"700.00"}]
[316,"电瓶","12V  65Ah",null,null,"块",null,null,4,null,"设备库，报废",{"v":500,"d":"500.00"},{"v":2000,"d":"2,000.00"}]
[317,"矿用LED机车照明灯","DGY18/24L（A）",null,null,"个",null,null,1,null,"设备库，报废，空壳",{"v":370,"d":"370.00"},{"v":370,"d":"370.00"}]
[318,"矿用隔爆兼本安型显示器",{"$nulls":3},"台",null,null,1,"随主机报废-304","设备库，报废，2013年产品",{"v":0,"d":"0.00"},{"v":0,"d":"0.00"}]
[319,"矿用隔爆兼本安型主机",{"$nulls":3},"台",null,null,1,null,"设备库，报废，2013年产品",{"v":33185.84,"d":"33,185.84"},{"v":33185.84,"d":"33,185.84"}]
[320,"三相干式变压器","SG-40KVA",null,null,"台",null,null,1,null,"设备库，报废，沈阳明亮，2013年产品",{"v":14159.29,"d":"14,159.29"},{"v":14159.29,"d":"14,159.29"}]
[321,"全自动冷热水自吸泵","WZBDR2200A",null,null,"台",null,null,1,null,"设备库，报废",{"v":2004.31,"d":"2,004.31"},{"v":2004.31,"d":"2,004.31"}]
[322,"隔爆型电力液压推动器","BED-121/6",null,null,"个",null,null,1,null,"设备库，报废",{"v":3982.3,"d":"3,982.30"},{"v":3982.3,"d":"3,982.30"}]
[323,"扭矩轴",{"$nulls":3},"个",null,null,1,null,"设备库，报废",{"v":3902.653333,"d":"3,902.65"},{"v":3902.653333,"d":"3,902.65"}]
[324,"智能球形摄像","DS-2DE63201W",null,null,"个",null,null,1,null,"设备库，报废",{"v":39584.16,"d":"39,584.16"},{"v":39584.16,"d":"39,584.16"}]
[325,"机顶盒",{"$nulls":3},"个",null,null,2,null,"设备库，报废",{"v":430,"d":"430.00"},{"v":860,"d":"860.00"}]
[326,"硒鼓",{"$nulls":3},"个",null,null,3,null,"设备库，报废",{"v":265.486,"d":"265.49"},{"v":796.458,"d":"796.46"}]
[327,"键盘",{"$nulls":3},"个",null,null,5,"随主机报废","设备库，报废",{"v":0,"d":"0.00"},{"v":0,"d":"0.00"}]
[328,"电缆","MYP-3×16+1×6",null,null,"米",null,null,20,null,"设备库，报废",39.66,{"v":793.2,"d":"793.20"}]
[329,"电缆","MYP-3×25+1×16",null,null,"米",null,null,8,null,"设备库，报废",56.41,451.28]
[330,"矿用红外二氧化碳传感器","GRG5H",null,null,"个",null,null,18,null,"设备库，报废",{"v":8119.658571,"d":"8,119.66"},{"v":146153.854278,"d":"146,153.85"}]
[331,"数字温度传感器","KGW5",null,null,"个",null,null,39,null,"设备库，报废",{"v":1557.058571,"d":"1,557.06"},{"v":60725.284269,"d":"60,725.28"}]
[332,"矿用氧气传感器","GYH25",null,null,"个",null,null,22,null,"设备库，报废",{"v":3696.58,"d":"3,696.58"},{"v":81324.76,"d":"81,324.76"}]
[333,"煤矿用负压传感器","GPD5000F（A）",null,null,"个",null,null,9,null,"设备库，报废",{"v":3076.926667,"d":"3,076.93"},{"v":27692.340003,"d":"27,692.34"}]
[334,"矿用风量传感器","KGF2",null,null,"个",null,null,14,null,"设备库，报废",{"v":650,"d":"650.00"},{"v":9100,"d":"9,100.00"}]
[335,"矿用本安型温湿度传感器","GWSD100/100",null,null,"个",null,null,6,null,"设备库，报废",{"v":3879.31,"d":"3,879.31"},{"v":23275.86,"d":"23,275.86"}]
[336,"矿灯",{"$nulls":3},"个",null,null,505,null,"设备库，报废",{"v":123.893792,"d":"123.89"},{"v":62566.36496,"d":"62,566.36"}]
[337,"隔爆式压缩氧自救器","ZYX45",null,null,"个",null,null,17,null,"设备库，报废",{"v":176.991157,"d":"176.99"},{"v":3008.849669,"d":"3,008.85"}]
[338,"隔爆式压缩氧自救器","MA",null,null,"个",null,null,3,null,"设备库，报废",{"v":176.991157,"d":"176.99"},{"v":530.973471,"d":"530.97"}]
[339,"隔爆式压缩氧自救器",11417,null,null,"个",null,null,3,null,"设备库，报废",{"v":176.991157,"d":"176.99"},{"v":530.973471,"d":"530.97"}]
[340,"防爆应急灯","NEMF101-D",null,null,"个",null,null,7,null,"设备库，报废",{"v":327.433703,"d":"327.43"},{"v":2292.035921,"d":"2,292.04"}]
[341,"电瓶","NP65-12 12V65A12",null,null,"个",null,null,11,null,"设备库，报废",{"v":649.5725,"d":"649.57"},{"v":7145.2975,"d":"7,145.30"}]
[342,"电瓶","12V80A/2/20HR",null,null,"个",null,null,50,null,"设备库，报废",{"v":580,"d":"580.00"},{"v":29000,"d":"29,000.00"}]
[343,"矿用隔爆兼本安型直流稳压器","KDW660/12B",null,null,"台",null,null,1,null,"设备库，报废",{"v":6410.256,"d":"6,410.26"},{"v":6410.256,"d":"6,410.26"}]
[344,"人员定位","KJ323 大连高端",null,null,"个",null,null,23,null,"设备库，报废",{"v":300.8548,"d":"300.85"},{"v":6919.6604,"d":"6,919.66"}]
[345,"流量计","YP17111023 新航仪表",null,null,"个",null,null,3,null,"设备库，报废",{"v":2820.513333,"d":"2,820.51"},{"v":8461.539999,"d":"8,461.54"}]
[346,"拖布池",{"$nulls":3},"个",null,null,1,null,"设备库，报废，已破损",{"v":30,"d":"30.00"},{"v":30,"d":"30.00"}]
[347,"T5电子镇流器","XHZ-14",null,null,"个",null,null,18,null,"设备库，报废，现在都是LED灯",{"v":15,"d":"15.00"},{"v":270,"d":"270.00"}]
[348,"镇流器","SB-YZ22-40E",null,null,"个",null,null,4,null,"设备库，报废，现在都是LED灯",{"v":15,"d":"15.00"},{"v":60,"d":"60.00"}]
[349,"环形灯管","T6 22W",null,null,"个",null,null,7,null,"设备库，报废，现在都是LED灯",{"v":15,"d":"15.00"},{"v":105,"d":"105.00"}]
[350,"切管机",{"$nulls":3},"台",null,null,1,null,"设备库，力德移交，旧，现无用途报废",{"v":2600,"d":"2,600.00"},{"v":2600,"d":"2,600.00"}]
[351,"音箱",{"$nulls":3},"台",null,null,2,null,"设备库，报废",{"v":910.2575,"d":"910.26"},{"v":1820.515,"d":"1,820.52"}]
[352,"功放",{"$nulls":3},"台",null,null,13,null,"设备库，报废",{"v":1895.73,"d":"1,895.73"},{"v":24644.49,"d":"24,644.49"}]
[353,"读卡器",{"$nulls":3},"台",null,null,6,null,"设备库，报废",{"v":350,"d":"350.00"},{"v":2100,"d":"2,100.00"}]
[354,"道闸控制器",{"$nulls":3},"台",null,null,3,"随机箱总成报废","设备库，报废",{"v":0,"d":"0.00"},{"v":0,"d":"0.00"}]
[355,"安全帽",{"$nulls":3},"个",null,null,4,null,"设备库，报废",{"v":61.946667,"d":"61.95"},{"v":247.786668,"d":"247.79"}]
[356,"监控专用摄像机","800TVL",null,null,"个",null,null,6,null,"设备库，报废",{"v":886.106667,"d":"886.11"},{"v":5316.640002,"d":"5,316.64"}]
[357,"称重显示器","XK3190-A9",null,null,"台",null,null,1,null,"设备库，报废",{"v":1200,"d":"1,200.00"},{"v":1200,"d":"1,200.00"}]
[358,"鹅颈麦",{"$nulls":3},"个",null,null,5,null,"设备库，报废",{"v":150,"d":"150.00"},{"v":750,"d":"750.00"}]
[359,"数字显示仪表","D20",null,null,"个",null,null,1,null,"设备库，报废",{"v":643,"d":"643.00"},{"v":643,"d":"643.00"}]
[360,"对讲机",{"$nulls":3},"个",null,null,3,null,"设备库，报废",{"v":424.778761,"d":"424.78"},{"v":1274.336283,"d":"1,274.34"}]
[361,"油漆",{"$nulls":3},"桶",null,null,2,null,"设备库，报废",207.08,414.16]
[362,"强光手电",{"$nulls":3},"把",null,null,1,null,"设备库，报废",{"v":132.743333,"d":"132.74"},{"v":132.743333,"d":"132.74"}]
[363,"灯笼",{"$nulls":3},"个",null,null,2,null,"设备库，报废",{"v":3663,"d":"3,663.00"},{"v":7326,"d":"7,326.00"}]
[364,"型材切割机","J3G-T400  2.2KW",null,null,"台",null,null,1,null,"设备库，报废，2003.4",{"v":800,"d":"800.00"},{"v":800,"d":"800.00"}]
[365,"切割机",{"$nulls":3},"台",null,null,1,null,"设备库，报废",{"v":800,"d":"800.00"},{"v":800,"d":"800.00"}]
[366,"矿用隔爆元距离保护器","BBL-10(6)/127",null,null,"个",null,null,7,null,"设备库，报废，2014年产品",{"v":1256,"d":"1,256.00"},{"v":8792,"d":"8,792.00"}]
[367,"氧气带",{"$nulls":3},"个",null,null,1,null,"设备库，报废",{"v":51,"d":"51.00"},{"v":51,"d":"51.00"}]
[368,"乙炔带",{"$nulls":3},"个",null,null,1,null,"设备库，报废",{"v":51,"d":"51.00"},{"v":51,"d":"51.00"}]
[369,"矿用隔爆型按钮","BZA1-5/127-2",null,null,"个",null,null,1,null,"设备库，报废",{"v":318.585,"d":"318.59"},{"v":318.585,"d":"318.59"}]
[370,"防爆电话",{"$nulls":3},"个",null,null,1,null,"设备库，报废",{"v":513.274286,"d":"513.27"},{"v":513.274286,"d":"513.27"}]
[371,"立式砂轮机","33T-15",null,null,"个",null,null,1,null,"设备库，报废，淘汰产品，现不使用",{"v":500,"d":"500.00"},{"v":500,"d":"500.00"}]
[372,"电动机综合保护器","JDB-225-II A型",null,null,"个",null,null,3,null,"设备库，报废",{"v":266.061667,"d":"266.06"},{"v":798.185001,"d":"798.19"}]
[373,"矿用防爆变压器","BK-200",null,null,"个",null,null,2,null,"设备库，报废",{"v":666.665,"d":"666.67"},{"v":1333.33,"d":"1,333.33"}]
[374,"柴油机","5.67KW 带自吸泵",null,null,"台",null,null,1,null,"设备库，力德移交，无使用地点，，坏报废，2013.8",{"v":4600,"d":"4,600.00"},{"v":4600,"d":"4,600.00"}]
[375,"电液推杆","DYF-SJ25000-1035170",null,null,"台",null,null,1,null,"设备库，报废",{"v":2600,"d":"2,600.00"},{"v":2600,"d":"2,600.00"}]
[376,"PYF5 红外发射器",{"$nulls":3},"个",null,null,1,null,"设备库，报废",{"v":2212.39,"d":"2,212.39"},{"v":2212.39,"d":"2,212.39"}]
[377,"三相异步电动机","YB3-100L7-4",null,null,"台",null,null,1,null,"设备库，旧，2017年产品，1套",{"v":0,"d":"0.00"},{"v":0,"d":"0.00"}]
[378,"液压泵站","DY4DDTF1500-700",null,null,"台",null,null,1,null,null,{"v":129203.54,"d":"129,203.54"},{"v":129203.54,"d":"129,203.54"}]
[379,"木头电锯","3000W",null,null,"台",null,null,1,null,"设备库，力德移交报废，",{"v":1200,"d":"1,200.00"},{"v":1200,"d":"1,200.00"}]
[380,"高清摄像头",{"$nulls":3},"个",null,null,2,null,"1号库旧，现已淘汰报废",{"v":2930.42,"d":"2,930.42"},{"v":5860.84,"d":"5,860.84"}]
[381,"保安接线排","FA8-149",null,null,"个",null,null,3,null,"1号库，现已淘汰报废",{"v":456,"d":"456.00"},{"v":1368,"d":"1,368.00"}]
[382,"矿用数字抗噪音扩音化站","KTT103.1",null,null,"个",null,null,1,null,"1号库，旧，已坏无维修价值，2013年产品",{"v":3097.346666,"d":"3,097.35"},{"v":3097.346666,"d":"3,097.35"}]
[383,"便携式氧气检测报警仪","CYH30",null,null,"个",null,null,2,null,"1号库，2011年产品，已超过使用年限，报废",{"v":1239.315,"d":"1,239.32"},{"v":2478.63,"d":"2,478.63"}]
[384,"投入式液位传感器","Guy5",null,null,"个",null,null,1,null,"1号库，已淘汰，报废",{"v":4008.62,"d":"4,008.62"},{"v":4008.62,"d":"4,008.62"}]
[385,"负压传感器","GDP 500F（A）",null,null,"个",null,null,3,null,"1号库，已淘汰，报废",{"v":2600,"d":"2,600.00"},{"v":7800,"d":"7,800.00"}]
[386,"矿用兼本安型监控分站","KJ770-F-2",null,null,"个",null,null,3,null,"1号库，已淘汰，报废",{"v":8333.335,"d":"8,333.34"},{"v":25000.005,"d":"25,000.01"}]
[387,"顶板离层位移传感器",{"$nulls":3},"个",null,null,10,null,"1号库，已淘汰，报废",{"v":1415.929204,"d":"1,415.93"},{"v":14159.29204,"d":"14,159.29"}]
[388,"红外接收器","FYF5",null,null,"个",null,null,1,null,"1号库，旧，无维修价值，报废",{"v":2212.39,"d":"2,212.39"},{"v":2212.39,"d":"2,212.39"}]
[389,"保护器","WTQ-200",null,null,"个",null,null,3,null,"1号库，坏，无维修价值，报废",{"v":4955.7525,"d":"4,955.75"},{"v":14867.2575,"d":"14,867.26"}]
[390,"保护器","WTJ-120",null,null,"个",null,null,1,null,"1号库，坏，无维修价值，报废",{"v":3700,"d":"3,700.00"},{"v":3700,"d":"3,700.00"}]
[391,"交流真空接触器","HGZK",null,null,"个",null,null,1,null,"1号库，淘汰产品，报废",{"v":1358.975,"d":"1,358.98"},{"v":1358.975,"d":"1,358.98"}]
[392,"矿用永磁开关控制器","ZC300-2",null,null,"个",null,null,2,null,"1号库，坏，无维修价值，报废",{"v":6159.292035,"d":"6,159.29"},{"v":12318.58407,"d":"12,318.58"}]
[393,"移变数字信号处理中心",{"$nulls":3},"个",null,null,1,null,"1号库，坏，无维修价值，报废",{"v":5824.78,"d":"5,824.78"},{"v":5824.78,"d":"5,824.78"}]
[394,"保护器","WTF-200",null,null,"个",null,null,1,null,"1号库，坏，无维修价值，报废",{"v":4955.75,"d":"4,955.75"},{"v":4955.75,"d":"4,955.75"}]
[395,"零序电抗器","L75",null,null,"个",null,null,1,null,"1号库，坏，无维修价值，报废",{"v":2835,"d":"2,835.00"},{"v":2835,"d":"2,835.00"}]
[396,"三芯户内冷缩终端NLS-10/3.1",{"$nulls":3},"个",null,null,9,null,"1号库，过期，报废,2020年7月产品",{"v":371.681416,"d":"371.68"},{"v":3345.132744,"d":"3,345.13"}]
[397,"三芯户内冷缩终端NLS-10/3.1",{"$nulls":3},"个",null,null,1,null,"1号库，过期，报废,2021年10月产品",{"v":371.681416,"d":"371.68"},{"v":371.681416,"d":"371.68"}]
[398,"三芯户内冷缩终端NLS-10/3.1",{"$nulls":3},"个",null,null,1,null,"1号库，过期，报废,2022年9月产品",{"v":371.681416,"d":"371.68"},{"v":371.681416,"d":"371.68"}]
[399,"冷缩中间接头","LSJ-10/3.3 150-240mm2",null,null,"套",null,null,3,null,"1号库，过期，报废,2022年10月产品",{"v":1610.619469,"d":"1,610.62"},{"v":4831.858407,"d":"4,831.86"}]
[400,"风筒胶",{"$nulls":3},"罐",null,null,85,null,"1号库，过期，报废,2015年产品",{"v":144,"d":"144.00"},{"v":12240,"d":"12,240.00"}]
[401,"活口扳手","18′′",null,null,"把",null,null,2,null,"1号库，已损坏，报废",203.54,407.08]
[402,"切割砂轮片","400×3.2×32mm",null,null,"片",null,null,122,null,"1号库2号货架，生产日期，2012年4月，质保期一年，过期报废",{"v":80,"d":"80.00"},{"v":9760,"d":"9,760.00"}]
[403,"接线盒","200A",null,null,"个",null,null,1,null,"1号库，坏，无维修价值，报废",585.84,585.84]
[404,"高压安全帽","10KV",null,null,"个",null,null,2,null,"1号库，过期，报废",84.07,168.14]
[405,"凡士林",{"$nulls":3},"罐",null,null,16,null,"1号库，过期，报废,2015年产品",{"v":11.025,"d":"11.03"},{"v":176.4,"d":"176.40"}]
[406,"高效电接触导电膏",{"$nulls":3},"罐",null,null,1,null,"1号库，过期，报废,2013年产品",26.55,26.55]
[407,"真空表","0-0.1",null,null,"个",null,null,1,null,"1号库，已损坏，报废",{"v":106.195,"d":"106.20"},{"v":106.195,"d":"106.20"}]
[408,"压力表","1.6MPa",null,null,"个",null,null,1,null,"1号库，已损坏，报废",{"v":70.7965,"d":"70.80"},{"v":70.7965,"d":"70.80"}]
[409,"双金属温度计","0-150度",null,null,"个",null,null,1,null,"1号库，已损坏，报废",129.31,129.31]
[410,"耐震压力表","60Mpa",null,null,"个",null,null,1,null,"1号库，已损坏，报废",159.29,159.29]
[411,"压力表","16MPa",null,null,"个",null,null,1,null,"1号库，已损坏，报废",{"v":72.653333,"d":"72.65"},{"v":72.653333,"d":"72.65"}]
[412,"压力表","4MPa",null,null,"个",null,null,1,null,"1号库，已损坏，报废",{"v":26.54875,"d":"26.55"},{"v":26.54875,"d":"26.55"}]
[413,"环氧树脂冷浇铸剂",{"$nulls":3},"盒",null,null,9,null,"1号库，过期，报废,2013年产品",55.55,499.95]
[414,"锂基脂","3号",null,null,"袋",null,null,75,null,"1号库，过期，报废,力德移交",{"v":16,"d":"16.00"},{"v":1200,"d":"1,200.00"}]
[415,"浮动油封","φ228.5",null,null,"个",null,null,1,null,"1号库，过期，报废,2012年产品",{"v":18,"d":"18.00"},{"v":18,"d":"18.00"}]
[416,"浮动油封","XF150-180-15",null,null,"个",null,null,2,null,"1号库，过期，报废,2013年产品",{"v":16,"d":"16.00"},{"v":32,"d":"32.00"}]
[417,"浮动油封","外径163",null,null,"个",null,null,1,null,"1号库，过期，报废,2013年产品",{"v":12,"d":"12.00"},{"v":12,"d":"12.00"}]
[418,"浮动油封","180×140×12",null,null,"个",null,null,1,null,"1号库，过期，报废,2013年产品",{"v":16,"d":"16.00"},{"v":16,"d":"16.00"}]
[419,"浮动油封","135×170×12",null,null,"个",null,null,1,null,"1号库，过期，报废,2013年产品",{"v":12,"d":"12.00"},{"v":12,"d":"12.00"}]
[420,"弹簧","φ44×900",null,null,"根",null,null,2,null,"1号库，本矿无用途，报废",{"v":60.3448,"d":"60.34"},{"v":120.6896,"d":"120.69"}]
[421,"进线口组件","COIV011411-A",null,null,"个",null,null,1,null,"1号库，已淘汰，报废",{"v":1680,"d":"1,680.00"},{"v":1680,"d":"1,680.00"}]
[422,"轴承","SKF  230EC",null,null,"个",null,null,1,null,"1号库，无内圈，报废",{"v":1794.87,"d":"1,794.87"},{"v":1794.87,"d":"1,794.87"}]
[423,"轴承","NU326-E",null,null,"个",null,null,1,null,"1号库，无内圈，报废",{"v":2250,"d":"2,250.00"},{"v":2250,"d":"2,250.00"}]
[424,"极速胶","J3-20",null,null,"个",null,null,20,null,"1号库，过期，报废",{"v":1.5,"d":"1.50"},{"v":30,"d":"30.00"}]
[425,"高级化学锚栓胶管","M16",null,null,"支",null,null,22,null,"1号库，过期，报废，2019年11月",{"v":0.6,"d":"0.60"},{"v":13.2,"d":"13.20"}]
[426,"隔离接头组合","GLT-00",null,null,"个",null,null,20,null,"1号库，淘汰，报废",{"v":4320,"d":"4,320.00"},{"v":86400,"d":"86,400.00"}]
[427,"矿用支架（柱）压力传感器","GZY50",null,null,"个",null,null,23,null,"1号库，淘汰，报废，2013年产品",{"v":1600,"d":"1,600.00"},{"v":36800,"d":"36,800.00"}]
[428,"单轨吊电缆架",{"$nulls":3},"个",null,null,4,"平板车附件","1号库，淘汰，报废",{"v":0,"d":"0.00"},{"v":0,"d":"0.00"}]
[429,"方形哑铃销",{"$nulls":3},"个","原张家口运输机",null,4,null,"1号库，淘汰，大修后，哑铃销变长已不能使用，报废",{"v":837.606667,"d":"837.61"},{"v":3350.426668,"d":"3,350.43"}]
[430,"三角皮带","B-1727Li 1771ld",null,null,"根",null,null,10,null,"1号库，无用途，报废",{"v":40,"d":"40.00"},{"v":400,"d":"400.00"}]
[431,"本安型触摸显示屏","TPH-24/10",null,null,"个",null,null,2,null,"1号库，无维修价值，报废",{"v":12389.38,"d":"12,389.38"},{"v":24778.76,"d":"24,778.76"}]
[432,"支架控制器防尘堵头",{"$nulls":3},"个",null,null,52,"主机附件","1号库，无用途，报废",{"v":0,"d":"0.00"},{"v":0,"d":"0.00"}]
[433,"电阻表",{"$nulls":3},"个",null,null,1,null,"1号库，坏，无维修价值，报废",{"v":185,"d":"185.00"},{"v":185,"d":"185.00"}]
[434,"三角皮带",{"$nulls":3},"条",null,null,6,null,"1号库，淘汰，报废",{"v":20,"d":"20.00"},{"v":120,"d":"120.00"}]
[435,"不间断电源主机",{"$nulls":3},"台",null,null,1,null,"1号库，淘汰，报废",{"v":9406.19,"d":"9,406.19"},{"v":9406.19,"d":"9,406.19"}]
[436,"道夹板",{"$nulls":3},"根",null,null,36,null,"1号库，淘汰，报废",{"v":22.1238335,"d":"22.12"},{"v":796.458006,"d":"796.46"}]
[437,"十字头螺栓","M12×35",null,null,"个","轨道道夹板螺栓",null,240,null,"1号库，淘汰，报废",6.84,{"v":1641.6,"d":"1,641.60"}]
[438,"易熔塞","M22×20",null,null,"个",null,null,19,null,"1号库，坏，报废",{"v":26.5485,"d":"26.55"},{"v":504.4215,"d":"504.42"}]
[439,"球形截止阀","DN40",null,null,"个",null,null,2,null,"1号库，坏，报废",{"v":39.82303,"d":"39.82"},{"v":79.64606,"d":"79.65"}]
[440,"数字万用表","DT9205A",null,null,"个",null,null,1,null,"1号库，坏，报废",424.78,424.78]
[441,"消毒液","30瓶/箱",null,null,"箱",null,null,2,null,"1号库，过期，报废",{"v":39.823,"d":"39.82"},{"v":79.646,"d":"79.65"}]
[442,"矿用本质安全型行程开关","DC24V/0.5A",null,null,"个",null,null,4,null,"1号库，淘汰，报废，本矿已不在使用唐山开诚变频器，2013年产品",{"v":194.690265,"d":"194.69"},{"v":778.76106,"d":"778.76"}]
[443,"转速传感器","GSG1000",null,null,"个",null,null,2,null,"1号库，淘汰，报废，本矿已不在使用唐山开诚变频器，2013年产品",{"v":1755.17,"d":"1,755.17"},{"v":3510.34,"d":"3,510.34"}]
[444,"零序电流互感器","LMFY-φ100  2000V",null,null,"个",null,null,13,null,"1号库，淘汰，报废，2013年产品",{"v":663.716814,"d":"663.72"},{"v":8628.318582,"d":"8,628.32"}]
[445,"洗车机","黑马 QM0718 18L/min",null,null,"台",null,null,1,null,"1号库，无维修价值，报废",{"v":4867.26,"d":"4,867.26"},{"v":4867.26,"d":"4,867.26"}]
[446,"氨氮工作试剂包",{"$nulls":3},"包",null,null,1,null,"1号库，过期，报废",{"v":2250,"d":"2,250.00"},{"v":2250,"d":"2,250.00"}]
[447,"CJG10型光干式甲烷测定器",{"$nulls":3},"个",null,null,6,null,"1号库，过期，报废，有效期到2015年",{"v":1150.44,"d":"1,150.44"},{"v":6902.64,"d":"6,902.64"}]
[448,"多参数气体测定器","CD4型",null,null,"个",null,null,3,null,"1号库，过期，报废，有效期到2014年",{"v":2123.894,"d":"2,123.89"},{"v":6371.682,"d":"6,371.68"}]
[449,"便携式甲烷测定报警器","JCB4型",null,null,"个",null,null,5,null,"1号库，淘汰，报废",{"v":525,"d":"525.00"},{"v":2625,"d":"2,625.00"}]
[450,"一氧化碳测定器","CTH1000型",null,null,"个",null,null,3,null,"1号库，淘汰，报废",{"v":3333.334,"d":"3,333.33"},{"v":10000.002,"d":"10,000.00"}]
[451,"转速传感器","GSH4",null,null,"个",null,null,1,null,"1号库，淘汰，报废",{"v":1755.17,"d":"1,755.17"},{"v":1755.17,"d":"1,755.17"}]
[452,"便携式氧气检测报警仪","CYH30",null,null,"个",null,null,2,null,"1号库，淘汰，报废",{"v":1239.315,"d":"1,239.32"},{"v":2478.63,"d":"2,478.63"}]
[453,"电动机综合保护器","JDB-80-2型",null,null,"个",null,null,1,null,"1号库，淘汰，报废",461.84,461.84]
[454,"电动机综合保护器","JDB-40-2型",null,null,"个",null,null,2,null,"1号库，淘汰，报废",{"v":936,"d":"936.00"},{"v":1872,"d":"1,872.00"}]
[455,"电动机综合保护器","JDB-120-2型",null,null,"个",null,null,2,null,"1号库，淘汰，报废",{"v":1120,"d":"1,120.00"},{"v":2240,"d":"2,240.00"}]
[456,"本安型控制继电器","JHK-36/18",null,null,"个",null,null,1,null,"1号库，淘汰，报废",{"v":431.035,"d":"431.04"},{"v":431.035,"d":"431.04"}]
[457,"电动机综合保护器","JDB-225-A型",null,null,"个",null,null,9,null,"1号库，淘汰，报废",{"v":266.061667,"d":"266.06"},{"v":2394.555003,"d":"2,394.56"}]
[458,"电动机综合保护器","JDB-80C-A2型",null,null,"个",null,null,3,null,"1号库，淘汰，报废",{"v":232.758889,"d":"232.76"},{"v":698.276667,"d":"698.28"}]
[459,"电动机综合保护器","JDB-80C",null,null,"个",null,null,3,null,"1号库，淘汰，报废",{"v":232.758889,"d":"232.76"},{"v":698.276667,"d":"698.28"}]
[460,"润滑脂","XHP222  1Kg/桶",null,null,"桶",null,null,4,null,"1号库，过期，报废，2013年8月产品",{"v":200,"d":"200.00"},{"v":800,"d":"800.00"}]
[461,"润滑脂","XHP222  1Kg/桶",null,null,"桶",null,null,17,null,"1号库，过期，报废，2014年产品",{"v":200,"d":"200.00"},{"v":3400,"d":"3,400.00"}]
[462,"防爆行程开关",{"$nulls":3},"个",null,null,1,null,"1号库，坏，无维修价值，报废",{"v":194.690265,"d":"194.69"},{"v":194.690265,"d":"194.69"}]
[463,"角磨机",{"$nulls":3},"个",null,null,2,null,"1号库，坏，无维修价值，报废",{"v":160,"d":"160.00"},{"v":320,"d":"320.00"}]
[464,"变色硅胶","HG/T2765.4-2005  500g/罐",null,null,"罐",null,null,6,null,"1号库，过期，报废，2014年产品",{"v":17.699,"d":"17.70"},{"v":106.194,"d":"106.19"}]
[465,"控制变压器","BKC-100A  660/1140/36",null,null,"个",null,null,1,null,"1号库，淘汰，报废",601.77,601.77]
[466,"矿用隔爆兼本安型直流稳压电源",{"$nulls":3},"个",null,null,1,null,"1号库，淘汰，报废，旧件，深圳市震有科技",{"v":877,"d":"877.00"},{"v":877,"d":"877.00"}]
[467,"甲烷断电仪","DJ4G型",null,null,"个",null,null,1,null,"1号库，淘汰，旧件，报废",{"v":3743.362831,"d":"3,743.36"},{"v":3743.362831,"d":"3,743.36"}]
[468,"矿用本安数据光端机","KTG8型",null,null,"个",null,null,1,null,"1号库，淘汰，旧件，报废",{"v":3200,"d":"3,200.00"},{"v":3200,"d":"3,200.00"}]
[469,"绝缘电阻表","ZC25-4 0-1000兆欧",null,null,"个",null,null,7,null,"1号库，坏，无维修价值，报废",{"v":380,"d":"380.00"},{"v":2660,"d":"2,660.00"}]
[470,"吹风机",{"$nulls":3},"个",null,null,1,null,"1号库，坏，无维修价值，报废",{"v":371,"d":"371.00"},{"v":371,"d":"371.00"}]
[471,"交流接触器","600A 1500V 900KW",null,null,"个",null,null,1,null,"1号库，坏，无维修价值，报废",{"v":40707.96,"d":"40,707.96"},{"v":40707.96,"d":"40,707.96"}]
[472,"交流接触器","250A 1500V 900KW",null,null,"个",null,null,1,null,"1号库，坏，无维修价值，报废",{"v":1551.724,"d":"1,551.72"},{"v":1551.724,"d":"1,551.72"}]
[473,"照明金属卤化物灯","E40  220V 250W",null,null,"个",null,null,1,null,"1号库，淘汰，报废",{"v":52,"d":"52.00"},{"v":52,"d":"52.00"}]
[474,"灯管","T8 18W  60CM",null,null,"根",null,null,17,null,"1号库，淘汰，报废",{"v":25.862,"d":"25.86"},{"v":439.654,"d":"439.65"}]
[475,"金属卤化物灯","TLZ150KW  E-40",null,null,"个",null,null,1,null,"1号库，淘汰，报废",{"v":52,"d":"52.00"},{"v":52,"d":"52.00"}]
[476,"铅酸电瓶","12V24AH/20HR",null,null,"块",null,null,2,null,"1号库，旧，无维修价值，报废",{"v":1061.946666,"d":"1,061.95"},{"v":2123.893332,"d":"2,123.89"}]
[477,"电子镇流器","220V  环形管",null,null,"个",null,null,1,null,"1号库，淘汰，报废",{"v":15,"d":"15.00"},{"v":15,"d":"15.00"}]
[478,"PLC电网综合保护器","LK3101  DZBP",null,null,"个",null,null,1,null,"1号库，坏，无维修价值，报废",{"v":13097.345,"d":"13,097.35"},{"v":13097.345,"d":"13,097.35"}]
[479,"荧光灯管","T8  36W 1.2m",null,null,"根",null,null,9,null,"1号库，淘汰，报废",{"v":7,"d":"7.00"},{"v":63,"d":"63.00"}]
[480,"真空本体","QBZ-60 660(380)",null,null,"个",null,null,2,null,"1号库，淘汰，报废",{"v":3120.3,"d":"3,120.30"},{"v":6240.6,"d":"6,240.60"}]
[481,"隔离换向开关","DH7-80/660",null,null,"个",null,null,2,null,"1号库，淘汰，报废",{"v":100,"d":"100.00"},{"v":200,"d":"200.00"}]
[482,"矿用隔爆照明信号综保本体","ZBZ-4.0/1140/660M",null,null,"个",null,null,1,null,"1号库，淘汰，报废",{"v":2695.25,"d":"2,695.25"},{"v":2695.25,"d":"2,695.25"}]
[483,"矿用本安型转速传感器","GSG1000",null,null,"个",null,null,2,null,"1号库，淘汰，报废，唐山开诚产品",{"v":1755.17,"d":"1,755.17"},{"v":3510.34,"d":"3,510.34"}]
[484,"高频高管电源","AC380V变DC110V/220V\n230707NZ",null,null,"个",null,null,1,null,"1号库，淘汰，报废",{"v":2991.45,"d":"2,991.45"},{"v":2991.45,"d":"2,991.45"}]
[485,"电池","NI-MH D8000mAH 12V",null,null,"个",null,null,6,null,"1号库，无用途，报废，2014年产品",{"v":280,"d":"280.00"},{"v":1680,"d":"1,680.00"}]
[486,"采煤机隔离开关","3.6KV  800A",null,null,"个",null,null,1,null,"1号库，坏，无维修价值，报废",{"v":61061.95,"d":"61,061.95"},{"v":61061.95,"d":"61,061.95"}]
[487,"电动机综合保护器","JDB-120-A",null,null,"个",null,null,1,null,"1号库，淘汰，报废",508.55,508.55]
[488,"电动机综合保护控制器","JDB-40-B",null,null,"个",null,null,1,null,"1号库，淘汰，报废",{"v":936,"d":"936.00"},{"v":936,"d":"936.00"}]
[489,"保护器","WT-QBZ",null,null,"个",null,null,2,null,"1号库，淘汰，旧，无维修价值",{"v":5929.205,"d":"5,929.21"},{"v":11858.41,"d":"11,858.41"}]
[490,"保护器","WTJ120",null,null,"个",null,null,1,null,"1号库，旧，坏，无维修价值，报废",{"v":3700,"d":"3,700.00"},{"v":3700,"d":"3,700.00"}]
[491,"电动机综合保护控制器","JDB-120-B",null,null,"个",null,null,1,null,"1号库，淘汰，报废",{"v":1250,"d":"1,250.00"},{"v":1250,"d":"1,250.00"}]
[492,"电动机综合保护控制器","JDB-80-B",null,null,"个",null,null,2,null,"1号库，淘汰，报废",{"v":1120,"d":"1,120.00"},{"v":2240,"d":"2,240.00"}]
[493,"矿用隔爆型手提电磁启动器电子保护器",{"$nulls":3},"个",null,null,2,null,"1号库，淘汰，报废，浙江剑飞",{"v":280,"d":"280.00"},{"v":560,"d":"560.00"}]
[494,"组合开关","3LB3",null,null,"个",null,null,1,null,"1号库，淘汰，报废，煤电钻配件",{"v":128.205,"d":"128.21"},{"v":128.205,"d":"128.21"}]
[495,"电动机综合保护器","JDB-80A",null,null,"个",null,null,1,null,"1号库，淘汰，报废",{"v":1120,"d":"1,120.00"},{"v":1120,"d":"1,120.00"}]
[496,"电动机综合保护器","JDB-80A-2型",null,null,"个",null,null,1,null,"1号库，淘汰，报废",{"v":1120,"d":"1,120.00"},{"v":1120,"d":"1,120.00"}]
[497,"变压器产品标识卡","BK-533",null,null,"台",null,null,1,null,"1号库11号货架，2011年产品，淘汰报废",601.77,601.77]
[498,"隔离换向开关","DH2-7 200A",null,null,"个",null,null,1,null,"1号库11号货架，坏，无维修价值报废",{"v":275,"d":"275.00"},{"v":275,"d":"275.00"}]
[499,"防爆行程开关","dlxk-5D 5A",null,null,"个",null,null,1,null,"1号库11号货架，旧，坏，无维修价值报废，浙江沈鹰",{"v":194.690265,"d":"194.69"},{"v":194.690265,"d":"194.69"}]
[500,"矿用本质安全型行程开关","KHX24",null,null,"个",null,null,4,null,"1号库，淘汰，报废，唐山开诚2013年产品",{"v":194.690265,"d":"194.69"},{"v":778.76106,"d":"778.76"}]
[501,"隔离换向开关","QC815-60A",null,null,"个",null,null,2,null,"1号库，淘汰，报废，乐清市长征，2013年产品",{"v":4500,"d":"4,500.00"},{"v":9000,"d":"9,000.00"}]
[502,"控制变压器","BCK-100VA",null,null,"个",null,null,1,null,"1号库11号货架，坏，报废，玉林沪通特种变压器",601.77,601.77]
[503,"淋浴头",{"$nulls":3},"个",null,null,1,null,"1号库12号货架，损坏，报废",{"v":0,"d":"0.00"},{"v":0,"d":"0.00"}]
[504,"醇酸调和漆","白  3Kg  C03-1",null,null,"桶",null,null,1,null,"1号库12号货架，过期，报废",{"v":30,"d":"30.00"},{"v":30,"d":"30.00"}]
[505,"玻璃胶",{"$nulls":3},"个",null,null,2,null,"1号库12号货架，过期，报废",{"v":17.7,"d":"17.70"},{"v":35.4,"d":"35.40"}]
[506,"电磁流量计","FYLDG-SN32-J2  220VAC",null,null,"个",null,null,1,null,"1号库12号货架，坏，无维修价值报废",{"v":2610.62,"d":"2,610.62"},{"v":2610.62,"d":"2,610.62"}]
[507,"自喷漆","白",null,null,"瓶",null,null,20,null,"1号库12号货架，过期，报废",{"v":7.22708333333333,"d":"7.23"},{"v":144.541666666667,"d":"144.54"}]
[508,"铝喷头","6分",null,null,"个",null,null,33,null,"1号库12号货架，淘汰报废。",{"v":10.6195,"d":"10.62"},{"v":350.4435,"d":"350.44"}]
[509,"强力白厚话","0.8Kg",null,null,"桶",null,null,11,null,"1号库12号货架，过期，报废",{"v":30,"d":"30.00"},{"v":330,"d":"330.00"}]
[510,"温度采集模块","EDA9018A",null,null,"个",null,null,6,null,"1号库13号货架，旧，无维修价值，报废",{"v":1557.523333,"d":"1,557.52"},{"v":9345.139998,"d":"9,345.14"}]
[511,"线路切换器","KZD-20Q",null,null,"台",null,null,1,null,"1号库14号货架，淘汰，报废，江苏三恒，2011年产品",{"v":4000,"d":"4,000.00"},{"v":4000,"d":"4,000.00"}]
[512,"车载电台","KTL104-1-11",null,null,"套",null,null,2,null,"1号库14号货架，淘汰，报废，武汉七环，2010年产品",{"v":11061.9475,"d":"11,061.95"},{"v":22123.895,"d":"22,123.90"}]
[513,"金属卤素灯",{"$nulls":3},"台",null,null,1,null,"1号库14号货架，淘汰，报废",{"v":52,"d":"52.00"},{"v":52,"d":"52.00"}]
[514,"数字硬盘录像机","HB7008V",null,null,"台",null,null,1,null,"1号库14号货架，淘汰，报废，2011年产品",{"v":2442,"d":"2,442.00"},{"v":2442,"d":"2,442.00"}]
[515,"扫把",{"$nulls":3},"个",null,null,36,null,"1号库15号货架",{"v":17.242,"d":"17.24"},{"v":620.712,"d":"620.71"}]
[516,"电缆室温冷补胶",{"$nulls":3},"箱",null,null,2,null,"1号库15号货架，过期，报废",{"v":513.274336,"d":"513.27"},{"v":1026.548672,"d":"1,026.55"}]
[517,"控制电缆（带铁质护套）",{"$nulls":3},"根",null,null,15,null,"1号库15号货架，无用途，力德移交，报废",{"v":260,"d":"260.00"},{"v":3900,"d":"3,900.00"}]
[518,"暖气片",{"$nulls":3},"组",null,null,81,null,"锅炉房外，坏，报废",{"v":371.681,"d":"371.68"},{"v":30106.161,"d":"30,106.16"}]
[519,"机身拉杆",{"$nulls":3},"根",null,null,1,null,"供应科厂区，已拉断，报废",{"v":8672.57,"d":"8,672.57"},{"v":8672.57,"d":"8,672.57"}]
[520,"电缆槽",{"$nulls":3},"个","转载机",null,25,"随主机供货","供应科厂区，智能化改造后无用途，报废",{"v":1100,"d":"1,100.00"},{"v":27500,"d":"27,500.00"}]
[521,"移变列车电缆槽",{"$nulls":3},"个",null,null,23,"移变列车附件","供应科厂区，现已变成自移列车，报废",{"v":0,"d":"0.00"},{"v":0,"d":"0.00"}]
[522,"单轨吊",{"$nulls":3},"节",null,null,6,"平板车附件","供应科厂区，现已变成自移列车，报废",{"v":0,"d":"0.00"},{"v":0,"d":"0.00"}]
[523,"防爆泛光灯","卤素灯 NFE010-M",null,null,"盏",null,null,15,null,"供应科厂区，淘汰，报废",{"v":929.204,"d":"929.20"},{"v":13938.06,"d":"13,938.06"}]
[524,"矿用低浓度甲烷传感器","GJ4-2002",null,null,"个",null,null,1,null,"供应科厂区，淘汰，报废",{"v":3097.346,"d":"3,097.35"},{"v":3097.346,"d":"3,097.35"}]
[525,"拉杆螺栓",{"$nulls":3},"根","采煤机",null,2,null,"供应科厂区，坏，报废",{"v":8672.57,"d":"8,672.57"},{"v":17345.14,"d":"17,345.14"}]
[526,"二轴组件",{"$nulls":3},"个","采煤机摇臂",null,1,null,"供应科厂区，坏，报废",{"v":35044.25,"d":"35,044.25"},{"v":35044.25,"d":"35,044.25"}]
[527,"惰轮",{"$nulls":3},"个","采煤机",null,1,null,"供应科厂区，坏，报废",{"v":4247.79,"d":"4,247.79"},{"v":4247.79,"d":"4,247.79"}]
[528,"惰轮端盖",{"$nulls":3},"个","采煤机",null,1,null,"供应科厂区，坏，报废",615.38,615.38]
[529,"推拉头",{"$nulls":3},"个",null,null,4,null,"供应科厂区，坏，报废",{"v":3893.806,"d":"3,893.81"},{"v":15575.224,"d":"15,575.22"}]
[530,"推移座",{"$nulls":3},"个",null,null,1,null,"供应科厂区，坏，报废",{"v":4380.53,"d":"4,380.53"},{"v":4380.53,"d":"4,380.53"}]
[531,"支撑滑靴",{"$nulls":3},"个",null,null,1,null,"供应科厂区，坏，报废",{"v":6227.435,"d":"6,227.44"},{"v":6227.435,"d":"6,227.44"}]
[532,"扭矩轴","13308-02",null,null,"个",null,null,1,null,"供应科厂区，坏，报废",{"v":3902.653333,"d":"3,902.65"},{"v":3902.653333,"d":"3,902.65"}]
[533,"减速器",{"$nulls":3},"个",null,null,1,null,"供应科厂区，坏，报废，无维修价值，力德公司移交",{"v":1500,"d":"1,500.00"},{"v":1500,"d":"1,500.00"}]
[534,"联轴器","φ330 轴径120",null,null,"个",null,null,0.5,null,"供应科厂区，坏，报废，无维修价值，力德公司移交",{"v":4480,"d":"4,480.00"},{"v":2240,"d":"2,240.00"}]
[535,"单轨吊",{"$nulls":3},"个",null,null,2,"平板车附件","供应科厂区，淘汰，报废",{"v":0,"d":"0.00"},{"v":0,"d":"0.00"}]
[536,"机身拉杆螺栓","短",null,null,"根","采煤机",null,2,null,"供应科厂区，坏，报废",{"v":6106.19,"d":"6,106.19"},{"v":12212.38,"d":"12,212.38"}]
[537,"高压胶管","φ159  10米/根",null,null,"根",null,null,8,null,"供应科厂区，坏，报废",{"v":1192.91875,"d":"1,192.92"},{"v":9543.35,"d":"9,543.35"}]
[538,"高压胶管","φ108  10米/根",null,null,"根",null,null,3,null,"供应科厂区，坏，报废",{"v":1681.416667,"d":"1,681.42"},{"v":5044.250001,"d":"5,044.25"}]
[539,"高压胶管","DN51  45MPa  10米/根",null,null,"根",null,null,1,null,"供应科厂区，坏，报废",{"v":2241.888,"d":"2,241.89"},{"v":2241.888,"d":"2,241.89"}]
[540,"电缆托架",{"$nulls":3},"个",null,null,4,"随平板车报废","筒仓厂区，淘汰，报废",{"v":0,"d":"0.00"},{"v":0,"d":"0.00"}]
[541,"高压胶管","DN12-40/1000",null,null,"根",null,null,10,null,"供应科厂区，已出库，过期报废",{"v":26.2737780555556,"d":"26.27"},{"v":262.737780555556,"d":"262.74"}]
[542,"高压胶管","DN19×3000",null,null,"根",null,null,1,null,"供应科厂区，已出库，过期报废",{"v":100.407,"d":"100.41"},{"v":100.407,"d":"100.41"}]
[543,"高压胶管","SSKVDN51-5米",null,null,"根",null,null,5,null,"供应科厂区，已出库，过期报废",{"v":1579.646667,"d":"1,579.65"},{"v":7898.233335,"d":"7,898.23"}]
[544,"高压胶管","19×2k2×800",null,null,"根",null,null,9,null,"供应科厂区，已出库，过期报废",{"v":38.1318248533333,"d":"38.13"},{"v":343.18642368,"d":"343.19"}]
[545,"高压胶管","螺扣  32×4×8000",null,null,"根",null,null,2,null,"供应科厂区，已出库，过期报废",{"v":368.938,"d":"368.94"},{"v":737.876,"d":"737.88"}]
[546,"高压胶管","螺扣  51×4×8000",null,null,"根",null,null,1,null,"供应科厂区，已出库，过期报废",{"v":1793.5104,"d":"1,793.51"},{"v":1793.5104,"d":"1,793.51"}]
[547,"高压胶管","DIN20043-12-4000",null,null,"根",null,null,20,null,"供应科厂区，已出库，过期报废",{"v":89.6351112222222,"d":"89.64"},{"v":1792.70222444444,"d":"1,792.70"}]
[548,"高压胶管","DN10×1000",null,null,"根",null,null,40,null,"供应科厂区，已出库，过期报废",22.75,{"v":910,"d":"910.00"}]
[549,"高压胶管","DN10×2×1200",null,null,"根",null,null,10,null,"供应科厂区，已出库，过期报废",25.96,{"v":259.6,"d":"259.60"}]
[550,"高压胶管","DN10×2×1400",null,null,"根",null,null,10,null,"供应科厂区，已出库，过期报废",29.17,{"v":291.7,"d":"291.70"}]
[551,"高压胶管","DN10×2×1600",null,null,"根",null,null,10,null,"供应科厂区，已出库，过期报废",32.38,{"v":323.8,"d":"323.80"}]
[552,"高压胶管","DN10×2×1750",null,null,"根",null,null,10,null,"供应科厂区，已出库，过期报废",{"v":34.7875,"d":"34.79"},{"v":347.875,"d":"347.88"}]
[553,"高压胶管","DN10×2×2200",null,null,"根",null,null,10,null,"供应科厂区，已出库，过期报废",42.01,{"v":420.1,"d":"420.10"}]
[554,"高压胶管","DN10×2×2900",null,null,"根",null,null,5,null,"供应科厂区，已出库，过期报废",{"v":53.245,"d":"53.25"},{"v":266.225,"d":"266.23"}]
[555,"高压胶管","DN10×2×2950",null,null,"根",null,null,10,null,"供应科厂区，已出库，过期报废",{"v":54.0475,"d":"54.05"},{"v":540.475,"d":"540.48"}]
[556,"高压胶管","DN10×2×300",null,null,"根",null,null,10,null,"供应科厂区，已出库，过期报废",{"v":11.515,"d":"11.52"},115.15]
[557,"高压胶管","DN10×2×3200",null,null,"根",null,null,10,null,"供应科厂区，已出库，过期报废",58.06,{"v":580.6,"d":"580.60"}]
[558,"高压胶管","DN10×2×500",null,null,"根",null,null,10,null,"供应科厂区，已出库，过期报废",{"v":14.725,"d":"14.73"},147.25]
[559,"高压胶管","DN10×2×700",null,null,"根",null,null,10,null,"供应科厂区，已出库，过期报废",{"v":17.935,"d":"17.94"},179.35]
[560,"高压胶管","DN10×2×750",null,null,"根",null,null,10,null,"供应科厂区，已出库，过期报废",{"v":18.7375,"d":"18.74"},{"v":187.375,"d":"187.38"}]
[561,"高压胶管","DN10×200",null,null,"根",null,null,2,null,"供应科厂区，已出库，过期报废",9.91,19.82]
[562,"高压胶管","DN10×800",null,null,"根",null,null,41,null,"供应科厂区，已出库，过期报废",19.54,801.14]
[563,"高压胶管","DN10-40/1400",null,null,"根",null,null,14,null,"供应科厂区，已出库，过期报废",29.17,408.38]
[564,"高压胶管","DN13×2×3800",null,null,"根",null,null,10,null,"供应科厂区，已出库，过期报废",{"v":85.4110223444444,"d":"85.41"},{"v":854.110223444444,"d":"854.11"}]
[565,"高压胶管","DN13×2×550",null,null,"根",null,null,10,null,"供应科厂区，已出库，过期报废",{"v":16.7695780805556,"d":"16.77"},{"v":167.695780805556,"d":"167.70"}]
[566,"高压胶管","DN13×2×650",null,null,"根",null,null,4,null,"供应科厂区，已出库，过期报废",{"v":18.8816225194444,"d":"18.88"},{"v":75.5264900777776,"d":"75.53"}]
[567,"高压胶管","DN13×2×800",null,null,"根",null,null,10,null,"供应科厂区，已出库，过期报废",{"v":22.0496891777778,"d":"22.05"},{"v":220.496891777778,"d":"220.50"}]
[568,"高压胶管","DN13×2×2100",null,null,"根",null,null,5,null,"供应科厂区，已出库，过期报废",{"v":49.5062668833333,"d":"49.51"},{"v":247.531334416667,"d":"247.53"}]
[569,"高压胶管","DN13-32/3800",null,null,"根",null,null,10,null,"供应科厂区，已出库，过期报废",{"v":85.4110223444444,"d":"85.41"},{"v":854.110223444444,"d":"854.11"}]
[570,"高压胶管","DN13-32/650",null,null,"根",null,null,10,null,"供应科厂区，已出库，过期报废",{"v":18.8816225194444,"d":"18.88"},{"v":188.816225194444,"d":"188.82"}]
[571,"高压胶管","DN19×2×1100",null,null,"根",null,null,6,null,"供应科厂区，已出库，过期报废",{"v":46.7962381733333,"d":"46.80"},{"v":280.77742904,"d":"280.78"}]
[572,"高压胶管","DN19×4000",null,null,"根",null,null,19,null,"供应科厂区，已出库，过期报废",{"v":130.5522336,"d":"130.55"},{"v":2480.4924384,"d":"2,480.49"}]
[573,"高压胶管","DN19×5000",null,null,"根",null,null,1,null,"供应科厂区，已出库，过期报废",{"v":157.345,"d":"157.35"},{"v":157.345,"d":"157.35"}]
[574,"高压胶管","DN25×20000",null,null,"根",null,null,7,null,"供应科厂区，已出库，过期报废",{"v":728.186,"d":"728.19"},{"v":5097.302,"d":"5,097.30"}]
[575,"高压胶管","DN25×4×550",null,null,"根",null,null,10,null,"供应科厂区，已出库，过期报废",{"v":33.821125,"d":"33.82"},{"v":338.21125,"d":"338.21"}]
[576,"高压胶管","DN25×4×750",null,null,"根",null,null,10,null,"供应科厂区，已出库，过期报废",{"v":41.0280535714286,"d":"41.03"},{"v":410.280535714286,"d":"410.28"}]
[577,"高压胶管","DN25-20/1901",null,null,"根",null,null,3,null,"供应科厂区，已出库，过期报废",{"v":82.4678928571428,"d":"82.47"},{"v":247.403678571428,"d":"247.40"}]
[578,"高压胶管","DN25-35/1100",null,null,"根",null,null,22,null,"供应科厂区，已出库，过期报废",{"v":53.6401785714286,"d":"53.64"},{"v":1180.08392857143,"d":"1,180.08"}]
[579,"高压胶管","DN10-4SP-40/2200",null,null,"根",null,null,15,null,"供应科厂区，已出库，过期报废",42.01,630.15]
[580,"高压胶管","DN10-40/3200",null,null,"根",null,null,25,null,"供应科厂区，已出库，过期报废",58.06,{"v":1451.5,"d":"1,451.50"}]
[581,"高压胶管","DN10-40/750",null,null,"根",null,null,15,null,"供应科厂区，已出库，过期报废",{"v":18.7375,"d":"18.74"},{"v":281.0625,"d":"281.06"}]
[582,"高压胶管","DN12-40/500",null,null,"根",null,null,8,null,"供应科厂区，已出库，过期报废",{"v":15.7135558611111,"d":"15.71"},{"v":125.708446888889,"d":"125.71"}]
[583,"高压胶管","DN12-40-3000",null,null,"根",null,null,10,null,"供应科厂区，已出库，过期报废",{"v":68.5146668333333,"d":"68.51"},{"v":685.146668333333,"d":"685.15"}]
[584,"高压胶管","DN12-40-4000",null,null,"根",null,null,10,null,"供应科厂区，已出库，过期报废",{"v":89.6351112222222,"d":"89.64"},{"v":896.351112222222,"d":"896.35"}]
[585,"高压胶管","DN13×1500",null,null,"根",null,null,40,null,"供应科厂区，已出库，过期报废",{"v":36.83400025,"d":"36.83"},{"v":1473.36001,"d":"1,473.36"}]
[586,"高压胶管","DN13×2×1700",null,null,"根",null,null,10,null,"供应科厂区，已出库，过期报废",{"v":41.0580891277778,"d":"41.06"},{"v":410.580891277778,"d":"410.58"}]
[587,"高压胶管","DN13×2×3300",null,null,"根",null,null,5,null,"供应科厂区，已出库，过期报废",{"v":74.85080015,"d":"74.85"},{"v":374.25400075,"d":"374.25"}]
[588,"高压胶管","DN25-35/550",null,null,"根",null,null,6,null,"供应科厂区，已出库，过期报废",{"v":33.821125,"d":"33.82"},{"v":202.92675,"d":"202.93"}]
[589,"高压胶管","DN25-35/750",null,null,"根",null,null,10,null,"供应科厂区，已出库，过期报废",{"v":41.0280535714286,"d":"41.03"},{"v":410.280535714286,"d":"410.28"}]
[590,"高压胶管","DN32×20000",null,null,"根",null,null,7,null,"供应科厂区，已出库，过期报废",{"v":911.681,"d":"911.68"},{"v":6381.767,"d":"6,381.77"}]
[591,"高压胶管","DN38×4×1900",null,null,"根",null,null,26,null,"供应科厂区，已出库，过期报废",{"v":124.603533333333,"d":"124.60"},{"v":3239.69186666666,"d":"3,239.69"}]
[592,"高压胶管","DN38×4SP/1900",null,null,"根",null,null,2,null,"供应科厂区，已出库，过期报废",{"v":124.603533333333,"d":"124.60"},{"v":249.207066666666,"d":"249.21"}]
[593,"高压胶管","DN38×5000/32MPa",null,null,"根",null,null,2,null,"供应科厂区，已出库，过期报废",{"v":268.850666666667,"d":"268.85"},{"v":537.701333333334,"d":"537.70"}]
[594,"高压胶管","DN38G×10000",null,null,"根",null,null,22,null,"供应科厂区，已出库，过期报废",{"v":501.507333333333,"d":"501.51"},{"v":11033.1613333333,"d":"11,033.16"}]
[595,"高压胶管","DN38S-32×/1900",null,null,"根",null,null,15,null,"供应科厂区，已出库，过期报废",{"v":124.603533333333,"d":"124.60"},{"v":1869.053,"d":"1,869.05"}]
[596,"高压胶管","DN51×7000",null,null,"根",null,null,3,null,"供应科厂区，已出库，过期报废",{"v":683.648,"d":"683.65"},{"v":2050.944,"d":"2,050.94"}]
[597,"高压胶管","DN51-20/1900",null,null,"根",null,null,7,null,"供应科厂区，已出库，过期报废",{"v":185.5616,"d":"185.56"},{"v":1298.9312,"d":"1,298.93"}]
[598,"高压胶管","DN65SSKV-10000-20MPa",null,null,"根",null,null,3,null,"供应科厂区，已出库，过期报废",{"v":3716.81444466667,"d":"3,716.81"},{"v":11150.443334,"d":"11,150.44"}]
[599,"高压胶管","KJ13-35MPa-1500",null,null,"根",null,null,10,null,"供应科厂区，已出库，过期报废",{"v":36.83400025,"d":"36.83"},{"v":368.3400025,"d":"368.34"}]
[600,"高压胶管","KJ13-35MPa-2000",null,null,"根",null,null,10,null,"供应科厂区，已出库，过期报废",{"v":47.3942224444444,"d":"47.39"},{"v":473.942224444444,"d":"473.94"}]
[601,"高压胶管","KJ16×46×800",null,null,"根",null,null,9,null,"供应科厂区，已出库，过期报废",{"v":26.4,"d":"26.40"},{"v":237.6,"d":"237.60"}]
[602,"高压胶管","DN19×0.8/45MPa",null,null,"根",null,null,5,null,"供应科厂区，已出库，过期报废",{"v":243.07075,"d":"243.07"},{"v":1215.35375,"d":"1,215.35"}]
[603,"高压胶管","DN65×10000",null,null,"根",null,null,1,null,"供应科厂区，已出库，过期报废",{"v":3451.325,"d":"3,451.33"},{"v":3451.325,"d":"3,451.33"}]
[604,"高压胶管","DN51×4SP×3000",null,null,"根",null,null,5,null,"供应科厂区，已出库，过期报废",{"v":292.992,"d":"292.99"},{"v":1464.96,"d":"1,464.96"}]
[605,"螺纹接头高压胶管","32×2200",null,null,"根",null,null,1,null,"供应科厂区，已出库，过期报废",{"v":127.6986,"d":"127.70"},{"v":127.6986,"d":"127.70"}]
[606,"螺纹接头高压胶管","45×2200",null,null,"根",null,null,5,null,"供应科厂区，已出库，过期报废",{"v":480,"d":"480.00"},{"v":2400,"d":"2,400.00"}]
[607,"螺纹接头高压胶管","DN12.5×6000",null,null,"根",null,null,1,null,"供应科厂区，已出库，过期报废",{"v":131.876,"d":"131.88"},{"v":131.876,"d":"131.88"}]
[608,"螺纹接头高压胶管","DN32×5000",null,null,"根",null,null,1,null,"供应科厂区，已出库，过期报废",{"v":244.159,"d":"244.16"},{"v":244.159,"d":"244.16"}]
[609,"钢丝网编织高压胶管","159×4SP×2000",null,null,"根",null,null,1,null,"供应科厂区，已出库，过期报废",{"v":1192.91875,"d":"1,192.92"},{"v":1192.91875,"d":"1,192.92"}]
[610,"高压胶管","KJ13×4SP×600",null,null,"根",null,null,10,null,"供应科厂区，已出库，过期报废",{"v":20.133,"d":"20.13"},201.33]
[611,"高压胶管","KJ13×4SP×1000",null,null,"根",null,null,10,null,"供应科厂区，已出库，过期报废",{"v":27.132667,"d":"27.13"},{"v":271.32667,"d":"271.33"}]
[612,"高压胶管","DN10-40/700",null,null,"根",null,null,5,null,"供应科厂区，已出库，过期报废",{"v":17.935,"d":"17.94"},{"v":89.675,"d":"89.68"}]
[613,"高压胶管","SKV64-42MPa(15米）",null,null,"根",null,null,27,null,"供应科厂区，1408工作面配套高压胶管，区队未二次利用，大部分高压胶管为2021年生产，现已报废。",{"v":5575.221667,"d":"5,575.22"},{"v":150530.985009,"d":"150,530.99"}]
[614,"高压胶管","SKV64-42MPa(9米）",null,null,"根",null,null,2,null,null,{"v":2430,"d":"2,430.00"},{"v":4860,"d":"4,860.00"}]
[615,"高压胶管","SKV64-45MPa(15米）",null,null,"根",null,null,4,null,null,{"v":5575.221667,"d":"5,575.22"},{"v":22300.886668,"d":"22,300.89"}]
[616,"高压胶管","SKV64-30MPa(15米）",null,null,"根",null,null,1,null,null,{"v":5575.221667,"d":"5,575.22"},{"v":5575.221667,"d":"5,575.22"}]
[617,"高压胶管","SKV51-70MPa(15米）",null,null,"根",null,null,33,null,null,{"v":5132.743226,"d":"5,132.74"},{"v":169380.526458,"d":"169,380.53"}]
[618,"高压胶管","SKV51-42MPa(15米）",null,null,"根",null,null,6,null,null,{"v":1953.257,"d":"1,953.26"},{"v":11719.542,"d":"11,719.54"}]
[619,"高压胶管","DN51（10米）",null,null,"根",null,null,20,null,null,{"v":3008.85,"d":"3,008.85"},{"v":60177,"d":"60,177.00"}]
[620,"高压胶管","DN51（5米）",null,null,"根",null,null,1,null,null,{"v":1500,"d":"1,500.00"},{"v":1500,"d":"1,500.00"}]
[621,"高压胶管","DN51（2米）",null,null,"根",null,null,2,null,null,{"v":195.328,"d":"195.33"},{"v":390.656,"d":"390.66"}]
[622,"高压胶管","DN25-21MPa(20米）",null,null,"根",null,null,14,null,null,{"v":728.186,"d":"728.19"},{"v":10194.604,"d":"10,194.60"}]
[623,"高压胶管","DN25-175bar(20米）",null,null,"根",null,null,3,null,null,{"v":728.186,"d":"728.19"},{"v":2184.558,"d":"2,184.56"}]
[624,"高压胶管","DN25-21MPa(5米）",null,null,"根",null,null,4,null,null,{"v":309.734,"d":"309.73"},{"v":1238.936,"d":"1,238.94"}]
[625,"高压胶管","DN32-35MPa(20米）",null,null,"根",null,null,14,null,null,{"v":911.681489,"d":"911.68"},{"v":12763.540846,"d":"12,763.54"}]
[626,"高压胶管","DN32-35MPa(10米）",null,null,"根",null,null,3,null,null,{"v":452.142,"d":"452.14"},{"v":1356.426,"d":"1,356.43"}]
[627,"高压胶管","DN19-21MPa(2米）",null,null,"根",null,null,1,null,null,{"v":72.7894781333333,"d":"72.79"},{"v":72.7894781333333,"d":"72.79"}]
[628,"高压胶管","KJ13(15米）",null,null,"根",null,null,1,null,null,{"v":321.9599995,"d":"321.96"},{"v":321.9599995,"d":"321.96"}]
[629,"电源箱","KDW28-18",null,null,"台",null,null,12,null,"报废。扩播电源，设备更新，通风区库房",{"v":4837.76,"d":"4,837.76"},{"v":5805.312,"d":"5,805.31"}]
[630,"光端机","KTG113(A)",null,null,"台",null,null,3,null,"报废。设备更新",{"v":7522.125,"d":"7,522.13"},{"v":22566.375,"d":"22,566.38"}]
[631,"矿用顶板离层分站","KJ29-F",null,null,"台",null,null,8,null,"报废。系统更新，通风区库房",{"v":8119.65,"d":"8,119.65"},{"v":64957.2,"d":"64,957.20"}]
[632,"网络延伸器","KCT18",null,null,"台",null,null,2,null,"报废。设备更新，通风区库房",{"v":2200,"d":"2,200.00"},{"v":4400,"d":"4,400.00"}]
[633,"扩音话站","KT425.3",null,null,"台",null,null,19,null,"报废。设备更新，通风区库房",{"v":4247.7875,"d":"4,247.79"},{"v":8070.79625,"d":"8,070.80"}]
[634,"电源箱","KDW65",null,null,"台",null,null,1,null,"报废。进水(老南翼)，通风区库房",{"v":13982,"d":"13,982.00"},{"v":1398.2,"d":"1,398.20"}]
[635,"人员定位读卡器","KJ150A-F1",null,null,"台",null,null,21,null,"报废。主板损坏(无法维修)，通风区库房",{"v":7522.124,"d":"7,522.12"},{"v":15796.4604,"d":"15,796.46"}]
[636,"断电仪",{"$nulls":3},"台",null,null,2,null,"报废。系统更新，通风区库房",{"v":5200,"d":"5,200.00"},{"v":10400,"d":"10,400.00"}]
[637,"开停传感器",{"$nulls":3},"台",null,null,13,null,"报废。系统更新，通风区库房",{"v":442.4775,"d":"442.48"},{"v":5752.2075,"d":"5,752.21"}]
[638,"顶板离层传感器",{"$nulls":3},"台",null,null,21,null,"报废。系统更新，通风区库房",{"v":1415.929204,"d":"1,415.93"},{"v":29734.513284,"d":"29,734.51"}]
[639,"监测监控分站",{"$nulls":3},"台",null,null,2,null,"报废。系统更新，通风区库房",{"v":8119.65,"d":"8,119.65"},{"v":1623.93,"d":"1,623.93"}]
[640,"本安型监控分站","KJF130",null,null,"台",null,null,2,null,"通风区库房，水淹报废",{"v":13274,"d":"13,274.00"},{"v":2654.8,"d":"2,654.80"}]
[641,"电池","NI-MH D8000mAh\n12V",null,null,"节",null,null,27,null,"通风区库房，淘汰报废",{"v":280,"d":"280.00"},{"v":7560,"d":"7,560.00"}]
[642,"本安型监控分站","KJF130",null,null,"个",null,null,2,null,"通风区库房，水淹报废",{"v":13274.34,"d":"13,274.34"},{"v":2654.868,"d":"2,654.87"}]
[643,"四通接线盒","200A",null,null,"个",null,null,1,null,"综采区库房",585.84,585.84]
[644,"两通接线盒","200A",null,null,"个",null,null,1,null,"综采区库房",585.84,585.84]
[645,"三通接线盒","200A",null,null,"个",null,null,5,null,"综采区库房",585.84,{"v":2929.2,"d":"2,929.20"}]
[646,"两通接线盒","400A",null,null,"个",null,null,1,null,"综采区库房",{"v":1106.195,"d":"1,106.20"},{"v":1106.195,"d":"1,106.20"}]
[647,"三通接线盒","400A",null,null,"个",null,null,1,null,"综采区库房",{"v":1106.195,"d":"1,106.20"},{"v":1106.195,"d":"1,106.20"}]
[648,"单体","1.2米",null,null,"根",null,null,3,null,"综采区库房，无维修价值，报废",973.45,{"v":2920.35,"d":"2,920.35"}]
[649,"单体","0.5米",null,null,"根",null,null,1,null,"综采区库房，无维修价值，报废",796.46,796.46]
[650,"超前支架防倒油缸",{"$nulls":3},"根",null,null,3,null,"采区库房，无维修价值报废（活柱杆弯曲）",{"v":3995.575,"d":"3,995.58"},{"v":11986.725,"d":"11,986.73"}]
[651,"便携AB修补胶","170FP-SET/400",null,null,"套",null,null,41,null,"皮带栈桥下库房，报废，有效期：2021-2022年",{"v":608.40625,"d":"608.41"},{"v":24944.65625,"d":"24,944.66"}]
[652,"摇臂一轴齿轮","CON00302",null,null,"件",null,null,1,null,"皮带栈桥下库房，旧件，报废",{"v":17256.64,"d":"17,256.64"},{"v":17256.64,"d":"17,256.64"}]
[653,"摇臂二轴齿轮","CON013302",null,null,"件",null,null,1,null,"皮带栈桥下库房，旧件，报废",{"v":35044.25,"d":"35,044.25"},{"v":35044.25,"d":"35,044.25"}]
[654,"摇臂二轴端盖","CONO13302-5",null,null,"件",null,null,1,null,"皮带栈桥下库房，旧件，报废",{"v":557.522123,"d":"557.52"},{"v":557.522123,"d":"557.52"}]
[655,"闸阀","DN100",null,null,"个",null,null,8,null,"采区库房，已损坏、报废",{"v":517.69875,"d":"517.70"},{"v":4141.59,"d":"4,141.59"}]
[656,"闸阀","DN125",null,null,"个",null,null,11,null,"采区库房，已损坏、报废",{"v":769.911667,"d":"769.91"},{"v":8469.028337,"d":"8,469.03"}]
[657,"刮板机刮板",{"$nulls":3},"根",null,null,4,null,"采区库房，已损坏、报废",{"v":1061.947,"d":"1,061.95"},{"v":4247.788,"d":"4,247.79"}]
[658,"转载机刮板",{"$nulls":3},"根",null,null,2,null,"采区库房，已损坏、报废",{"v":1486.726,"d":"1,486.73"},{"v":2973.452,"d":"2,973.45"}]
[659,"闸阀","DN150",null,null,"个",null,null,1,null,"采区库房，已损坏、报废",{"v":874.336667,"d":"874.34"},{"v":874.336667,"d":"874.34"}]
[660,"特殊接链环",{"$nulls":3},"个",null,null,2,null,"综采区库房，旧，报废",{"v":3076.922857,"d":"3,076.92"},{"v":6153.845714,"d":"6,153.85"}]
[661,"接链环","GL42×146",null,null,"个",null,null,11,null,"综采区库房，旧，报废",{"v":2844.826666,"d":"2,844.83"},{"v":31293.093326,"d":"31,293.09"}]
[662,"防爆永磁发电机","FB-350-24Y",null,null,"台",null,null,3,null,"无使用地点，应该属于一个设备的一部分，1号库11号货架，报废",{"v":607.333333,"d":"607.33"},{"v":1821.999999,"d":"1,822.00"}]
[663,"输送机隔爆型三相异步电动机","YDSB-4 4KW",1015,null,"台",null,null,1,null,"2012年产品，在设备库，报废，分宜宏大",{"v":1093.5,"d":"1,093.50"},{"v":1093.5,"d":"1,093.50"}]
[664,"电机","4KW","002482",null,"台",null,null,1,null,"2010年产品，非防爆，设备库，报废",{"v":1093.5,"d":"1,093.50"},{"v":1093.5,"d":"1,093.50"}]
[665,"电机","YB2-162M-6","15006-01",null,"台",null,null,1,null,"2012年产品，报废，设备库，5.5KW",{"v":1484.5,"d":"1,484.50"},{"v":1484.5,"d":"1,484.50"}]
[666,"三相异步电动机","15KW","0200156",null,"台",null,null,1,null,"设备库，江苏大中，2012年出厂，不知道用途。报废。",{"v":4200,"d":"4,200.00"},{"v":4200,"d":"4,200.00"}]
[667,"三相异步电动机","3KW",null,null,"台",null,null,1,null,"无维修价值报废，水泵库",{"v":1093.5,"d":"1,093.50"},{"v":1093.5,"d":"1,093.50"}]
[668,"电机","无铭牌",null,null,"台",null,null,2,null,"无维修价值，四号库，旧，报废",{"v":510,"d":"510.00"},{"v":1020,"d":"1,020.00"}]
[669,"振动棒电机",{"$nulls":3},"台",null,null,3,null,"无维修价值，三号库，报废",{"v":510,"d":"510.00"},{"v":1530,"d":"1,530.00"}]
[670,"热水循环管道泵电机",{"$nulls":3},"台",null,null,1,null,"无维修价值，三号库，报废",336.28,336.28]
[671,"防爆电动机","YBK2-132M-6",null,null,"台",null,null,1,null,"供应科厂区，无维修价值，报废",{"v":1972,"d":"1,972.00"},{"v":197.2,"d":"197.20"}]
[672,"三相异步电动机","YE2-132S-4","202",null,"台",null,null,1,null,"设备库，带摆线针轮减速机，常州市南方电机有限公司，无维修价值报废。",{"v":1500,"d":"1,500.00"},{"v":150,"d":"150.00"}]
[673,"三相异步电动机",{"$nulls":3},"台",null,null,1,null,"设备库，看不清铭牌，江苏中龙电机，无维修价值报废。",{"v":1500,"d":"1,500.00"},{"v":150,"d":"150.00"}]
[674,"三相异步电动机","4KW","91231900",null,"台",null,null,1,null,"设备库，2009年出厂，无维修价值报废",{"v":1093.5,"d":"1,093.50"},109.35]
[675,"三相异步电动机","1.5KW","ZD22-4",null,"台",null,null,1,null,"设备库，无维修价值报废，南京江陵",743.59,{"v":74.359,"d":"74.36"}]
[676,"电机","TYPEY160M-4","13555",null,"台",null,null,1,null,"2013年出厂，非防爆，无维修价值报废。设备库",{"v":3335,"d":"3,335.00"},{"v":333.5,"d":"333.50"}]
[677,"电机","YE2-132S-4",null,null,"台","不知用途",null,1,null,"非防爆，带摆线针轮减速器。设备库。常州市南方电机有限公司，无维修价值报废",{"v":4867.26,"d":"4,867.26"},{"v":486.726,"d":"486.73"}]
[678,"电机","15KW","3423",null,"台",null,null,1,null,"上海速翔，无维修价值，本体锈烂。设备库。报废",{"v":4200,"d":"4,200.00"},{"v":420,"d":"420.00"}]
[679,"防爆电机","YB2-132S-4",null,null,"台",null,null,1,null,"沈阳黎明产品，2013年出厂，5.5KW，电压等级380V/660V，无维修价值报废。",{"v":1484.5,"d":"1,484.50"},148.45]
[680,"电机","YB2-160M2-2","SL1060100-002",null,"台",null,null,1,null,"15KW，2010产品不知使用用途。设备库，上海上力，报废。",{"v":4200,"d":"4,200.00"},{"v":420,"d":"420.00"}]
[681,"电机","YI-188M-4",null,null,"台",null,null,1,null,"2010年产品，无维修价值报废。18.5KW，设备库，河南黄河。",{"v":4560.25,"d":"4,560.25"},{"v":456.025,"d":"456.03"}]
[682,"电机","15KW",null,null,"台",null,null,1,null,"2000年产品，无维修价值报废，设备库，上海喜开特。",{"v":4200,"d":"4,200.00"},{"v":420,"d":"420.00"}]
[683,"电机","37KW","11664",null,"台",null,null,1,null,"山东华力机电，非防爆，2012年出厂，库存场地露天存放，无维修价值报废。",{"v":9120.5,"d":"9,120.50"},912.05]
[684,"电机","37KW","11676",null,"台",null,null,1,null,"山东华力机电，非防爆，2012年出厂，库存场地露天存放，报废。",{"v":9120.5,"d":"9,120.50"},912.05]
[685,"电机","22KW","09276",null,"台",null,null,1,null,"山东华力机电，非防爆，2012年出厂，库存场地露天存放，无维修价值报废。",{"v":5423,"d":"5,423.00"},{"v":542.3,"d":"542.30"}]
[686,"电机","22KW","24457",null,"台",null,null,1,null,"山东华力机电，非防爆，2012年出厂，库存场地露天存放，无维修价值报废。",{"v":5423,"d":"5,423.00"},{"v":542.3,"d":"542.30"}]
[687,"防爆电机","YBK2-315S-4","188",null,"台",null,null,1,null,"无锡市南方防爆，2007年出厂，380V/660V，110KW，库存场地露天存放。无维修价值报废。",{"v":33591.6666666667,"d":"33,591.67"},{"v":3359.16666666667,"d":"3,359.17"}]
[688,"防爆电机","YBK2-160M-5",null,null,"台",null,null,1,null,"2008年出厂，无锡月亮，电压等级660V/1140V，无维修价值报废，设备库。",{"v":3000,"d":"3,000.00"},{"v":300,"d":"300.00"}]
[689,"三相异步电动机","0.75KW",null,null,"台",null,null,1,null,"设备库，无维修价值报废",{"v":540,"d":"540.00"},{"v":54,"d":"54.00"}]
[690,"三相异步电动机","0.8KW",null,null,"台",null,null,1,null,"设备库，无维修价值报废，南京江陵",{"v":560,"d":"560.00"},{"v":56,"d":"56.00"}]
[691,"西门子电机","ICE0002-1AC4",null,null,"台","原主井减速机散热电机",null,2,null,"设备库，已淘汰报废，4KW，非防爆，现已替换成防爆电机。",{"v":2000,"d":"2,000.00"},{"v":400,"d":"400.00"}]
[692,"三相异步电动机","Y100-2 380V 6.4A",null,null,"台",null,null,1,null,"设备库，无维修价值报废，3KW，带泵卧式。",{"v":2802.363333,"d":"2,802.36"},{"v":280.2363333,"d":"280.24"}]
[693,"电机","ZGC-5*5",null,null,"台",null,null,1,null,"设备库，2014年产品,河北英迪电机泵业，带泵，无维修价值报废。",{"v":500,"d":"500.00"},{"v":50,"d":"50.00"}]
[694,"三相异步电动机",{"$nulls":3},"台",null,null,1,null,"设备库，无铭牌无维修价值报废，带泵（立式离心）",{"v":6465.5175,"d":"6,465.52"},{"v":646.55175,"d":"646.55"}]
[695,"三相异步电动机","4KW","91231900",null,"台",null,null,1,null,"设备库，2009年出厂，无维修价值报废",{"v":1592.92,"d":"1,592.92"},{"v":159.292,"d":"159.29"}]
[696,"三相异步电动机","1.5KW","ZD22-4",null,"台",null,null,1,null,"设备库，无维修价值报废，南京江陵",743.59,{"v":74.359,"d":"74.36"}]
[697,"防爆三相电动机","YBS-80M-2","170925141",null,"台",null,null,1,null,"设备库，2017年9月产品，无维修价值报废，上海大速，1.1KW。",775.86,{"v":77.586,"d":"77.59"}]
[698,"机头",{"$nulls":3},"套",null,null,1,null,"机头一套，2007年出厂，只有机头架和5个滚筒。炸药库",{"v":184454,"d":"184,454.00"},{"v":18445.4,"d":"18,445.40"}]
[699,"矿用隔爆兼本质安全型真空电磁起动器","QJZ2-30-1440/660V",14043860,null,"台",null,null,1,null,"2014年出厂，无维修价值，淮南万泰。可作为配件开关。",{"v":1970,"d":"1,970.00"},{"v":120.513333333333,"d":"120.51"}]
[700,"矿用隔爆兼本质安全性可编程控制箱","KXJ3-127",null,null,"台",null,null,1,null,"2018年出厂，智能化建设淘汰下来设备",{"v":58119.66,"d":"58,119.66"},{"v":3555.42840548222,"d":"3,555.43"}]
[701,"矿用隔爆兼本质安全型真空电磁起动器","QJZ2-315-1440/660V",1205721,null,"台",null,null,1,null,"2012年出厂，电光，无通信，淘汰，通电后不能启动",{"v":14945,"d":"14,945.00"},448.35]
[702,"组合开关","KXJ-80/1140/660",null,null,"台",null,null,1,null,"江苏五洋，在库房门口，防爆外壳锈蚀严重，报废",{"v":42920.3525,"d":"42,920.35"},{"v":1287.61,"d":"1,287.61"}]
[703,"矿用隔爆型照明信号综合保护装置  ","ZBZ-4.0/1140(660)M",null,null,"台",null,null,4,null,null,{"v":2863.24,"d":"2,863.24"},{"v":343.6,"d":"343.60"}]
[704,"矿用隔爆型煤电钻综合保护装置","ZBZ-4.0/1140(660)-Z",null,null,"台",null,null,5,null,null,{"v":2478.63,"d":"2,478.63"},390.75]
[705,"矿用隔爆型煤电钻综合保护装置","BAZ-4.0/1140(660)-Z",null,null,"台",null,null,1,null,"设备库，淘汰设备",{"v":2863.24,"d":"2,863.24"},{"v":343.6,"d":"343.60"}]
[706,"矿用隔爆照明变压器板胡装置","ZBZ-2.5/660（380）M",null,null,"台",null,null,4,null,"设备库，淘汰设备",{"v":2500,"d":"2,500.00"},{"v":343.6,"d":"343.60"}]
[707,"风门控制箱","KX1140",null,null,"台",null,null,2,null,null,{"v":11500,"d":"11,500.00"},{"v":689.999862000028,"d":"690.00"}]
[708,"隔爆型真空电磁起动器","QBZ-2×120",null,null,"台",null,null,1,null,null,{"v":16666.67,"d":"16,666.67"},{"v":500,"d":"500.00"}]
[709,"高压起动器","QBG250-400",null,null,"台",null,null,5,null,null,{"v":54273.5,"d":"54,273.50"},{"v":8141.05,"d":"8,141.05"}]
[710,"矿用隔爆型电控箱（束管专用）","KXB1-1.0",null,null,"台",null,null,4,null,null,{"v":11500,"d":"11,500.00"},{"v":1276.94864528432,"d":"1,276.95"}]
[711,"矿用隔爆型照明信号综合保护装置  ","ZBZ-4.0/660(1140)",20093,null,"台",null,null,1,null,"2020.9，产品淘汰报废，综采区领用",{"v":3020.56,"d":"3,020.56"},83.85]
[712,"矿用隔爆兼本质安全型真空电磁起动器","QJZ2-30/1140(660)","14043861",null,"台",null,null,1,null,"2014.4，综采区库房，无维修价值报废",{"v":2823.89,"d":"2,823.89"},{"v":120.513333333333,"d":"120.51"}]
[713,"矿用隔爆型照明信号综合保护装置","ZBZ-2.5/1140(660)","13055088",null,"台",null,null,1,null,"2013.5，淘汰报废",{"v":2500,"d":"2,500.00"},83.85]
[714,"矿用隔爆型潜水电泵","无铭牌",null,null,"台",null,null,1,null,"设备库，无维修价值报废。",{"v":2300,"d":"2,300.00"},{"v":230,"d":"230.00"}]
[715,"风泵","无铭牌",null,null,"台",null,null,1,null,"设备库，无维修价值报废。",{"v":1415.93,"d":"1,415.93"},{"v":141.593,"d":"141.59"}]
[716,"风泵",{"$nulls":3},"个",null,null,9,null,"材料棚，旧，无维修价值，报废",{"v":659.803636,"d":"659.80"},{"v":593.8232724,"d":"593.82"}]
[717,"矿用风动潜水泵","FQW15-50K",null,null,"台",null,null,1,null,"四号库，旧，无维修价值，报废",{"v":611.784,"d":"611.78"},{"v":61.1784,"d":"61.18"}]
[718,"污水污物潜水泵","30KW",null,null,"台",null,null,1,null,"设备库，泵壳损坏，无维修价值，报废",{"v":10256.41,"d":"10,256.41"},{"v":1025.641,"d":"1,025.64"}]
[719,"潜水污物潜水泵","1.5KW",null,null,"台",null,null,1,null,"设备库，旧，无维修价值，报废",{"v":1551.72,"d":"1,551.72"},{"v":155.172,"d":"155.17"}]
[720,"潜水泵","无铭牌，约1.5KW",null,null,"台",null,null,1,null,"设备库，旧，无维修价值，报废",{"v":1521.16,"d":"1,521.16"},{"v":152.116,"d":"152.12"}]
[721,"潜水泵","1.5KW",null,null,"台",null,null,1,null,"设备库，旧，无维修价值，报废",{"v":1551.72,"d":"1,551.72"},{"v":155.172,"d":"155.17"}]
[722,"潜水泵","0.75KW",null,null,"台",null,null,1,null,"设备库，旧，无维修价值，报废",796.46,{"v":79.646,"d":"79.65"}]
[723,"潜水泵","1.5KW",null,null,"台",null,null,1,null,"设备库，旧，无维修价值，报废",{"v":1521.16,"d":"1,521.16"},{"v":152.116,"d":"152.12"}]
[724,"排污泵","无铭牌",null,null,"台",null,null,1,null,"设备库，旧，无维修价值，报废",{"v":2300,"d":"2,300.00"},{"v":230,"d":"230.00"}]
[725,"排污泵","WQK-50-10-4S",null,null,"台",null,null,1,null,"设备库，旧，无维修价值，报废",{"v":2581.455172,"d":"2,581.46"},{"v":258.1455172,"d":"258.15"}]
[726,"三相无堵塞排污泵","WQ12-15-1.5",null,null,"台",null,null,1,null,"设备库，旧，无维修价值，报废",{"v":1521.16,"d":"1,521.16"},{"v":152.116,"d":"152.12"}]
[727,"轻型立式多级离心泵","CDL12-4",null,null,"台",null,null,4,null,"设备库，旧，现无使用地点，报废",{"v":3185.84,"d":"3,185.84"},{"v":1274.336,"d":"1,274.34"}]
[728,"污水污物泵","3KW",null,null,"台",null,null,1,null,"设备库，旧，无维修价值，报废",{"v":2654.87,"d":"2,654.87"},{"v":265.487,"d":"265.49"}]
[729,"污水污物泵","2.2KW",null,null,"台",null,null,2,null,"设备库，旧，无维修价值，报废",{"v":2300,"d":"2,300.00"},{"v":460,"d":"460.00"}]
[730,"单相多级潜水泵","1.5KW",null,null,"台",null,null,6,null,"设备库，旧，无维修价值，报废",{"v":1551.72,"d":"1,551.72"},{"v":931.032,"d":"931.03"}]
[731,"潜水泵","约3KW，无铭牌",null,null,"台",null,null,2,null,"设备库，旧，无维修价值，报废",{"v":2654.87,"d":"2,654.87"},{"v":530.974,"d":"530.97"}]
[732,"潜水泵","约1.5KW，无铭牌",null,null,"台",null,null,1,null,"设备库，旧，无维修价值，报废",{"v":1521.16,"d":"1,521.16"},{"v":152.116,"d":"152.12"}]
[733,"排沙泵","约9KW，无铭牌",null,null,"台",null,null,1,null,"设备库，旧，无维修价值，报废",{"v":2522.123333,"d":"2,522.12"},{"v":252.2123333,"d":"252.21"}]
[734,"单螺杆泵","G50-7 7.5KW",null,null,"台",null,null,2,null,"设备库，旧，锅炉房淘汰下来，报废",{"v":3982.3,"d":"3,982.30"},796.46]
[735,"高压软启动器","KGJR-200/10",null,null,"台","原主排水泵房，主排水泵配套使用",null,4,null,"主排水泵房淘汰下来，井下使用时未起到软启作用，一直是旁路直起，维修价值不大报废",{"v":54273.5,"d":"54,273.50"},{"v":9264.78070557515,"d":"9,264.78"}]
[736,"矿用一般型低压柜","KYDZ-1",null,null,"台",null,null,3,null,"主排水泵房改造替换下来，本矿井下淘汰，无价值报废",{"v":24145.27,"d":"24,145.27"},{"v":3091.29637337148,"d":"3,091.30"}]
[737,"低压柜","XL-21",null,null,"台",null,null,3,null,"原上山彩钢房内安装，基坑降水使用，无维修价值报废",{"v":32159.71,"d":"32,159.71"},{"v":4117.37764339261,"d":"4,117.38"}]
[738,"软启柜","XHZR-200",null,null,"台",null,null,1,null,"原上山彩钢房内安装，基坑降水使用，无维修价值报废",{"v":28205.12,"d":"28,205.12"},{"v":1203.69172604693,"d":"1,203.69"}]
[739,"操作台",{"$nulls":3},"台",null,null,3,null,"本矿淘汰下来，无维修价值报废",{"v":1724.14,"d":"1,724.14"},{"v":517.242,"d":"517.24"}]
[740,"矿用一般型低压柜（PLC柜）","GKD",null,null,"台",null,null,1,null,null,{"v":58500,"d":"58,500.00"},{"v":2496.56679261585,"d":"2,496.57"}]
[741,"摆线针轮减速器","BWY4527-187-11KW","200320Y1898",null,"台","筛分车间手选胶带机",null,1,null,null,{"v":30000,"d":"30,000.00"},{"v":3000,"d":"3,000.00"}]
["合计",{"$nulls":11},{"$f":"SUM(M3:M743)","v":{"v":3797116.52910715,"d":"3,797,116.53"}}]